{"text_format":"1","workbook":"xlsx","n_sheets":2,"sheets":["PRODUKTY","DOPLNKY + IZOLANTY 2024 "],"not_rendered":{"charts":0,"images":6,"macros":1,"external_links":0,"defined_names":5,"comments":0,"pivot_tables":0},"unopened":[],"bounds":{"document_bytes":16777216,"sheet_cells":100000,"rows_first":2000,"rows_last":500,"rows_between":2000,"halvings":0,"cell_chars":16384,"cell_head_chars":4096},"cells_cut":0,"cells_raw":0,"read":"whole","date_system":"1900"}

{"sheet":"PRODUKTY","index":0,"n_rows":626,"n_cols":13,"rows_kept":626,"cut":false,"hidden":false,"merged":[[131,2,131,3],[5,7,5,8],[5,9,5,10],[5,11,6,11],[5,12,6,12],[5,0,6,3],[5,6,6,6],[5,4,6,5],[18,2,18,2],[45,2,46,2]]}
[]
[null,"ANO"]
[null,"NE"]
[]
["Predaj stavebných hmôt"]
["Názov materiálu",null,null,null,"Balenie MJ",null,"Paleta (kg)","Cena v €\nbez DPH ",null,"Cena v €\nvr. DPH",null,"Silo","Dodacia lehota na vyžiadanie"]
[null,null,null,null,null,null,null,"Balenie","za MJ","Balenie","za MJ"]
[null,null,"Doplnkové info","Doplnkové info"]
["CONSTRUCTION SYSTEM"]
["SUROVINY",null,null,null,null,null,null,null,"1 tona",null,"1 tona"]
[1000,"NEHASENÉ VÁPNO",null,null,25,"kg",1200,{"$f":"(I11/1000)*E11","v":17.625},705,{"$f":"H11*1.2","v":21.15},{"$f":"I11*1.2","v":846},null,"ANO"]
[1010,"VÁPENNÝ HYDRÁT",null,null,20,"kg",800,{"$f":"(I12/1000)*E12","v":11.639999999999999},582,{"$f":"H12*1.2","v":13.967999999999998},{"$f":"I12*1.2","v":698.4}]
["BETÓNY",null,null,null,null,null,null,null,"1 tona",null,"1 tona"]
[1120,"BETÓN 20MPa 4mm ",null,"C 16/20",25,"kg",1200,{"$f":"(I14/1000)*E14","v":4.5249999999999995},181,{"$f":"H14*1.2","v":5.4299999999999988},{"$f":"I14*1.2","v":217.2},"ANO"]
[1125,"BETÓN 25MPa 4mm ",null,"C 20/25",25,"kg",1200,{"$f":"(I15/1000)*E15","v":5.0500000000000007},202,{"$f":"H15*1.2","v":6.0600000000000005},{"$f":"I15*1.2","v":242.39999999999998},"ANO"]
[1128,"BETÓN 20MPa 8mm   Do vypredania zásob ",null,"C 16/20",25,"kg",1200,4.7249999999999996,189,5.669999999999999,226.79999999999998]
[1130,"BETÓN 30MPa 4mm ",null,"C 25/30",25,"kg",1200,6.125,245,7.35,294,"ANO"]
[1138,"BETÓN 30MPa 8mm ",null,"C 25/30",25,"kg",1200,5.5250000000000004,221,6.63,265.2]
[1185,"BETÓN PREFA 30MPa",null,"C 25/30",25,"kg",1200,5.875,235,7.05,282]
["MUROVACIE MALTY",null,null,null,null,null,null,null,"1 tona",null,"1 tona"]
[1300,"UNI MALTA 2,5MPa ",null,null,25,"kg",1200,{"$f":"(I21/1000)*E21","v":5.4375},217.5,{"$f":"H21*1.2","v":6.5249999999999995},{"$f":"I21*1.2","v":261}]
[1305,"MUROVACIA MALTA 5MPa  ",null,null,25,"kg",1200,{"$f":"(I22/1000)*E22","v":4.25},170,{"$f":"H22*1.2","v":5.0999999999999996},{"$f":"I22*1.2","v":204},"ANO"]
[1306,"MUROVACIA MALTA JEMNÁ 5MPa",null,null,25,"kg",1200,4.3999999999999995,176,5.2799999999999994,211.2,"ANO"]
[1310,"MUROVACIA MALTA 10MPa",null,null,25,"kg",1200,4.8624999999999998,194.5,5.835,233.39999999999998,"ANO"]
[1315,"MUROVACIA MALTA 15MPa",null,null,25,"kg",1200,6.75,270,8.1,324]
[1320,"MUROVACIA MALTA 20MPa",null,null,25,"kg",1200,9.0749999999999993,363,10.889999999999999,435.59999999999997]
[1351,"MUROVACIAMALTA 5MPa ",null,null,25,"kg",1200,7.8250000000000002,313,9.39,375.59999999999997]
[1352,"MUROVACIA MALTA 10MPa ",null,null,25,"kg",1200,10.15,406,12.18,487.2,null,"ANO"]
[1353,"MUROVACIA MALTA 10MPa   Do vyprodania zásob ",null,null,20,"kg",1000,15.120000000000001,756,18.144000000000002,907.19999999999993,null,"ANO"]
[1354,"ZAKLADACIA MALTA 10MPa   Do vypredania zásob ",null,null,25,"kg",1200,8.1,324,9.7199999999999989,388.8,null,"ANO"]
["MUROVACIE MALTY",null,null,null,null,null,null,null,"Paleta",null,"Paleta"]
[1370,"SUPERTHERM",null,null,28.5,"l","40 ks",{"$f":"(I32/600)*15","v":8},320,9.6,384,null,"ANO"]
[1371,"SUPERTHERM",null,null,20,"kg",1000,{"$f":"(I33/1000)*E33","v":10.4},520,12.48,624,null,"ANO"]
[null,"Orientačné hmotnosti balenia (vrecel/paleta): 1370 - cca. 15 kg / cca. 600 kg"]
["SPOJOVACÍ MOSTÍK",null,null,null,null,null,null,null,"1 tona",null,"1 tona"]
[1500,"KONTAKT CEMENT ",null,null,25,"kg",1200,{"$f":"(I36/1000)*E36","v":56.75},2270,{"$f":"H36*1.2","v":68.099999999999994},{"$f":"I36*1.2","v":2724},null,"ANO"]
["REPROFILÁCIE",null,null,null,null,null,null,null,"1 tona",null,"1 tona"]
["1600","ANTIKORÓZNY NÁTER ",null,null,5,"kg",360,{"$f":"(I38/1000)*E38","v":31.92},6384,{"$f":"H38*1.2","v":38.304000000000002},{"$f":"I38*1.2","v":7660.7999999999993},null,"ANO"]
["1610","OPRAVNÁ MALTA R3 ",null,null,25,"kg",1050,{"$f":"(I39/1000)*E39","v":30},1200,{"$f":"H39*1.2","v":36},{"$f":"I39*1.2","v":1440},null,"ANO"]
["1620","OPRAVNÁ MALTA R3      Do vypredania zásob ",null,null,25,"kg",1050,{"$f":"(I40/1000)*E40","v":26.25},1050,31.5,1260,null,"ANO"]
["1640","OPRAVNÁ MALTA JEMNÁ",null,null,25,"kg",1050,31.4,1256,37.68,1507.2,null,"ANO"]
["1650","OPRAVNÁ MALTA R4 ",null,null,25,"kg",1050,35.675000000000004,1427,42.81,1712.3999999999999,null,"ANO"]
["HYDROIZOLAČNÉ HMOTY",null,null,null,null,null,null,null,"1 kg",null,"1 kg"]
["1911","AQUASTOP HARD ",null,null,24,"kg",1008,{"$f":"(I44*E44)","v":48},2,{"$f":"H44*1.2","v":57.599999999999994},{"$f":"I44*1.2","v":2.4},null,"ANO"]
["1920","AQUASTOP CRYSTAL",null,null,5,"kg",360,{"$f":"(I45*E45)","v":55},11,{"$f":"H45*1.2","v":66},{"$f":"I45*1.2","v":13.2},null,"ANO"]
["1930","AQUASTOP BITUM 2K    Do vypredania zásob ","ZMENA BALENIA",null,28,"kg",504,140,5,168,6,null,"ANO"]
["1930","AQUASTOP BITUM 2K",null,null,32,"kg",576,160,5,192,6,null,"ANO"]
["1940","AQUASTOP ELASTIC 2K    Do vypredania zásob ",null,null,4,"kg",144,16.399999999999999,4.0999999999999996,19.679999999999996,4.919999999999999,null,"ANO"]
["1940","AQUASTOP ELASTIC 2K ",null,null,8,"kg",576,40.799999999999997,5.0999999999999996,48.959999999999994,6.1199999999999992,null,"ANO"]
["1940","AQUASTOP ELASTIC 2K ",null,null,20,"kg",360,93.6,4.68,112.32,5.6159999999999997,null,"ANO"]
[1990,"AQUASTOP INJECT","(balenie: 0,5 L)",null,1,"ks",null,{"$f":"(I51/2)","v":31.6},63.2,37.92,75.84,null,"ANO"]
[1990,"AQUASTOP INJECT",null,null,10,"l",null,{"$f":"(I52*E52)","v":392.8},39.28,471.36,47.136000000000003,null,"ANO"]
["FACADE SYSTEM"]
["OMIETKY",null,null,null,null,null,null,null,"1 tona",null,"1 tona"]
[2000,"CEMENTOVÝ PREDNÁSTREK",null,null,25,"kg",1200,{"$f":"(I55/1000)*E55","v":6.3},252,{"$f":"H55*1.2","v":7.56},{"$f":"I55*1.2","v":302.39999999999998}]
[2010,"OMIETKA RUČNÁ ",null,null,25,"kg",1200,{"$f":"(I56/1000)*E56","v":4.8375000000000004},193.5,{"$f":"H56*1.2","v":5.8050000000000006},{"$f":"I56*1.2","v":232.2},"ANO"]
[2011,"OMIETKA RUČNÁ JEMNÁ",null,null,25,"kg",1200,5.7750000000000004,231,6.9300000000000006,277.2]
[2020,"OMÍIETKA STROJOVÁ ",null,null,25,"kg",1200,4.9875000000000007,199.5,5.9850000000000003,239.39999999999998,"ANO"]
[2030,"SOKLOVÁ OMIETKA RUČNÁ",null,null,25,"kg",1200,7.75,310,9.2999999999999989,372]
[2040,"OMIETKA ĽAHČENÁ ",null,null,25,"kg",1200,8.5,340,10.199999999999999,408,null,"ANO"]
[2050,"JEDNOVRSTVOVÁ ĽAHČENÁ OMIETKA",null,null,25,"kg",1200,6.25,250,7.5,300,"ANO","ANO"]
["OMIETKY",null,null,null,null,null,null,null,"Paleta",null,"Paleta"]
[2070,"SUPERTHERM",null,null,28.5,"l","40 ks",{"$f":"(I63/40)","v":8.6},344,10.319999999999999,412.8,null,"ANO"]
[2080,"SUPERTHERM",null,null,28.5,"l","40 ks",{"$f":"(I64/40)","v":10.6},424,12.719999999999999,508.79999999999995,null,"ANO"]
[null,"Orientačná hmotnosť balenia (vrece/paleta): 2070 cca. 10kg/cca. 400kg; 2080 cca. 8kg/cca. 320kg"]
["TMELY",null,null,null,null,null,null,null,"1 tona",null,"1 tona"]
[2210,"LEPIACA STIERKA ŠTANDARD",null,null,25,"kg",1200,{"$f":"(I67/1000)*E67","v":9.1750000000000007},367,{"$f":"H67*1.2","v":11.01},{"$f":"I67*1.2","v":440.4}]
[2220,"LEPIACA STIERKA PROFI   Do vypredania zásob ",null,null,25,"kg",1200,{"$f":"(I68/1000)*E68","v":15.174999999999999},607,{"$f":"H68*1.2","v":18.209999999999997},{"$f":"I68*1.2","v":728.4},null,"ANO"]
[2230,"LEPIACA STIERKA TOP",null,null,25,"kg",1200,12.5,500,15,600]
[2231,"LEPIACA STIERKA TOP","S vláknom",null,25,"kg",1200,15.5,620,18.599999999999998,744,null,"ANO"]
[2231,"LEPIACA STIERKA TOP","Zimná recp.s vláknom",null,25,"kg",1200,15.7,628,18.84,753.6,null,"ANO"]
[2240,"LEPIACA STIERKAA FIX",null,null,25,"kg",1200,23.625,945,28.349999999999998,1134,null,"ANO"]
[2250,"LEPIACA STIERKA WOOD   Do vypredania zásob ",null,null,25,"kg",1200,30.725000000000001,1229,36.869999999999997,1474.8,null,"ANO"]
[2260,"LEPIACA STIERKA DIFU",null,null,25,"kg",1200,32.200000000000003,1288,38.64,1545.6]
[2270,"LEPIACA STIERKA DISPERZNÁ",null,null,25,"kg",600,85.524999999999991,3421,102.62999999999998,4105.2,null,"ANO"]
["DOPLNKY",null,null,null,null,null,null,null,"KUS",null,"KUS"]
[2400,"ZIMNÁ PRÍSADA COOL",null,null,1,"ks",null,10.8,10.8,{"$f":"H77*1.2","v":12.96},{"$f":"I77*1.2","v":12.96}]
[2401,"DECOR ŠABLÓNA TEHLA",null,"103,5 x 88 cm",1,"ks",null,null,15.8,null,{"$f":"I78*1.2","v":18.96},null,"ANO"]
[2402,"DECOR ŠABLÓNA TEHLOVÉ NÁROŽIE",null,"28 x 93,5 cm",1,"ks",null,null,11.6,null,13.92,null,"ANO"]
[2403,"DECOR ŠABLÓNA KAMEŇ POLYGONÁLNY",null,"103,5 x 89,5 cm",1,"ks",null,null,15.8,null,18.96,null,"ANO"]
[2404,"DECOR ŠABLÓNA PRÍRODNÝ KAMEŇ PLOCHÝ",null,"98,2 x 68,2 cm",1,"ks",null,null,15.8,null,18.96,null,"ANO"]
["DOPLNKY",null,null,null,null,null,null,null,"1 kg",null,"1 kg"]
[2405,"DECOR GLITR ","dekoratívne trblietky čierne",null,5,"kg",null,{"$f":"(I83*E83)","v":39},7.8,{"$f":"H83*1.2","v":46.8},9.36,null,"ANO"]
[2406,"DECOR SĽUDA","odtieň svetlá","1 - 3 mm",2,"kg",null,{"$f":"(I84*E84)","v":30.5},15.25,{"$f":"H84*1.2","v":36.6},18.3,null,"ANO"]
[2406,"DECOR SĽUDA","odtieň svetlá","5 - 10 mm",2,"kg",null,41.6,20.8,49.92,24.96,null,"ANO"]
[2406,"DECOR SĽUDA","odtieň čierna","1 - 3 mm",2,"kg",null,41.6,20.8,49.92,24.96,null,"ANO"]
[2406,"DECOR SĽUDA","odtieň čierna","5 - 10 mm",2,"kg",null,48.2,24.1,57.84,28.92,null,"ANO"]
["DOPLNKY",null,null,null,null,null,null,null,"KUS",null,"KUS"]
[2410,"MAGIC DECOR PODVALEK \"WOOD\" ","malý",null,1,"ks",null,{"$f":"E89*I89","v":28},28,33.6,33.6,null,"ANO"]
[2410,"MAGIC DECOR PODVALEK \"WOOD\" ","veľký",null,1,"ks",null,72.5,72.5,87,87,null,"ANO"]
["DOPLNKY",null,null,null,null,null,null,null,"1 bm",null,"1 bm"]
[2412,"VÝZTUŽNÁ TKANINA VS 160 A",null,null,55,"m2",null,70.95,1.29,{"$f":"H92*1.2","v":85.14},{"$f":"I92*1.2","v":1.548},null,"ANO"]
[2413,"VÝZTUŽNÁ TKANINA VS 145 B",null,null,50,"m2",null,46,0.92,{"$f":"H93*1.2","v":55.199999999999996},{"$f":"I93*1.2","v":1.1040000000000001},null,"ANO"]
[2414,"VÝZTUŽNÁ TKANINA R 267",null,null,50,"m2",null,200,4,240,4.8,null,"ANO"]
[2415,"VÝZTUŽNÁ TKANINA R 85",null,null,55,"m2",null,69.3,1.26,83.16,1.512,null,"ANO"]
["PENETRÁCIE",null,null,null,null,null,null,null,"1 kg",null,"1 kg"]
[2610,"PENETRÁCIA PREFARBENÁ",null,"odtieň: modrá",24,"kg",576,{"$f":"(I97*E97)","v":71.52},2.98,{"$f":"H97*1.2","v":85.823999999999998},{"$f":"I97*1.2","v":3.5760000000000001}]
[2610,"PENETRÁCIA PREFARBENÁ",null,"odtieň: zelená",24,"kg",576,{"$f":"(I98*E98)","v":71.52},2.98,{"$f":"H98*1.2","v":85.823999999999998},{"$f":"I98*1.2","v":3.5760000000000001}]
[2610,"PENETRÁCIA PREFARBENÁ",null,"odtieň: žltá",24,"kg",576,71.52,2.98,85.823999999999998,3.5760000000000001]
[2610,"PENETRÁCIA PREFARBENÁ",null,"odtieň: oranžová",24,"kg",576,71.52,2.98,85.823999999999998,3.5760000000000001]
[2610,"PENETRÁCIA PREFARBENÁ",null,"odtieň: červená",24,"kg",576,71.52,2.98,85.823999999999998,3.5760000000000001]
[2610,"PENETRÁCIA PREFARBENÁ",null,"odtieň: okrová",24,"kg",576,71.52,2.98,85.823999999999998,3.5760000000000001]
[2610,"PENETRÁCIA PREFARBENÁ",null,"odtieň: hnedá",24,"kg",576,71.52,2.98,85.823999999999998,3.5760000000000001]
[2610,"PENETRÁCIA PREFARBENÁ",null,"odtieň: sivá",24,"kg",576,71.52,2.98,85.823999999999998,3.5760000000000001]
[2610,"PENETRÁCIA PREFARBENÁ",null,"odtieň: biela",24,"kg",576,71.52,2.98,85.823999999999998,3.5760000000000001]
[2610,"PENETRÁCIA PREFARBENÁ",null,"odtieň: modrá",8,"kg",576,23.84,2.98,28.608000000000001,3.5760000000000001]
[2610,"PENETRÁCIA PREFARBENÁ",null,"odtieň: zelená",8,"kg",576,23.84,2.98,28.608000000000001,3.5760000000000001]
[2610,"PENETRÁCIA PREFARBENÁ",null,"odtieň: žltá",8,"kg",576,23.84,2.98,28.608000000000001,3.5760000000000001]
[2610,"PENETRÁCIA PREFARBENÁ",null,"odtieň: oranžová",8,"kg",576,23.84,2.98,28.608000000000001,3.5760000000000001]
[2610,"PENETRÁCIA PREFARBENÁ",null,"odtieň: červená",8,"kg",576,23.84,2.98,28.608000000000001,3.5760000000000001]
[2610,"PENETRÁCIA PREFARBENÁ",null,"odtieň: okrová",8,"kg",576,23.84,2.98,28.608000000000001,3.5760000000000001]
[2610,"PENETRÁCIA PREFARBENÁ",null,"odtieň: hnedá",8,"kg",576,23.84,2.98,28.608000000000001,3.5760000000000001]
[2610,"PENETRÁCIA PREFARBENÁ",null,"odtieň: sivá",8,"kg",576,23.84,2.98,28.608000000000001,3.5760000000000001]
[2610,"PENETRÁCIA PREFARBENÁ",null,"odtieň: biela",8,"kg",576,23.84,2.98,28.608000000000001,3.5760000000000001]
[2610,"PENETRÁCIA PREFARBENÁ","Tónovateľná",null,24,"kg",576,78.960000000000008,3.29,94.75200000000001,3.948]
[2610,"PENETRÁCIA PREFARBENÁ","Tónovateľná",null,8,"kg",576,26.32,3.29,31.584,3.948]
[2612,"PENETRÁCIA POD SILIKÁT","Tónovateľná",null,24,"kg",576,80.400000000000006,3.35,96.48,4.0199999999999996]
[2612,"PENETRÁCIA POD SILIKÁT","Tónovateľná",null,8,"kg",576,26.8,3.35,32.159999999999997,4.0199999999999996]
[2613,"PENETRÁCIA ZÁKLADNÁ ",null,null,10,"kg",0,59.1,5.91,70.92,7.0919999999999996]
[2613,"PENETRÁCIA ZÁKLADNÁ ",null,null,5,"kg",0,29.55,5.91,35.46,7.0919999999999996]
[2614,"PENETRÁCIA HĹBKOVÁ",null,null,10,"kg",0,62.1,6.21,74.52,7.452]
[2614,"PENETRÁCIA HĹBKOVÁ",null,null,5,"kg",0,31.05,6.21,37.26,7.452]
[2620,"PENETRÁCIA POD MOZAIKOVÉ OMIETKY","základná biela ",null,24,"kg",576,107.28,4.47,128.73599999999999,5.3639999999999999]
[2620,"PENETRÁCIA POD MOZAIKOVÉ OMIETKY","základná biela ",null,8,"kg",576,35.76,4.47,42.911999999999999,5.3639999999999999]
[2620,"PENETRÁCIA POD MOZAIKOVÉ OMIETKY","Tónovateľná",null,24,"kg",576,128.16,5.34,153.792,6.4079999999999995]
[2620,"PENETRÁCIA POD MOZAIKOVÉ OMIETKY","Tónovateľná",null,8,"kg",576,42.72,5.34,51.263999999999996,6.4079999999999995]
["OMIETKY A PASTY",null,null,null,null,null,null,null,"1 tona",null,"1 tona"]
[2701,"VONKAJŠÍ ŠTUK",null,null,25,"kg",1200,{"$f":"(I128/1000)*E128","v":7.5},300,{"$f":"H128*1.2","v":9},{"$f":"I128*1.2","v":360}]
[2702,"VONKAJŠÍŠTUK JEMNÝ ",null,null,25,"kg",1200,{"$f":"(I129/1000)*E129","v":7.7249999999999996},309,{"$f":"H129*1.2","v":9.27},{"$f":"I129*1.2","v":370.8}]
[2705,"VONKAJŠÍ ŠTUK HRUBÝ BIELY   Do vypredania zásob ",null,null,25,"kg",1200,9.0749999999999993,363,10.889999999999999,435.59999999999997,null,"ANO"]
[2709,"VÁPENNÁ OMIETKA",null,null,25,"kg",1200,6.5,260,7.8,312,null,"ANO"]
[2710,"FLEXI ŠTUK S VLÁKNOM","vysoko polymérom modif. plastická omietka",null,25,"kg",1200,11.225,449,13.469999999999999,538.79999999999995]
[2711,"FLEXI ŠTUK S VLÁKNOM ",null,null,25,"kg",1200,12.275,491,14.73,589.19999999999993]
[2720,"MINERÁLNA OMITKA    Do vypredania zásob ",null,null,25,"kg",1200,24.75,990,29.7,1188]
[2720,"MINERÁLNA OMIETKA    Do vypredánia zásob ",null,null,25,"kg",1200,24.75,990,29.7,1188]
[2720,"MINERÁLNA OMIETKA    Do vypredánia zásob ",null,null,25,"kg",1200,24.75,990,29.7,1188]
["OMIETKY A PASTY",null,null,null,null,null,null,null,"1 kg",null,"1 kg"]
[2721,"SILIKONOVÁ OMIETKA ",null,"bezpríplatkový odtieň",25,"kg",600,67,2.68,80.399999999999991,3.2160000000000002]
[2721,"SILIKONOVÁ OMIETKA ",null,"bezpríplatkový odtieň",25,"kg",600,67,2.68,80.399999999999991,3.2160000000000002]
[2721,"SILIKONOVÁ OMIETKA ",null,"bezpríplatkový odtieň",25,"kg",600,67,2.68,80.399999999999991,3.2160000000000002]
[2721,"SILIKONOVÁ OMIETKA ",null,"bezpríplatkový odtieň",25,"kg",600,67,2.68,80.399999999999991,3.2160000000000002]
[2721,"SILIKONOVÁ OMIETKA ",null,"bezpríplatkový odtieň",25,"kg",600,67,2.68,80.399999999999991,3.2160000000000002]
[2721,"SILIKONOVÁ OMIETKA ",null,"bezpríplatkový odtieň",25,"kg",600,67,2.68,80.399999999999991,3.2160000000000002]
[2721,"SILIKONOVÁ OMIETKA ",null,"bezpríplatkový odtieň",25,"kg",600,67,2.68,80.399999999999991,3.2160000000000002]
[2721,"SILIKONOVÁ OMIETKA ",null,"príplatok 1; odtieň",25,"kg",600,77.25,3.09,92.7,3.7079999999999997]
[2721,"SILIKONOVÁ OMIETKA ",null,"príplatok 1; odtieň",25,"kg",600,77.25,3.09,92.7,3.7079999999999997]
[2721,"SILIKONOVÁ OMIETKA ",null,"príplatok 1; odtieň",25,"kg",600,77.25,3.09,92.7,3.7079999999999997]
[2721,"SILIKONOVÁ OMIETKA ",null,"príplatok 1; odtieň",25,"kg",600,77.25,3.09,92.7,3.7079999999999997]
[2721,"SILIKONOVÁ OMIETKA ",null,"príplatok 1; odtieň",25,"kg",600,77.25,3.09,92.7,3.7079999999999997]
[2721,"SILIKONOVÁ OMIETKA ",null,"príplatok 1; odtieň",25,"kg",600,77.25,3.09,92.7,3.7079999999999997]
[2721,"SILIKONOVÁ OMIETKA ",null,"príplatok 1; odtieň",25,"kg",600,{"$f":"E151*I151","v":77.25},3.09,92.7,3.7079999999999997]
[2721,"SILIKONOVÁ OMIETKA ",null,"príplatok 2; odtieň",25,"kg",600,98.5,3.94,118.19999999999999,4.7279999999999998]
[2721,"SILIKONOVÁ OMIETKA ",null,"príplatok 2; odtieň",25,"kg",600,98.5,3.94,118.19999999999999,4.7279999999999998]
[2721,"SILIKONOVÁ OMIETKA ",null,"príplatok 2; odtieň",25,"kg",600,98.5,3.94,118.19999999999999,4.7279999999999998]
[2721,"SILIKONOVÁ OMIETKA ",null,"príplatok 2; odtieň",25,"kg",600,98.5,3.94,118.19999999999999,4.7279999999999998]
[2721,"SILIKONOVÁ OMIETKA ",null,"príplatok 2; odtieň",25,"kg",600,98.5,3.94,118.19999999999999,4.7279999999999998]
[2721,"SILIKONOVÁ OMIETKA ",null,"príplatok 2; odtieň",25,"kg",600,98.5,3.94,118.19999999999999,4.7279999999999998]
[2721,"SILIKONOVÁ OMIETKA ",null,"príplatok 2; odtieň",25,"kg",600,98.5,3.94,118.19999999999999,4.7279999999999998]
[2721,"SILIKONOVÁ OMIETKA ",null,"individuálny odtieň",25,"kg",600,"podľa","individuálnej","kalkulácie"]
[2721,"SILIKONOVÁ OMIETKA ",null,"individuálny odtieň",25,"kg",600,"podľa","individuálnej","kalkulácie"]
[2721,"SILIKONOVÁ OMIETKA ",null,"individuálny odtieň",25,"kg",600,"podľa","individuálnej","kalkulácie"]
[2721,"SILIKONOVÁ OMIETKA ",null,"individuálny odtieň",25,"kg",600,"podľa","individuálnej","kalkulácie"]
[2721,"SILIKONOVÁ OMIETKA ",null,"individuálny odtieň",25,"kg",600,"podľa","individuálnej","kalkulácie"]
[2721,"SILIKONOVÁ OMIETKA ",null,"individuálny odtieň",25,"kg",600,"podľa","individuálnej","kalkulácie"]
[2721,"SILIKONOVÁ OMIETKA ",null,"individuálny odtieň",25,"kg",600,"podľa","individuálnej","kalkulácie"]
[2722,"SILIKÁTOVÁ OMIETKA ",null,"bezpríplatkový odtieň",25,"kg",600,69.25,2.77,{"$f":"H166*1.2","v":83.1},{"$f":"I166*1.2","v":3.3239999999999998}]
[2722,"SILIKÁTOVÁ OMIETKA ",null,"bezpríplatkový odtieň",25,"kg",600,69.25,2.77,{"$f":"H167*1.2","v":83.1},{"$f":"I167*1.2","v":3.3239999999999998}]
[2722,"SILIKÁTOVÁ OMIETKA ",null,"bezpríplatkový odtieň",25,"kg",600,69.25,2.77,83.1,3.3239999999999998]
[2722,"SILIKÁTOVÁ OMIETKA ",null,"bezpríplatkový odtieň",25,"kg",600,69.25,2.77,83.1,3.3239999999999998]
[2722,"SILIKÁTOVÁ OMIETKA ",null,"bezpríplatkový odtieň",25,"kg",600,69.25,2.77,83.1,3.3239999999999998]
[2722,"SILIKÁTOVÁ OMIETKA ",null,"bezpríplatkový odtieň",25,"kg",600,69.25,2.77,83.1,3.3239999999999998]
[2722,"SILIKÁTOVÁ OMIETKA ",null,"bezpríplatkový odtieň",25,"kg",600,69.25,2.77,83.1,3.3239999999999998]
[2722,"SILIKÁTOVÁ OMIETKA ",null,"príplatok 1; odtieň",25,"kg",600,79.5,3.18,95.399999999999991,3.8159999999999998]
[2722,"SILIKÁTOVÁ OMIETKA ",null,"príplatok 1; odtieň",25,"kg",600,79.5,3.18,95.399999999999991,3.8159999999999998]
[2722,"SILIKÁTOVÁ OMIETKA ",null,"príplatok 1; odtieň",25,"kg",600,79.5,3.18,95.399999999999991,3.8159999999999998]
[2722,"SILIKÁTOVÁ OMIETKA ",null,"príplatok 1; odtieň",25,"kg",600,79.5,3.18,95.399999999999991,3.8159999999999998]
[2722,"SILIKÁTOVÁ OMIETKA ",null,"príplatok 1; odtieň",25,"kg",600,79.5,3.18,95.399999999999991,3.8159999999999998]
[2722,"SILIKÁTOVÁ OMIETKA ",null,"príplatok 1; odtieň",25,"kg",600,79.5,3.18,95.399999999999991,3.8159999999999998]
[2722,"SILIKÁTOVÁ OMIETKA ",null,"príplatok 1; odtieň",25,"kg",600,79.5,3.18,95.399999999999991,3.8159999999999998]
[2722,"SILIKÁTOVÁ OMIETKA ",null,"príplatok 2; odtieň",25,"kg",600,100.75,4.03,120.89999999999999,4.8360000000000003]
[2722,"SILIKÁTOVÁ OMIETKA ",null,"príplatok 2; odtieň",25,"kg",600,100.75,4.03,120.89999999999999,4.8360000000000003]
[2722,"SILIKÁTOVÁ OMIETKA ",null,"príplatok 2; odtieň",25,"kg",600,100.75,4.03,120.89999999999999,4.8360000000000003]
[2722,"SILIKÁTOVÁ OMIETKA ",null,"príplatok 2; odtieň",25,"kg",600,100.75,4.03,120.89999999999999,4.8360000000000003]
[2722,"SILIKÁTOVÁ OMIETKA ",null,"príplatok 2; odtieň",25,"kg",600,100.75,4.03,120.89999999999999,4.8360000000000003]
[2722,"SILIKÁTOVÁ OMIETKA ",null,"príplatok 2; odtieň",25,"kg",600,100.75,4.03,120.89999999999999,4.8360000000000003]
[2722,"SILIKÁTOVÁ OMIETKA ",null,"príplatok 2; odtieň",25,"kg",600,100.75,4.03,120.89999999999999,4.8360000000000003]
[2722,"SILIKÁTOVÁ OMIETKA ",null,"individuálny odtieň",25,"kg",600,"podľa","individuálnej","kalkulácie"]
[2722,"SILIKÁTOVÁ OMIETKA ",null,"individuálny odtieň",25,"kg",600,"podľa","individuálnej","kalkulácie"]
[2722,"SILIKÁTOVÁ OMIETKA ",null,"individuálny odtieň",25,"kg",600,"podľa","individuálnej","kalkulácie"]
[2722,"SILIKÁTOVÁ OMIETKA ",null,"individuálny odtieň",25,"kg",600,"podľa","individuálnej","kalkulácie"]
[2722,"SILIKÁTOVÁ OMIETKA ",null,"individuálny odtieň",25,"kg",600,"podľa","individuálnej","kalkulácie"]
[2722,"SILIKÁTOVÁ OMIETKA ",null,"individuálny odtieň",25,"kg",600,"podľa","individuálnej","kalkulácie"]
[2722,"SILIKÁTOVÁ OMIETKA ",null,"individuálny odtieň",25,"kg",600,"podľa","individuálnej","kalkulácie"]
[2723,"AKRYLÁTOVÁ OMIETKA ",null,"bezpríplatkový odtieň",25,"kg",600,66,2.64,{"$f":"H194*1.2","v":79.2},{"$f":"I194*1.2","v":3.1680000000000001}]
[2723,"AKRYLÁTOVÁ OMIETKA ",null,"bezpríplatkový odtieň",25,"kg",600,66,2.64,{"$f":"H195*1.2","v":79.2},{"$f":"I195*1.2","v":3.1680000000000001}]
[2723,"AKRYLÁTOVÁ OMIETKA ",null,"bezpríplatkový odtieň",25,"kg",600,66,2.64,79.2,3.1680000000000001]
[2723,"AKRYLÁTOVÁ OMIETKA ",null,"bezpríplatkový odtieň",25,"kg",600,66,2.64,79.2,3.1680000000000001]
[2723,"AKRYLÁTOVÁ OMIETKA ",null,"bezpríplatkový odtieň",25,"kg",600,66,2.64,79.2,3.1680000000000001]
[2723,"AKRYLÁTOVÁ OMIETKA ",null,"príplatok 1; odtieň",25,"kg",600,76.25,3.05,91.5,3.6599999999999997]
[2723,"AKRYLÁTOVÁ OMIETKA ",null,"príplatok 1; odtieň",25,"kg",600,76.25,3.05,91.5,3.6599999999999997]
[2723,"AKRYLÁTOVÁ OMIETKA ",null,"príplatok 1; odtieň",25,"kg",600,{"$f":"E201*I201","v":76.25},3.05,91.5,3.6599999999999997]
[2723,"AKRYLÁTOVÁ OMIETKA ",null,"príplatok 1; odtieň",25,"kg",600,76.25,3.05,91.5,3.6599999999999997]
[2723,"AKRYLÁTOVÁ OMIETKA ",null,"príplatok 1; odtieň",25,"kg",600,76.25,3.05,91.5,3.6599999999999997]
[2723,"AKRYLÁTOVÁ OMIETKA ",null,"príplatok 2; odtieň",25,"kg",600,97.5,3.9,117,4.68]
[2723,"AKRYLÁTOVÁ OMIETKA ",null,"príplatok 2; odtieň",25,"kg",600,97.5,3.9,117,4.68]
[2723,"AKRYLÁTOVÁ OMIETKA ",null,"príplatok 2; odtieň",25,"kg",600,97.5,3.9,117,4.68]
[2723,"AKRYLÁTOVÁ OMIETKA ",null,"príplatok 2; odtieň",25,"kg",600,97.5,3.9,117,4.68]
[2723,"AKRYLÁTOVÁ OMIETKA ",null,"príplatok 2; odtieň",25,"kg",600,97.5,3.9,117,4.68]
[2723,"AKRYLÁTOVÁ OMIETKA ",null,"individuálny odtieň",25,"kg",600,"podľa","individuálnej","kalkulácie"]
[2723,"AKRYLÁTOVÁ OMIETKA ",null,"individuálny odtieň",25,"kg",600,"podľa","individuálnej","kalkulácie"]
[2723,"AKRYLÁTOVÁ OMIETKA ",null,"individuálny odtieň",25,"kg",600,"podľa","individuálnej","kalkulácie"]
[2723,"AKRYLÁTOVÁ OMIETKA ",null,"individuálny odtieň",25,"kg",600,"podľa","individuálnej","kalkulácie"]
[2723,"AKRYLÁTOVÁ OMIETKA ",null,"individuálny odtieň",25,"kg",600,"podľa","individuálnej","kalkulácie"]
[2727,"ACTIVCEM",null,"bezpríplatkový odtieň",25,"kg",600,93.75,3.75,{"$f":"H214*1.2","v":112.5},{"$f":"I214*1.2","v":4.5},null,"ANO"]
[2727,"ACTIVCEM",null,"bezpríplatkový odtieň",25,"kg",600,93.75,3.75,{"$f":"H215*1.2","v":112.5},{"$f":"I215*1.2","v":4.5},null,"ANO"]
[2727,"ACTIVCEM",null,"bezpríplatkový odtieň",25,"kg",600,93.75,3.75,112.5,4.5,null,"ANO"]
[2727,"ACTIVCEM",null,"bezpríplatkový odtieň",25,"kg",600,93.75,3.75,112.5,4.5,null,"ANO"]
[2727,"ACTIVCEM",null,"bezpríplatkový odtieň",25,"kg",600,93.75,3.75,112.5,4.5,null,"ANO"]
[2727,"ACTIVCEM",null,"bezpríplatkový odtieň",25,"kg",600,93.75,3.75,112.5,4.5,null,"ANO"]
[2727,"ACTIVCEM",null,"bezpríplatkový odtieň",25,"kg",600,93.75,3.75,112.5,4.5,null,"ANO"]
[2727,"ACTIVCEM",null,"príplatok 1; odtieň",25,"kg",600,104,4.16,124.8,4.992,null,"ANO"]
[2727,"ACTIVCEM",null,"príplatok 1; odtieň",25,"kg",600,104,4.16,124.8,4.992,null,"ANO"]
[2727,"ACTIVCEM",null,"príplatok 1; odtieň",25,"kg",600,104,4.16,124.8,4.992,null,"ANO"]
[2727,"ACTIVCEM",null,"príplatok 1; odtieň",25,"kg",600,104,4.16,124.8,4.992,null,"ANO"]
[2727,"ACTIVCEM",null,"príplatok 1; odtieň",25,"kg",600,104,4.16,124.8,4.992,null,"ANO"]
[2727,"ACTIVCEM",null,"príplatok 1; odtieň",25,"kg",600,104,4.16,124.8,4.992,null,"ANO"]
[2727,"ACTIVCEM",null,"príplatok 1; odtieň",25,"kg",600,104,4.16,124.8,4.992,null,"ANO"]
[2727,"ACTIVCEM",null,"príplatok 2; odtieň",25,"kg",600,125.25,5.01,150.29999999999998,6.0119999999999996,null,"ANO"]
[2727,"ACTIVCEM",null,"príplatok 2; odtieň",25,"kg",600,125.25,5.01,150.29999999999998,6.0119999999999996,null,"ANO"]
[2727,"ACTIVCEM",null,"príplatok 2; odtieň",25,"kg",600,125.25,5.01,150.29999999999998,6.0119999999999996,null,"ANO"]
[2727,"ACTIVCEM",null,"príplatok 2; odtieň",25,"kg",600,125.25,5.01,150.29999999999998,6.0119999999999996,null,"ANO"]
[2727,"ACTIVCEM",null,"príplatok 2; odtieň",25,"kg",600,125.25,5.01,150.29999999999998,6.0119999999999996,null,"ANO"]
[2727,"ACTIVCEM",null,"príplatok 2; odtieň",25,"kg",600,125.25,5.01,150.29999999999998,6.0119999999999996,null,"ANO"]
[2727,"ACTIVCEM",null,"príplatok 2; odtieň",25,"kg",600,125.25,5.01,150.29999999999998,6.0119999999999996,null,"ANO"]
[2727,"ACTIVCEM",null,"individuálny odtieň",25,"kg",600,"podľa","individuálnej","kalkulácie",null,null,"ANO"]
[2727,"ACTIVCEM",null,"individuálny odtieň",25,"kg",600,"podľa","individuálnej","kalkulácie",null,null,"ANO"]
[2727,"ACTIVCEM",null,"individuálny odtieň",25,"kg",600,"podľa","individuálnej","kalkulácie",null,null,"ANO"]
[2727,"ACTIVCEM",null,"individuálny odtieň",25,"kg",600,"podľa","individuálnej","kalkulácie",null,null,"ANO"]
[2727,"ACTIVCEM",null,"individuálny odtieň",25,"kg",600,"podľa","individuálnej","kalkulácie",null,null,"ANO"]
[2727,"ACTIVCEM",null,"individuálny odtieň",25,"kg",600,"podľa","individuálnej","kalkulácie",null,null,"ANO"]
[2727,"ACTIVCEM",null,"individuálny odtieň",25,"kg",600,"podľa","individuálnej","kalkulácie",null,null,"ANO"]
[2729,"TETRACEM",null,"bezpríplatkový odtieň",25,"kg",600,103.75000000000001,4.1500000000000004,{"$f":"H242*1.2","v":124.50000000000001},{"$f":"I242*1.2","v":4.9800000000000004},null,"ANO"]
[2729,"TETRACEM",null,"bezpríplatkový odtieň",25,"kg",600,103.75000000000001,4.1500000000000004,{"$f":"H243*1.2","v":124.50000000000001},{"$f":"I243*1.2","v":4.9800000000000004},null,"ANO"]
[2729,"TETRACEM",null,"bezpríplatkový odtieň",25,"kg",600,103.75000000000001,4.1500000000000004,124.50000000000001,4.9800000000000004,null,"ANO"]
[2729,"TETRACEM",null,"bezpríplatkový odtieň",25,"kg",600,103.75000000000001,4.1500000000000004,124.50000000000001,4.9800000000000004,null,"ANO"]
[2729,"TETRACEM",null,"bezpríplatkový odtieň",25,"kg",600,103.75000000000001,4.1500000000000004,124.50000000000001,4.9800000000000004,null,"ANO"]
[2729,"TETRACEM",null,"bezpríplatkový odtieň",25,"kg",600,103.75000000000001,4.1500000000000004,124.50000000000001,4.9800000000000004,null,"ANO"]
[2729,"TETRACEM",null,"bezpríplatkový odtieň",25,"kg",600,103.75000000000001,4.1500000000000004,124.50000000000001,4.9800000000000004,null,"ANO"]
[2729,"TETRACEM",null,"príplatok 1; odtieň",25,"kg",600,113.99999999999999,4.5599999999999996,136.79999999999998,5.4719999999999995,null,"ANO"]
[2729,"TETRACEM",null,"príplatok 1; odtieň",25,"kg",600,113.99999999999999,4.5599999999999996,136.79999999999998,5.4719999999999995,null,"ANO"]
[2729,"TETRACEM",null,"príplatok 1; odtieň",25,"kg",600,113.99999999999999,4.5599999999999996,136.79999999999998,5.4719999999999995,null,"ANO"]
[2729,"TETRACEM",null,"príplatok 1; odtieň",25,"kg",600,113.99999999999999,4.5599999999999996,136.79999999999998,5.4719999999999995,null,"ANO"]
[2729,"TETRACEM",null,"príplatok 1; odtieň",25,"kg",600,{"$f":"E253*I253","v":113.99999999999999},4.5599999999999996,136.79999999999998,5.4719999999999995,null,"ANO"]
[2729,"TETRACEM",null,"príplatok 1; odtieň",25,"kg",600,113.99999999999999,4.5599999999999996,136.79999999999998,5.4719999999999995,null,"ANO"]
[2729,"TETRACEM",null,"príplatok 1; odtieň",25,"kg",600,113.99999999999999,4.5599999999999996,136.79999999999998,5.4719999999999995,null,"ANO"]
[2729,"TETRACEM",null,"príplatok 2; odtieň",25,"kg",600,135.25,5.41,162.29999999999998,6.492,null,"ANO"]
[2729,"TETRACEM",null,"príplatok 2; odtieň",25,"kg",600,135.25,5.41,162.29999999999998,6.492,null,"ANO"]
[2729,"TETRACEM",null,"príplatok 2; odtieň",25,"kg",600,135.25,5.41,162.29999999999998,6.492,null,"ANO"]
[2729,"TETRACEM",null,"príplatok 2; odtieň",25,"kg",600,135.25,5.41,162.29999999999998,6.492,null,"ANO"]
[2729,"TETRACEM",null,"príplatok 2; odtieň",25,"kg",600,135.25,5.41,162.29999999999998,6.492,null,"ANO"]
[2729,"TETRACEM",null,"príplatok 2; odtieň",25,"kg",600,135.25,5.41,162.29999999999998,6.492,null,"ANO"]
[2729,"TETRACEM",null,"príplatok 2; odtieň",25,"kg",600,135.25,5.41,162.29999999999998,6.492,null,"ANO"]
[2729,"TETRACEM",null,"individuálny odtieň",25,"kg",600,"podľa","individuálnej","kalkulácie",null,null,"ANO"]
[2729,"TETRACEM",null,"individuálny odtieň",25,"kg",600,"podľa","individuálnej","kalkulácie",null,null,"ANO"]
[2729,"TETRACEM",null,"individuálny odtieň",25,"kg",600,"podľa","individuálnej","kalkulácie",null,null,"ANO"]
[2729,"TETRACEM",null,"individuálny odtieň",25,"kg",600,"podľa","individuálnej","kalkulácie",null,null,"ANO"]
[2729,"TETRACEM",null,"individuálny odtieň",25,"kg",600,"podľa","individuálnej","kalkulácie",null,null,"ANO"]
[2729,"TETRACEM",null,"individuálny odtieň",25,"kg",600,"podľa","individuálnej","kalkulácie",null,null,"ANO"]
[2729,"TETRACEM",null,"individuálny odtieň",25,"kg",600,"podľa","individuálnej","kalkulácie",null,null,"ANO"]
["OMIETKY A PASTY",null,null,null,null,null,null,null,"1 tona",null,"1 tona"]
[2740,"SANAČNÝ PREDNÁSTREK ",null,null,25,"kg",1200,{"$f":"(I271/1000)*E271","v":7.3},292,{"$f":"H271*1.2","v":8.76},{"$f":"I271*1.2","v":350.4}]
[2741,"SANAČNÁ PODKLADOVÁ OMIETKA ",null,null,25,"kg",1200,{"$f":"(I272/1000)*E272","v":11.3},452,{"$f":"H272*1.2","v":13.56},{"$f":"I272*1.2","v":542.4}]
[2742,"SANAČNÁ OMIETKA ",null,null,25,"kg",1200,11.975,479,14.37,574.79999999999995]
[2743,"SANAČNÝ ŠTUK ",null,null,25,"kg",1200,11.975,479,14.37,574.79999999999995]
[2746,"SANAČNÁ OMIETKA JEDNOVRSTOVÁ ",null,null,25,"kg",1200,9.5749999999999993,383,11.489999999999998,459.59999999999997]
[2747,"SUPERSAN",null,null,25,"kg",1200,16.25,650,19.5,780,null,"ANO"]
[2748,"SUPERSAN",null,null,25,"kg",1200,16.650000000000002,666,19.98,799.19999999999993,null,"ANO"]
[2750,"VÁPENNÝ PREDNÁSTREK",null,null,25,"kg",1200,8.7999999999999989,352,10.559999999999999,422.4,null,"ANO"]
[2752,"VÁPENNÁ JADROVÁ OMIETKA",null,null,25,"kg",1200,17.599999999999998,704,21.119999999999997,844.8,null,"ANO"]
[2753,"VÁPENNÝ ŠTUK 0,7mm",null,null,25,"kg",1200,15.299999999999999,612,18.36,734.4,null,"ANO"]
[2754,"VÁPENNÝ ŠTUK 1,2mm    Do vypredania zásob ",null,null,25,"kg",1200,15.299999999999999,612,18.36,734.4,null,"ANO"]
[2755,"TRASOVÝ ŠTUK ",null,null,25,"kg",1200,7.1499999999999995,286,8.5799999999999983,343.2,null,"ANO"]
[2758,"VÁPENNÁ MALTA ",null,null,25,"kg",1200,16.950000000000003,678,20.340000000000003,813.6,null,"ANO"]
["OMIETKY A PASTY",null,null,null,null,null,null,null,"1 kg",null,"1 kg"]
[2790,"MOZAIKOVÁ OMIETKA  ","odtieň:",86,25,"kg",600,97,3.88,116.39999999999999,4.6559999999999997,null,"ANO"]
[2790,"MOZAIKOVÁ OMIETKA  ","odtieň:",87,25,"kg",600,97,3.88,116.39999999999999,4.6559999999999997,null,"ANO"]
[2790,"MOZAIKOVÁ OMIETKA  ","odtieň:",94,25,"kg",600,97,3.88,116.39999999999999,4.6559999999999997,null,"ANO"]
[2790,"MOZAIKOVÁ OMIETKA  ","odtieň:",95,25,"kg",600,97,3.88,116.39999999999999,4.6559999999999997,null,"ANO"]
[2790,"MOZAIKOVÁ OMIETKA  ","odtieň:",97,25,"kg",600,97,3.88,116.39999999999999,4.6559999999999997,null,"ANO"]
[2790,"MOZAIKOVÁ OMIETKA  ","odtieň:",98,25,"kg",600,97,3.88,116.39999999999999,4.6559999999999997,null,"ANO"]
[2790,"MOZAIKOVÁ OMIETKA  ","odtieň:",99,25,"kg",600,97,3.88,116.39999999999999,4.6559999999999997,null,"ANO"]
[2790,"MOZAIKOVÁ OMIETKA  ","odtieň:",100,25,"kg",600,97,3.88,116.39999999999999,4.6559999999999997,null,"ANO"]
[2790,"MOZAIKOVÁ OMIETKA  ","odtieň:",101,25,"kg",600,97,3.88,116.39999999999999,4.6559999999999997,null,"ANO"]
[2790,"MOZAIKOVÁ OMIETKA  ","odtieň:",102,25,"kg",600,97,3.88,116.39999999999999,4.6559999999999997,null,"ANO"]
[2790,"MOZAIKOVÁ OMIETKA  ","odtieň:",104,25,"kg",600,97,3.88,116.39999999999999,4.6559999999999997,null,"ANO"]
[2790,"MOZAIKOVÁ OMIETKA  ","odtieň:",106,25,"kg",600,97,3.88,116.39999999999999,4.6559999999999997,null,"ANO"]
[2790,"MOZAIKOVÁ OMIETKA  ","odtieň:",107,25,"kg",600,97,3.88,116.39999999999999,4.6559999999999997,null,"ANO"]
[2790,"MOZAIKOVÁ OMIETKA  ","odtieň:",110,25,"kg",600,97,3.88,116.39999999999999,4.6559999999999997,null,"ANO"]
[2790,"MOZAIKOVÁ OMIETKA  ","odtieň:",111,25,"kg",600,97,3.88,116.39999999999999,4.6559999999999997,null,"ANO"]
[2790,"MOZAIKOVÁ OMIETKA  ","odtieň:",212,25,"kg",600,97,3.88,116.39999999999999,4.6559999999999997,null,"ANO"]
[2790,"MOZAIKOVÁ OMIETKA  ","odtieň:",213,25,"kg",600,97,3.88,116.39999999999999,4.6559999999999997,null,"ANO"]
[2790,"MOZAIKOVÁ OMIETKA  ","odtieň:",214,25,"kg",600,97,3.88,116.39999999999999,4.6559999999999997,null,"ANO"]
[2790,"MOZAIKOVÁ OMIETKA  ","odtieň:",215,25,"kg",600,97,3.88,116.39999999999999,4.6559999999999997,null,"ANO"]
[2790,"MOZAIKOVÁ OMIETKA  ","odtieň:",216,25,"kg",600,97,3.88,116.39999999999999,4.6559999999999997,null,"ANO"]
[2790,"MOZAIKOVÁ OMIETKA  ","odtieň:",217,25,"kg",600,97,3.88,116.39999999999999,4.6559999999999997,null,"ANO"]
[2790,"MOZAIKOVÁ OMIETKA  ","odtieň:",218,25,"kg",600,97,3.88,116.39999999999999,4.6559999999999997,null,"ANO"]
[2790,"MOZAIKOVÁ OMIETKA  ","odtieň:",219,25,"kg",600,97,3.88,116.39999999999999,4.6559999999999997,null,"ANO"]
[2790,"MOZAIKOVÁ OMIETKA  ","odtieň:",220,25,"kg",600,97,3.88,116.39999999999999,4.6559999999999997,null,"ANO"]
[2790,"MOZAIKOVÁ OMIETKA  ","odtieň:",221,25,"kg",600,97,3.88,116.39999999999999,4.6559999999999997,null,"ANO"]
[2790,"MOZAIKOVÁ OMIETKA  ","odtieň:",222,25,"kg",600,97,3.88,116.39999999999999,4.6559999999999997,null,"ANO"]
[2790,"MOZAIKOVÁ OMIETKA  ","odtieň:",223,25,"kg",600,97,3.88,116.39999999999999,4.6559999999999997,null,"ANO"]
[2790,"MOZAIKOVÁ OMIETKA  ","odtieň:",224,25,"kg",600,{"$f":"E312*I312","v":97},3.88,116.39999999999999,4.6559999999999997,null,"ANO"]
[2790,"MOZAIKOVÁ OMIETKA  ","odtieň:",225,25,"kg",600,97,3.88,116.39999999999999,4.6559999999999997,null,"ANO"]
[2790,"MOZAIKOVÁ OMIETKA  ","odtieň:",226,25,"kg",600,97,3.88,116.39999999999999,4.6559999999999997,null,"ANO"]
[2790,"MOZAIKOVÁ OMIETKA  ","odtieň:",227,25,"kg",600,97,3.88,116.39999999999999,4.6559999999999997,null,"ANO"]
[2790,"MOZAIKOVÁ OMIETKA  ","odtieň:",228,25,"kg",600,97,3.88,116.39999999999999,4.6559999999999997,null,"ANO"]
[2790,"MOZAIKOVÁ OMIETKA  ","odtieň:",229,25,"kg",600,97,3.88,116.39999999999999,4.6559999999999997,null,"ANO"]
[2790,"MOZAIKOVÁ OMIETKA  ","odtieň:",230,25,"kg",600,97,3.88,116.39999999999999,4.6559999999999997,null,"ANO"]
[2790,"MOZAIKOVÁ OMIETKA  ","odtieň:",231,25,"kg",600,97,3.88,116.39999999999999,4.6559999999999997,null,"ANO"]
[2790,"MOZAIKOVÁ OMIETKA  ","odtieň:",232,25,"kg",600,97,3.88,116.39999999999999,4.6559999999999997,null,"ANO"]
[2790,"MOZAIKOVÁ OMIETKA  ","odtieň:",233,25,"kg",600,97,3.88,116.39999999999999,4.6559999999999997,null,"ANO"]
[2790,"MOZAIKOVÁ OMIETKA  ","odtieň:",234,25,"kg",600,97,3.88,116.39999999999999,4.6559999999999997,null,"ANO"]
[2790,"MOZAIKOVÁ OMIETKA  ","odtieň:",235,25,"kg",600,97,3.88,116.39999999999999,4.6559999999999997,null,"ANO"]
[2790,"MOZAIKOVÁ OMIETKA  ","odtieň:",371,25,"kg",600,97,3.88,116.39999999999999,4.6559999999999997,null,"ANO"]
[2790,"MOZAIKOVÁ OMIETKA  ","odtieň:",372,25,"kg",600,97,3.88,116.39999999999999,4.6559999999999997,null,"ANO"]
[2790,"MOZAIKOVÁ OMIETKA  ","odtieň:",373,25,"kg",600,97,3.88,116.39999999999999,4.6559999999999997,null,"ANO"]
[2790,"MOZAIKOVÁ OMIETKA  ","odtieň:",374,25,"kg",600,97,3.88,116.39999999999999,4.6559999999999997,null,"ANO"]
[2790,"MOZAIKOVÁ OMIETKA  ","odtieň:",375,25,"kg",600,97,3.88,116.39999999999999,4.6559999999999997,null,"ANO"]
[2790,"MOZAIKOVÁ OMIETKA  ","odtieň:",376,25,"kg",600,97,3.88,116.39999999999999,4.6559999999999997,null,"ANO"]
[2790,"MOZAIKOVÁ OMIETKA  ","odtieň:",377,25,"kg",600,97,3.88,116.39999999999999,4.6559999999999997,null,"ANO"]
[2790,"MOZAIKOVÁ OMIETKA  ","odtieň:",378,25,"kg",600,97,3.88,116.39999999999999,4.6559999999999997,null,"ANO"]
[2790,"MOZAIKOVÁ OMIETKA  ","odtieň:",86,15,"kg",600,58.199999999999996,3.88,69.839999999999989,4.6559999999999997,null,"ANO"]
[2790,"MOZAIKOVÁ OMIETKA  ","odtieň:",87,15,"kg",600,58.199999999999996,3.88,69.839999999999989,4.6559999999999997,null,"ANO"]
[2790,"MOZAIKOVÁ OMIETKA  ","odtieň:",94,15,"kg",600,58.199999999999996,3.88,69.839999999999989,4.6559999999999997,null,"ANO"]
[2790,"MOZAIKOVÁ OMIETKA  ","odtieň:",95,15,"kg",600,58.199999999999996,3.88,69.839999999999989,4.6559999999999997,null,"ANO"]
[2790,"MOZAIKOVÁ OMIETKA  ","odtieň:",97,15,"kg",600,58.199999999999996,3.88,69.839999999999989,4.6559999999999997,null,"ANO"]
[2790,"MOZAIKOVÁ OMIETKA  ","odtieň:",98,15,"kg",600,58.199999999999996,3.88,{"$f":"H337*1.2","v":69.839999999999989},{"$f":"I337*1.2","v":4.6559999999999997},null,"ANO"]
[2790,"MOZAIKOVÁ OMIETKA  ","odtieň:",99,15,"kg",600,58.199999999999996,3.88,69.839999999999989,4.6559999999999997,null,"ANO"]
[2790,"MOZAIKOVÁ OMIETKA  ","odtieň:",100,15,"kg",600,58.199999999999996,3.88,69.839999999999989,4.6559999999999997,null,"ANO"]
[2790,"MOZAIKOVÁ OMIETKA  ","odtieň:",101,15,"kg",600,58.199999999999996,3.88,69.839999999999989,4.6559999999999997,null,"ANO"]
[2790,"MOZAIKOVÁ OMIETKA  ","odtieň:",102,15,"kg",600,58.199999999999996,3.88,69.839999999999989,4.6559999999999997,null,"ANO"]
[2790,"MOZAIKOVÁ OMIETKA  ","odtieň:",104,15,"kg",600,58.199999999999996,3.88,69.839999999999989,4.6559999999999997,null,"ANO"]
[2790,"MOZAIKOVÁ OMIETKA  ","odtieň:",106,15,"kg",600,58.199999999999996,3.88,69.839999999999989,4.6559999999999997,null,"ANO"]
[2790,"MOZAIKOVÁ OMIETKA  ","odtieň:",107,15,"kg",600,58.199999999999996,3.88,69.839999999999989,4.6559999999999997,null,"ANO"]
[2790,"MOZAIKOVÁ OMIETKA  ","odtieň:",110,15,"kg",600,58.199999999999996,3.88,69.839999999999989,4.6559999999999997,null,"ANO"]
[2790,"MOZAIKOVÁ OMIETKA  ","odtieň:",111,15,"kg",600,58.199999999999996,3.88,69.839999999999989,4.6559999999999997,null,"ANO"]
[2790,"MOZAIKOVÁ OMIETKA  ","odtieň:",212,15,"kg",600,58.199999999999996,3.88,69.839999999999989,4.6559999999999997,null,"ANO"]
[2790,"MOZAIKOVÁ OMIETKA  ","odtieň:",213,15,"kg",600,58.199999999999996,3.88,69.839999999999989,4.6559999999999997,null,"ANO"]
[2790,"MOZAIKOVÁ OMIETKA  ","odtieň:",214,15,"kg",600,58.199999999999996,3.88,69.839999999999989,4.6559999999999997,null,"ANO"]
[2790,"MOZAIKOVÁ OMIETKA  ","odtieň:",215,15,"kg",600,58.199999999999996,3.88,69.839999999999989,4.6559999999999997,null,"ANO"]
[2790,"MOZAIKOVÁ OMIETKA  ","odtieň:",216,15,"kg",600,58.199999999999996,3.88,69.839999999999989,4.6559999999999997,null,"ANO"]
[2790,"MOZAIKOVÁ OMIETKA  ","odtieň:",217,15,"kg",600,58.199999999999996,3.88,69.839999999999989,4.6559999999999997,null,"ANO"]
[2790,"MOZAIKOVÁ OMIETKA  ","odtieň:",218,15,"kg",600,58.199999999999996,3.88,69.839999999999989,4.6559999999999997,null,"ANO"]
[2790,"MOZAIKOVÁ OMIETKA  ","odtieň:",219,15,"kg",600,58.199999999999996,3.88,69.839999999999989,4.6559999999999997,null,"ANO"]
[2790,"MOZAIKOVÁ OMIETKA  ","odtieň:",220,15,"kg",600,58.199999999999996,3.88,69.839999999999989,4.6559999999999997,null,"ANO"]
[2790,"MOZAIKOVÁ OMIETKA  ","odtieň:",221,15,"kg",600,58.199999999999996,3.88,69.839999999999989,4.6559999999999997,null,"ANO"]
[2790,"MOZAIKOVÁ OMIETKA  ","odtieň:",222,15,"kg",600,58.199999999999996,3.88,69.839999999999989,4.6559999999999997,null,"ANO"]
[2790,"MOZAIKOVÁ OMIETKA  ","odtieň:",223,15,"kg",600,58.199999999999996,3.88,69.839999999999989,4.6559999999999997,null,"ANO"]
[2790,"MOZAIKOVÁ OMIETKA  ","odtieň:",224,15,"kg",600,58.199999999999996,3.88,69.839999999999989,4.6559999999999997,null,"ANO"]
[2790,"MOZAIKOVÁ OMIETKA  ","odtieň:",225,15,"kg",600,58.199999999999996,3.88,69.839999999999989,4.6559999999999997,null,"ANO"]
[2790,"MOZAIKOVÁ OMIETKA  ","odtieň:",226,15,"kg",600,58.199999999999996,3.88,69.839999999999989,4.6559999999999997,null,"ANO"]
[2790,"MOZAIKOVÁ OMIETKA  ","odtieň:",227,15,"kg",600,58.199999999999996,3.88,69.839999999999989,4.6559999999999997,null,"ANO"]
[2790,"MOZAIKOVÁ OMIETKA  ","odtieň:",228,15,"kg",600,58.199999999999996,3.88,69.839999999999989,4.6559999999999997,null,"ANO"]
[2790,"MOZAIKOVÁ OMIETKA  ","odtieň:",229,15,"kg",600,58.199999999999996,3.88,69.839999999999989,4.6559999999999997,null,"ANO"]
[2790,"MOZAIKOVÁ OMIETKA  ","odtieň:",230,15,"kg",600,58.199999999999996,3.88,69.839999999999989,4.6559999999999997,null,"ANO"]
[2790,"MOZAIKOVÁ OMIETKA  ","odtieň:",231,15,"kg",600,58.199999999999996,3.88,69.839999999999989,4.6559999999999997,null,"ANO"]
[2790,"MOZAIKOVÁ OMIETKA  ","odtieň:",232,15,"kg",600,58.199999999999996,3.88,69.839999999999989,4.6559999999999997,null,"ANO"]
[2790,"MOZAIKOVÁ OMIETKA  ","odtieň:",233,15,"kg",600,58.199999999999996,3.88,69.839999999999989,4.6559999999999997,null,"ANO"]
[2790,"MOZAIKOVÁ OMIETKA  ","odtieň:",234,15,"kg",600,58.199999999999996,3.88,69.839999999999989,4.6559999999999997,null,"ANO"]
[2790,"MOZAIKOVÁ OMIETKA  ","odtieň:",235,15,"kg",600,58.199999999999996,3.88,69.839999999999989,4.6559999999999997,null,"ANO"]
[2790,"MOZAIKOVÁ OMIETKA  ","odtieň:",371,15,"kg",600,58.199999999999996,3.88,69.839999999999989,4.6559999999999997,null,"ANO"]
[2790,"MOZAIKOVÁ OMIETKA  ","odtieň:",372,15,"kg",600,58.199999999999996,3.88,69.839999999999989,4.6559999999999997,null,"ANO"]
[2790,"MOZAIKOVÁ OMIETKA  ","odtieň:",373,15,"kg",600,58.199999999999996,3.88,69.839999999999989,4.6559999999999997,null,"ANO"]
[2790,"MOZAIKOVÁ OMIETKA  ","odtieň:",374,15,"kg",600,58.199999999999996,3.88,69.839999999999989,4.6559999999999997,null,"ANO"]
[2790,"MOZAIKOVÁ OMIETKA  ","odtieň:",375,15,"kg",600,58.199999999999996,3.88,69.839999999999989,4.6559999999999997,null,"ANO"]
[2790,"MOZAIKOVÁ OMIETKA  ","odtieň:",376,15,"kg",600,{"$f":"E376*I376","v":58.199999999999996},3.88,69.839999999999989,4.6559999999999997,null,"ANO"]
[2790,"MOZAIKOVÁ OMIETKA  ","odtieň:",377,15,"kg",600,58.199999999999996,3.88,69.839999999999989,4.6559999999999997,null,"ANO"]
[2790,"MOZAIKOVÁ OMIETKA  ","odtieň:",378,15,"kg",600,58.199999999999996,3.88,69.839999999999989,4.6559999999999997,null,"ANO"]
[2790,"MOZAIKOVÁ OMIETKA  ","odtieň:",103,25,"kg",600,97,3.88,116.39999999999999,4.6559999999999997,null,"ANO"]
[2790,"MOZAIKOVÁ OMIETKA  ","odtieň:",103,15,"kg",660,58.199999999999996,3.88,69.839999999999989,4.6559999999999997,null,"ANO"]
[2791,"MAGIC DECOR 2,5mm",null,"bezpríplatkový odtieň",25,"kg",600,101.49999999999999,4.0599999999999996,121.79999999999998,4.871999999999999,null,"ANO"]
[2791,"MAGIC DECOR 2,5mm",null,"príplatok 1; odtieň",25,"kg",600,111.75,4.47,134.1,5.3639999999999999,null,"ANO"]
[2791,"MAGIC DECOR 2,5mm",null,"príplatok 2; odtieň",25,"kg",600,133,5.32,159.6,6.3840000000000003,null,"ANO"]
[2791,"MAGIC DECOR 2,5mm",null,"individuálny odtieň",25,"kg",600,"podľa","individuálnej","kalkulácie",null,null,"ANO"]
[2792,"MAGIC DECOR 1,0mm",null,"bezpríplatkový odtieň",25,"kg",600,101.49999999999999,4.0599999999999996,{"$f":"H385*1.2","v":121.79999999999998},{"$f":"I385*1.2","v":4.871999999999999},null,"ANO"]
[2792,"MAGIC DECOR 1,0mm",null,"príplatok 1; odtieň",25,"kg",600,111.75,4.47,{"$f":"H386*1.2","v":134.1},{"$f":"I386*1.2","v":5.3639999999999999},null,"ANO"]
[2792,"MAGIC DECOR 1,0mm",null,"príplatok 2; odtieň",25,"kg",600,133,5.32,159.6,6.3840000000000003,null,"ANO"]
[2792,"MAGIC DECOR 1,0mm",null,"individuálny odtieň",25,"kg",600,"podľa","individuálnej","kalkulácie",null,null,"ANO"]
[2793,"MAGIC DECOR 0,2mm",null,"bezpríplatkový odtieň",25,"kg",600,107.74999999999999,4.3099999999999996,{"$f":"H389*1.2","v":129.29999999999998},{"$f":"I389*1.2","v":5.1719999999999997},null,"ANO"]
[2793,"MAGIC DECOR 0,2mm",null,"príplatok 1; odtieň",25,"kg",600,118,4.72,{"$f":"H390*1.2","v":141.6},{"$f":"I390*1.2","v":5.6639999999999997},null,"ANO"]
[2793,"MAGIC DECOR 0,2mm",null,"príplatok 2; odtieň",25,"kg",600,139.25,5.57,167.1,6.6840000000000002,null,"ANO"]
[2793,"MAGIC DECOR 0,2mm",null,"individuálny odtieň",25,"kg",600,"podľa","individuálnej","kalkulácie",null,null,"ANO"]
[2794,"MAGIC DECOR STONE",null,"sand stone",20,"kg",480,89.399999999999991,4.47,{"$f":"H393*1.2","v":107.27999999999999},{"$f":"I393*1.2","v":5.3639999999999999},null,"ANO"]
[2794,"MAGIC DECOR STONE",null,"sand sahara",20,"kg",480,89.399999999999991,4.47,{"$f":"H394*1.2","v":107.27999999999999},{"$f":"I394*1.2","v":5.3639999999999999},null,"ANO"]
[2794,"MAGIC DECOR STONE",null,"granit white",20,"kg",480,89.399999999999991,4.47,107.27999999999999,5.3639999999999999,null,"ANO"]
[2794,"MAGIC DECOR STONE",null,"granit grey",20,"kg",480,89.399999999999991,4.47,107.27999999999999,5.3639999999999999,null,"ANO"]
["OMIETKY A PASTY",null,null,null,null,null,null,null,"1 tona",null,"1 tona"]
[2799,"BRIZOLIT",null,"prírodný",25,"kg",1200,{"$f":"(I398/1000)*E398","v":9.4749999999999996},379,11.37,454.8]
[2799,"BRIZOLIT",null,"prírodný so sľudou",25,"kg",1200,{"$f":"(I399/1000)*E399","v":10.075000000000001},403,12.090000000000002,483.59999999999997,null,"ANO"]
[2799,"BRIZOLIT **",null,"skupina 1",25,"kg",1200,14.274999999999999,571,17.13,685.19999999999993,null,"ANO"]
[2799,"BRIZOLIT **",null,"skupina 2",25,"kg",1200,18.2,728,21.84,873.6,null,"ANO"]
[2799,"BRIZOLIT **",null,"skupina 1 + sľuda",25,"kg",1200,14.899999999999999,596,17.88,715.19999999999993,null,"ANO"]
[2799,"BRIZOLIT **",null,"skupina 2 + sľuda",25,"kg",1200,18.850000000000001,754,22.62,904.8,null,"ANO"]
["Poznámka k Cemix 2799 BRIZOLIT: ","Hrúbka vrstvy je pred škrabaním. Po škrabaní je hr. vrstvy o 5 mm menšie. (tzn. vrstva pred škábaním je 15 mm, po škrabaní je 10 mm). Pri aplikácii striekaním je hr. vrstvy totožná."]
[null,"Príplatok k omietke za vyššiu ochranu pred napadnutím mikroorganizmami",null,null,1,"ks",null,null,0.35,null,{"$f":"I405*1.21","v":0.42349999999999999}]
["NÁTĚRY",null,null,null,null,null,null,null,"1 kg",null,"1 kg"]
[2800,"SILIKONOVÝ FASÁDNÝ NÁTER",null,"bezpríplatkový odtieň",24,"kg",576,235.92000000000002,9.83,{"$f":"H407*1.2","v":283.10399999999998},{"$f":"I407*1.2","v":11.795999999999999}]
[2800,"SILIKONOVÝ FASÁDNÝ NÁTER",null,"príplatok 1; odtieň",24,"kg",576,254.16,10.59,{"$f":"H408*1.2","v":304.99199999999996},{"$f":"I408*1.2","v":12.708}]
[2800,"SILIKONOVÝ FASÁDNÝ NÁTER",null,"príplatok 2; odtieň",24,"kg",576,278.39999999999998,11.6,334.08,13.92]
[2800,"SILIKONOVÝ FASÁDNÝ NÁTER",null,"individuálny odtieň",24,"kg",576,"podľa","individuálnej","kalkulácie"]
[2800,"SILIKONOVÝ FASÁDNÝ NÁTER",null,"bezpríplatkový odtieň",8,"kg",576,84.16,10.52,{"$f":"H411*1.2","v":100.99199999999999},{"$f":"I411*1.2","v":12.623999999999999}]
[2800,"SILIKONOVÝ FASÁDNÝ NÁTER",null,"príplatok 1; odtieň",8,"kg",576,90.24,11.28,{"$f":"H412*1.2","v":108.288},{"$f":"I412*1.2","v":13.536}]
[2800,"SILIKONOVÝ FASÁDNÝ NÁTER",null,"príplatok 2; odtieň",8,"kg",576,98.32,12.29,117.98399999999998,14.747999999999998]
[2800,"SILIKONOVÝ FASÁDNÝ NÁTER",null,"individuálny odtieň",8,"kg",576,"podľa","individuálnej","kalkulácie"]
[2801,"SILIKÁTOVÝ FASÁDNY NÁTER",null,"bezpríplatkový odtieň",24,"kg",576,204.48,8.52,{"$f":"H415*1.2","v":245.37599999999998},{"$f":"I415*1.2","v":10.223999999999998}]
[2801,"SILIKÁTOVÝ FASÁDNY NÁTER",null,"príplatok 1; odtieň",24,"kg",576,222.71999999999997,9.2799999999999994,{"$f":"H416*1.2","v":267.26399999999995},{"$f":"I416*1.2","v":11.135999999999999}]
[2801,"SILIKÁTOVÝ FASÁDNY NÁTER",null,"príplatok 2; odtieň",24,"kg",576,246.95999999999998,10.29,296.35199999999998,12.347999999999999]
[2801,"SILIKÁTOVÝ FASÁDNY NÁTER",null,"individuálny odtieň",24,"kg",576,"podľa","individuálnej","kalkulácie"]
[2801,"SILIKÁTOVÝ FASÁDNY NÁTER",null,"bezpríplatkový odtieň",8,"kg",576,73.599999999999994,9.1999999999999993,{"$f":"H419*1.2","v":88.32},{"$f":"I419*1.2","v":11.04}]
[2801,"SILIKÁTOVÝ FASÁDNY NÁTER",null,"príplatok 1; odtieň",8,"kg",576,79.680000000000007,9.9600000000000009,{"$f":"H420*1.2","v":95.616},{"$f":"I420*1.2","v":11.952}]
[2801,"SILIKÁTOVÝ FASÁDNY NÁTER",null,"príplatok 2; odtieň",8,"kg",576,87.76,10.97,105.312,13.164]
[2801,"SILIKÁTOVÝ FASÁDNY NÁTER",null,"individuálny odtieň",8,"kg",576,"podľa","individuálnej","kalkulácie"]
[2802,"AKRYLÁTOVÝ FASÁDNY NÁTER",null,"bezpríplatkový odtieň",24,"kg",576,173.28,7.22,{"$f":"H423*1.2","v":207.93600000000001},{"$f":"I423*1.2","v":8.6639999999999997}]
[2802,"AKRYLÁTOVÝ FASÁDNY NÁTER",null,"príplatok 1; odtieň",24,"kg",576,191.52,7.98,{"$f":"H424*1.2","v":229.82400000000001},{"$f":"I424*1.2","v":9.5760000000000005}]
[2802,"AKRYLÁTOVÝ FASÁDNY NÁTER",null,"príplatok 2; odtieň",24,"kg",576,215.76,8.99,258.91199999999998,10.788]
[2802,"AKRYLÁTOVÝ FASÁDNY NÁTER",null,"individuálny odtieň",24,"kg",576,"podľa","individuálnej","kalkulácie"]
[2802,"AKRYLÁTOVÝ FASÁDNY NÁTER",null,"bezpríplatkový odtieň",8,"kg",576,63.12,7.89,{"$f":"H427*1.2","v":75.744},{"$f":"I427*1.2","v":9.468}]
[2802,"AKRYLÁTOVÝ FASÁDNY NÁTER",null,"príplatok 1; odtieň",8,"kg",576,69.2,8.65,{"$f":"H428*1.2","v":83.04},{"$f":"I428*1.2","v":10.38}]
[2802,"AKRYLÁTOVÝ FASÁDNY NÁTER",null,"príplatok 2; odtieň",8,"kg",576,77.28,9.66,92.736000000000004,11.592000000000001]
[2802,"AKRYLÁTOVÝ FASÁDNY NÁTER",null,"individuálny odtieň",8,"kg",576,"podľa","individuálnej","kalkulácie"]
[2810,"SILIKÓNOVÝ FASÁDNY NÁTER S VLÁKNAMI",null,"bezpríplatkový odtieň",24,"kg",576,248.88,10.37,{"$f":"H431*1.2","v":298.65600000000001},{"$f":"I431*1.2","v":12.443999999999999},null,"ANO"]
[2810,"SILIKÓNOVÝ FASÁDNY NÁTER S VLÁKNAMI",null,"príplatok 1; odtieň",24,"kg",576,267.12,11.13,{"$f":"H432*1.2","v":320.54399999999998},{"$f":"I432*1.2","v":13.356},null,"ANO"]
[2810,"SILIKÓNOVÝ FASÁDNY NÁTER S VLÁKNAMI",null,"príplatok 2; odtieň",24,"kg",576,291.36,12.14,349.63200000000001,14.568,null,"ANO"]
[2810,"SILIKÓNOVÝ FASÁDNY NÁTER S VLÁKNAMI",null,"individuálny odtieň",24,"kg",576,"podľa","individuálnej","kalkulácie",null,null,"ANO"]
[2810,"SILIKÓNOVÝ FASÁDNY NÁTER S VLÁKNAMI",null,"bezpríplatkový odtieň",8,"kg",576,89.52,11.19,{"$f":"H435*1.2","v":107.42399999999999},{"$f":"I435*1.2","v":13.427999999999999},null,"ANO"]
[2810,"SILIKÓNOVÝ FASÁDNY NÁTER S VLÁKNAMI",null,"príplatok 1; odtieň",8,"kg",576,95.6,11.95,{"$f":"H436*1.2","v":114.71999999999998},{"$f":"I436*1.2","v":14.339999999999998},null,"ANO"]
[2810,"SILIKÓNOVÝ FASÁDNY NÁTER S VLÁKNAMI",null,"príplatok 2; odtieň",8,"kg",576,103.68,12.96,124.416,15.552,null,"ANO"]
[2810,"SILIKÓNOVÝ FASÁDNY NÁTER S VLÁKNAMI",null,"individuálny odtieň",8,"kg",576,"podľa","individuálnej","kalkulácie",null,null,"ANO"]
[2815,"ELASTICKÝ FASÁDNY NÁTER",null,"bezpríplatkový odtieň",21,"kg",504,238.56,11.36,{"$f":"H439*1.2","v":286.27199999999999},{"$f":"I439*1.2","v":13.632},null,"ANO"]
[2815,"ELASTICKÝ FASÁDNY NÁTER",null,"príplatok 1; odtieň",21,"kg",504,254.51999999999998,12.12,{"$f":"H440*1.2","v":305.42399999999998},{"$f":"I440*1.2","v":14.543999999999999},null,"ANO"]
[2815,"ELASTICKÝ FASÁDNY NÁTER",null,"príplatok 2; odtieň",21,"kg",504,{"$f":"E441*I441","v":275.73},13.13,330.87600000000003,15.756,null,"ANO"]
[2815,"ELASTICKÝ FASÁDNY NÁTER",null,"individuálny odtieň",21,"kg",504,"podľa","individuálnej","kalkulácie",null,null,"ANO"]
[2815,"ELASTICKÝ FASÁDNY NÁTER  Do vypredania zásob ",null,"bezpríplatkový odtieň",7,"kg",504,84.07,12.01,{"$f":"H443*1.2","v":100.88399999999999},{"$f":"I443*1.2","v":14.411999999999999},null,"ANO"]
[2815,"ELASTICKÝ FASÁDNY NÁTER  Do vypredania zásob ",null,"príplatok 1; odtieň",7,"kg",504,89.39,12.77,{"$f":"H444*1.2","v":107.268},{"$f":"I444*1.2","v":15.323999999999998},null,"ANO"]
[2815,"ELASTICKÝ FASÁDNY NÁTER  Do vypredania zásob ",null,"príplatok 2; odtieň",7,"kg",504,96.46,13.78,115.75199999999998,16.535999999999998,null,"ANO"]
[2815,"ELASTICKÝ FASÁDNY NÁTER  Do vypredania zásob ",null,"individuálny odtieň",7,"kg",504,"podľa","individuálnej","kalkulácie",null,null,"ANO"]
[2824,"PLNENÝ SILIKÁTOVÝ FASÁDNY NÁTER",null,"bezpríplatkový odtieň",25,"kg",600,97.25,3.89,{"$f":"H447*1.2","v":116.69999999999999},{"$f":"I447*1.2","v":4.6680000000000001},null,"ANO"]
[2824,"PLNENÝ SILIKÁTOVÝ FASÁDNY NÁTER",null,"príplatok 1; odtieň",25,"kg",600,116.25000000000001,4.6500000000000004,{"$f":"H448*1.2","v":139.5},{"$f":"I448*1.2","v":5.58},null,"ANO"]
[2824,"PLNENÝ SILIKÁTOVÝ FASÁDNY NÁTER",null,"príplatok 2; odtieň",25,"kg",600,141.5,5.66,169.79999999999998,6.7919999999999998,null,"ANO"]
[2824,"PLNENÝ SILIKÁTOVÝ FASÁDNY NÁTER",null,"individuálny odtieň",25,"kg",600,"podľa","individuálnej","kalkulácie",null,null,"ANO"]
[2825,"DEKORATIVNY TRANSPARENTNÝ NÁTER","odtieň:","Borovica",7,"kg",504,63.769999999999996,9.11,{"$f":"H451*1.2","v":76.523999999999987},{"$f":"I451*1.2","v":10.931999999999999},null,"ANO"]
[2825,"DEKORATIVNY TRANSPARENTNÝ NÁTER","odtieň:","Dub",7,"kg",504,63.769999999999996,9.11,{"$f":"H452*1.2","v":76.523999999999987},{"$f":"I452*1.2","v":10.931999999999999},null,"ANO"]
[2825,"DEKORATIVNY TRANSPARENTNÝ NÁTER","odtieň:","Mahagon",7,"kg",504,63.769999999999996,9.11,76.523999999999987,10.931999999999999,null,"ANO"]
[2825,"DEKORATIVNY TRANSPARENTNÝ NÁTER","odtieň:","Orech",7,"kg",504,63.769999999999996,9.11,76.523999999999987,10.931999999999999,null,"ANO"]
[2825,"DEKORATIVNY TRANSPARENTNÝ NÁTER","odtieň:","Palisandr",7,"kg",504,63.769999999999996,9.11,76.523999999999987,10.931999999999999,null,"ANO"]
[2825,"DEKORATIVNY TRANSPARENTNÝ NÁTER","odtieň:","Pínia",7,"kg",504,63.769999999999996,9.11,76.523999999999987,10.931999999999999,null,"ANO"]
[2825,"DEKORATIVNY TRANSPARENTNÝ NÁTER","odtieň:","Sibírský smrekovec ",7,"kg",504,63.769999999999996,9.11,76.523999999999987,10.931999999999999,null,"ANO"]
[2825,"DEKORATIVNY TRANSPARENTNÝ NÁTER","odtieň:","Čerešňa",7,"kg",504,63.769999999999996,9.11,76.523999999999987,10.931999999999999,null,"ANO"]
["2830","ANTIGRAFFITI ",null,null,5,"kg",null,{"$f":"E459*I459","v":230},46,{"$f":"H459*1.2","v":276},{"$f":"I459*1.2","v":55.199999999999996},null,"ANO"]
["2835","FUNGICEM",null,null,5,"l",null,29,5.8,34.799999999999997,6.96,null,"ANO"]
["2840","HYDROFÓBNY NÁTER",null,null,5,"l",null,79,15.8,94.8,18.96,null,"ANO"]
[null,"Príplatok k náteru za vyššiu ochranu pred napadnutím mikroorganizmami",null,null,1,"ks",null,{"$f":"E462*I462","v":0.35},0.35,0.42,0.42]
["INDOOR WALL SYSTEM"]
["PENETRÁCIE",null,null,null,null,null,null,null,"1 kg",null,"1 kg"]
[4020,"KONTAKTNÝ MOSTÍK",null,null,24,"kg",576,81.599999999999994,3.4,{"$f":"H465*1.2","v":97.919999999999987},{"$f":"I465*1.2","v":4.08}]
[4020,"KONTAKTNÝ MOSTÍK",null,null,8,"kg",576,27.2,3.4,{"$f":"H466*1.2","v":32.64},{"$f":"I466*1.2","v":4.08}]
["OMÍTKY",null,null,null,null,null,null,null,"1 tona",null,"1 tona"]
[4220,"SADROVÁ OMIETKA FILCOVANÁ",null,null,25,"kg",1200,{"$f":"(I468/1000)*E468","v":9.15},366,{"$f":"H468*1.2","v":10.98},{"$f":"I468*1.2","v":439.2}]
[4221,"SADROVÁ OMIETKA GLETOVANÁ",null,null,25,"kg",1200,{"$f":"(I469/1000)*E469","v":9.15},366,{"$f":"H469*1.2","v":10.98},{"$f":"I469*1.2","v":439.2}]
[4230,"ĽAHČENÁ SADROVÁ OMIETKA",null,null,25,"kg",1000,10.375,415,12.45,498]
[4240,"SADROVÁ OMIETKA",null,null,25,"kg",1200,12.25,490,14.7,588,null,"ANO"]
[4260,"JEDNOVRSTOVÁVÁ OMIETKA ",null,null,25,"kg",1200,5.0250000000000004,201,6.03,241.2,"ANO"]
["VYROVNÁVACIE STIERKY"]
[4410,"VNÚTORNÝ ŠTUK ",null,null,25,"kg",1200,{"$f":"(I474/1000)*E474","v":7.1249999999999991},285,{"$f":"H474*1.2","v":8.5499999999999989},{"$f":"I474*1.2","v":342}]
[4411,"VNÚTORNÝ ŠTUK JEMNÝ",null,null,25,"kg",1200,{"$f":"(I475/1000)*E475","v":7.5249999999999995},301,{"$f":"H475*1.2","v":9.0299999999999994},{"$f":"I475*1.2","v":361.2}]
[4420,"NAMIEŠANÁ ŠTUKOVÁ OMIETKA   Do vypredania zásob ",null,null,25,"kg",600,17,680,20.399999999999999,816]
[4440,"VYROVNÁVACIA STIERKA NA STENY A STROPY",null,null,25,"kg",600,28.074999999999999,1123,33.69,1347.6,null,"ANO"]
["PRÍRODNÉ MATERIÁLY"]
[4610,"HLINENÝ SPOJOVACÍ MOSTÍK",null,null,25,"kg",1200,{"$f":"(I479/1000)*E479","v":16.5},660,{"$f":"H479*1.2","v":19.8},{"$f":"I479*1.2","v":792}]
[4611,"HLINENÁ MUROVACIA MALTA A OMIETKA",null,null,25,"kg",1200,{"$f":"(I480/1000)*E480","v":12},480,{"$f":"H480*1.2","v":14.399999999999999},{"$f":"I480*1.2","v":576}]
[4612,"HLINENÁ OMIETKA STROJOVÁ",null,null,25,"kg",1200,12.5,500,15,600]
[4613,"HLINENÁ OMIETKA ŠTUKOVÁ",null,null,25,"kg",1200,14.124999999999998,565,16.949999999999996,678]
["NÁTĚRY",null,null,null,null,null,null,null,"1 kg",null,"1 kg"]
[4801,"SILIKÁTOVÝ INTERIÉROVÝ NÁTER","Tónovateľný",null,24,"kg",576,105.60000000000001,4.4000000000000004,{"$f":"H484*1.2","v":126.72},{"$f":"I484*1.2","v":5.28},null,"ANO"]
[4801,"SILIKÁTOVÝ INTERIÉROVÝ NÁTER","Tónovatelný",null,8,"kg",576,40,5,{"$f":"H485*1.2","v":48},{"$f":"I485*1.2","v":6},null,"ANO"]
[4811,"VÁPENNÝ NÁTER",null,"bezpríplatkový odtieň",24,"kg",576,246,10.25,295.2,12.299999999999999,null,"ANO"]
[4811,"VÁPENNÝ NÁTER",null,"príplatok 1; odtieň",24,"kg",576,264.24,11.01,317.08800000000002,13.212,null,"ANO"]
[4811,"VÁPENNÝ NÁTER",null,"príplatok 2; odtieň",24,"kg",576,288.48,12.02,346.17599999999999,14.423999999999999,null,"ANO"]
[4811,"VÁPENNÝ NÁTER",null,"individuálny odtieň",24,"kg",576,"podľa","individuálnej","kalkulácie",null,null,"ANO"]
[4811,"VÁPENNÝ NÁTER",null,"bezpríplatkový odtieň",8,"kg",576,88.8,11.1,{"$f":"H490*1.2","v":106.55999999999999},{"$f":"I490*1.2","v":13.319999999999999},null,"ANO"]
[4811,"VÁPENNÝ NÁTER",null,"príplatok 1; odtieň",8,"kg",576,94.88,11.86,{"$f":"H491*1.2","v":113.85599999999999},{"$f":"I491*1.2","v":14.231999999999999},null,"ANO"]
[4811,"VÁPENNÝ NÁTER",null,"príplatok 2; odtieň",8,"kg",576,102.96,12.87,123.55199999999999,15.443999999999999,null,"ANO"]
[4811,"VÁPENNÝ NÁTER",null,"individuálny odtieň",8,"kg",576,"podľa","individuálnej","kalkulácie",null,null,"ANO"]
["FLOOR SYSTEM"]
["POTERY",null,null,null,null,null,null,null,"1 tona",null,"1 tona"]
[5211,"POTER JEMNÝ 20MPa",null,"C20",25,"kg",1200,{"$f":"(I496/1000)*E496","v":4.625},185,{"$f":"H496*1.2","v":5.55},{"$f":"I496*1.2","v":222}]
[5221,"POTER JEMNÝ25MPa   Do vypredania zásob ",null,"C25",25,"kg",1200,{"$f":"(I497/1000)*E497","v":6.75},270,{"$f":"H497*1.2","v":8.1},{"$f":"I497*1.2","v":324}]
[5270,"POLYMER POTER 40MPa   Do vypredania zásob ",null,"C40",25,"kg",1200,16.5,660,19.8,792]
[5280,"POTER FLEX 30MPa",null,"C30",25,"kg",1200,9.125,365,10.95,438,null,"ANO"]
["5281","POTER RAPID 40MPa",null,"C40",25,"kg",1200,15.75,630,18.899999999999999,756]
[5286,"OPRAVNÁ UNI MALTA",null,"C25",25,"kg",1200,18.125,725,21.75,870,null,"ANO"]
[5290,"ANHYDRITOVÝ POTER 25MPa",null,null,25,"kg",1200,7.5750000000000002,303,9.09,363.59999999999997,"ANO"]
["PENETRÁCIA",null,null,null,null,null,null,null,"1 kg",null,"1 kg"]
[5400,"PENETRÁCIA PODLAHOVÁ",null,null,10,"kg",null,52,5.2,{"$f":"H504*1.2","v":62.4},{"$f":"I504*1.2","v":6.24}]
[5400,"PENETRÁCIA PODLAHOVÁ",null,null,5,"kg",null,{"$f":"E505*I505","v":26},5.2,{"$f":"H505*1.2","v":31.2},{"$f":"I505*1.2","v":6.24}]
["SAMONIVELIZAČNÉ STIERKY",null,null,null,null,null,null,null,"1 tona",null,"1 tona"]
[5510,"NIVELA COMFORT 20MPa",null,null,25,"kg",1200,{"$f":"(I507/1000)*E507","v":17},680,{"$f":"H507*1.2","v":20.399999999999999},{"$f":"I507*1.2","v":816}]
[5520,"NIVELA POLYMER 20MPa",null,null,25,"kg",1200,{"$f":"(I508/1000)*E508","v":24.125},965,{"$f":"H508*1.2","v":28.95},{"$f":"I508*1.2","v":1158},null,"ANO"]
[5530,"NIVELA POLYMER 30MPa",null,null,25,"kg",1200,30.125,1205,36.15,1446,null,"ANO"]
[5540,"NIVELA POLYMER 40MPa",null,null,25,"kg",1200,33.75,1350,40.5,1620,null,"ANO"]
[5570,"NIVELA RAPID 25MPa",null,null,25,"kg",1200,17.625,705,21.15,846]
["DOPLNKY",null,null,null,null,null,null,null,"1 l/ 1 m",null,"1 l/ 1 m"]
["5900","ZUŠĽACHŤUJÚCA PRÍMES",null,"zušľachťujúca disperzia",10,"l",null,93.699999999999989,9.3699999999999992,{"$f":"H513*1.2","v":112.43999999999998},{"$f":"I513*1.2","v":11.243999999999998}]
["5900","ZUŠĽACHŤUJÚCA PRÍMES",null,"zušľachťujúca disperzia",5,"l",null,42.599999999999994,8.52,{"$f":"H514*1.2","v":51.11999999999999},{"$f":"I514*1.2","v":10.223999999999998}]
[5901,"DILATAČNÁ PÁSKA S FÓLIOU",null,null,50,"m",null,50,1,60,1.2,null,"ANO"]
[5901,"DILATAČNÁ PÁSKA S FÓLIOU",null,null,50,"m",null,65,1.3,78,1.56,null,"ANO"]
["5903","SAMOLEPIACA DILATAČNA PÁSKA 3/30",null,null,30,"m",null,9.9,0.33,11.88,0.39600000000000002,null,"ANO"]
["DOPLNKY",null,null,null,null,null,null,null,"1 kg",null,"1 kg"]
[5920,"VODOU RIEDITEĽNÝ EPOXIDOVÝ NÁTER",null,null,10,"kg",null,266.60000000000002,26.66,319.92,31.991999999999997,null,"ANO"]
[5920,"VODOU RIEDITEĽNÝ EPOXIDOVÝ NÁTER",null,null,5,"kg",null,131.75,26.35,158.1,31.62,null,"ANO"]
[5930,"EPOXIDOVÝ NÁTER",null,null,10,"kg",null,168,16.8,201.6,20.16,null,"ANO"]
[5930,"EPOXIDOVÝ NÁTER",null,null,5,"kg",null,87.5,17.5,105,21,null,"ANO"]
[5931,"RIEDIDLO PRE EPOXIDOVÝ NÁTER",null,null,9,"kg",null,76.5,8.5,91.8,10.199999999999999,null,"ANO"]
[5931,"RIEDIDLO PRE EPOXIDOVÝ NÁTER",null,null,4,"kg",null,40,10,48,12,null,"ANO"]
["COVERING SYSTEM"]
["PENETRACE",null,null,null,null,null,null,null,"1 kg",null,"1 kg"]
["8040","KONTAKTNÝ MOSTÍK",null,null,5,"kg",null,47.5,9.5,{"$f":"H527*1.2","v":57},{"$f":"I527*1.2","v":11.4}]
["HYDROIZOLÁCIE",null,null,null,null,null,null,null,"1 bm",null,"1 bm"]
["8100","AQUASTOP TAPE",null,"120 mm",50,"m",null,195,3.9,{"$f":"H529*1.2","v":234},{"$f":"I529*1.2","v":4.68},null,"ANO"]
["8100","AQUASTOP TAPE",null,"120 mm",10,"m",null,39,3.9,{"$f":"H530*1.2","v":46.8},{"$f":"I530*1.2","v":4.68},null,"ANO"]
[8101,"AQUASTOP TAPE FIX",null,"150 mm",10,"m",null,38,3.8,45.6,4.5599999999999996,null,"ANO"]
["HYDROIZOLÁCIE",null,null,null,null,null,null,null,"Kus",null,"Kus"]
["8103","AQUASTOP CORN IN",null,null,1,"ks",null,8.4,8.4,10.08,10.08,null,"ANO"]
["8104","AQUASTOP CORN OUT",null,null,1,"ks",null,8.4,8.4,10.08,10.08,null,"ANO"]
["8105","AQUASTOP CUFF SMALL",null,"120 x 120 mm",1,"ks",null,6.4,6.4,7.68,7.68,null,"ANO"]
["8106","AQUASTOP CUFF BIG",null,"420 x 420 mm",1,"ks",null,27.2,27.2,32.64,32.64,null,"ANO"]
["HYDROIZOLÁCIE",null,null,null,null,null,null,null,"1 kg",null,"1 kg"]
["8110","AQUASTOP IN",null,null,24,"kg",null,90.48,3.77,108.57600000000001,4.524,null,"ANO"]
["8110","AQUASTOP IN",null,null,8,"kg",null,32.4,4.05,38.879999999999995,4.8599999999999994,null,"ANO"]
["RAKO","SE6",null,null,20,"kg",null,103.4,5.17,124.08,6.2039999999999997,null,"ANO"]
["8120","AQUASTOP RAPID 2K",null,null,10,"kg",null,105.39999999999999,10.54,126.47999999999999,12.647999999999998,null,"ANO"]
["HYDROIZOLÁCIE",null,null,null,null,null,null,null,"1 bm",null,"1 bm"]
["8130","AQUASTOP MEMBRANE",null,null,30,"m",null,324,10.8,388.8,12.96,null,"ANO"]
["8130","AQUASTOP WOOD   Do vypredania zásob ",null,null,10,"m",null,112.6,11.26,135.11999999999998,13.511999999999999,null,"ANO"]
["LEPIDLÁ A MALTY",null,null,null,null,null,null,null,"1 tona",null,"1 tona"]
[8200,"LEPIDLO C1T",null,null,25,"kg",1200,{"$f":"(I546/1000)*E546","v":7.3},292,{"$f":"H546*1.2","v":8.76},{"$f":"I546*1.2","v":350.4}]
[8210,"LEPIDLO C2T   Do vypredania zásob ",null,null,25,"kg",1200,{"$f":"(I547/1000)*E547","v":13.5},540,{"$f":"H547*1.2","v":16.2},{"$f":"I547*1.2","v":648}]
["8211","LEPIDLO C2TE",null,null,25,"kg",1200,13.750000000000002,550,16.5,660]
[8260,"LEPIDLO FLEX C2TES1",null,null,25,"kg",1200,15.25,610,18.3,732]
[8265,"LEPIDLO XXL FLEX C2TS1",null,null,25,"kg",1200,19,760,22.8,912]
[8270,"LEPIDLO C2FT",null,null,25,"kg",1200,24.75,990,29.7,1188,null,"ANO"]
[8282,"LEPIDLO FLEX C2TES1",null,null,25,"kg",1200,29.25,1170,35.1,1404,null,"ANO"]
[8285,"LEPIDLO FLEX C2TS1",null,null,25,"kg",1200,15,600,18,720,null,"ANO"]
["ŠKÁROVACIE HMOTY",null,null,null,null,null,null,null,"1 kg",null,"1 kg"]
["Rako","GFDRY ","odtieň:","biela",5,"kg",1000,10,2,{"$f":"H555*1.2","v":12},{"$f":"I555*1.2","v":2.4},null,"ANO"]
["Rako","GFDRY ","odtieň:","krokus",5,"kg",1000,16.05,3.21,{"$f":"H556*1.2","v":19.260000000000002},{"$f":"I556*1.2","v":3.8519999999999999},null,"ANO"]
["Rako","GFDRY ","odtieň:","tyrkysová",5,"kg",1000,34.15,6.83,40.98,8.1959999999999997,null,"ANO"]
["Rako","GFDRY ","odtieň:","tmavo modrá",5,"kg",1000,34.15,6.83,40.98,8.1959999999999997,null,"ANO"]
["Rako","GFDRY ","odtieň:","svetlo šedá",5,"kg",1000,16.05,3.21,19.260000000000002,3.8519999999999999,null,"ANO"]
["Rako","GFDRY ","odtieň:","manhattan",5,"kg",1000,10,2,12,2.4,null,"ANO"]
["Rako","GFDRY ","odtieň:","šedá",5,"kg",1000,10,2,12,2.4,null,"ANO"]
["Rako","GFDRY ","odtieň:","antracit",5,"kg",1000,13.65,2.73,16.38,3.2759999999999998,null,"ANO"]
["Rako","GFDRY ","odtieň:","čierna",5,"kg",1000,16.05,3.21,19.260000000000002,3.8519999999999999,null,"ANO"]
["Rako","GFDRY ","odtieň:","jazmín",5,"kg",1000,13.65,2.73,16.38,3.2759999999999998,null,"ANO"]
["Rako","GFDRY ","odtieň:","bahama",5,"kg",1000,10,2,12,2.4,null,"ANO"]
["Rako","GFDRY ","odtieň:","anemone",5,"kg",1000,13.65,2.73,16.38,3.2759999999999998,null,"ANO"]
["Rako","GFDRY ","odtieň:","karamel",5,"kg",1000,13.65,2.73,16.38,3.2759999999999998,null,"ANO"]
["Rako","GFDRY ","odtieň:","hnedá",5,"kg",1000,13.65,2.73,16.38,3.2759999999999998,null,"ANO"]
["Rako","GFDRY ","odtieň:","tmavo hnedá",5,"kg",1000,16.05,3.21,19.260000000000002,3.8519999999999999,null,"ANO"]
["Rako","GFDRY ","odtieň:","oranžová",5,"kg",1000,16.05,3.21,19.260000000000002,3.8519999999999999,null,"ANO"]
["Rako","GFDRY ","odtieň:","tehlová",5,"kg",1000,16.05,3.21,19.260000000000002,3.8519999999999999,null,"ANO"]
["Rako","GFDRY ","odtieň:","červená",5,"kg",1000,34.15,6.83,40.98,8.1959999999999997,null,"ANO"]
["Rako","GFDRY ","odtieň:","tmavo žltá",5,"kg",1000,34.15,6.83,40.98,8.1959999999999997,null,"ANO"]
["Rako","GFDRY ","odtieň:","žltá",5,"kg",1000,{"$f":"E574*I574","v":16.05},3.21,19.260000000000002,3.8519999999999999,null,"ANO"]
["Rako","GFDRY ","odtieň:","svetlo žltá",5,"kg",1000,16.05,3.21,19.260000000000002,3.8519999999999999,null,"ANO"]
["Rako","GFDRY ","odtieň:","svetlo modrá",5,"kg",1000,34.15,6.83,40.98,8.1959999999999997,null,"ANO"]
["Rako","GFDRY ","odtieň:","svetlo zelená",5,"kg",1000,16.05,3.21,19.260000000000002,3.8519999999999999,null,"ANO"]
["Rako","GFDRY ","odtieň:","zelená",5,"kg",1000,16.05,3.21,19.260000000000002,3.8519999999999999,null,"ANO"]
["DOPLNKY",null,null,null,null,null,null,null,"1 bm",null,"1 bm"]
["8810","SEPARAČNÝ PROVAZEC ",null,"6 mm",100,"m",null,32,0.32,{"$f":"H580*1.2","v":38.4},{"$f":"I580*1.2","v":0.38400000000000001},null,"ANO"]
[8810,"SEPARAČNÝ PROVAZEC ",null,"8 mm",100,"m",null,39,0.39,{"$f":"H581*1.2","v":46.8},{"$f":"I581*1.2","v":0.46799999999999997},null,"ANO"]
[8810,"SEPARAČNÝ PROVAZEC ",null,"10 mm",100,"m",null,47,0.47,56.4,0.56399999999999995,null,"ANO"]
["PRUŽNÉ TMELY"]
["Rako","ASI","odtieň:","biela",310,"ml","ks",4.99,null,{"$f":"H584*1.2","v":5.9880000000000004},null,null,"ANO"]
["Rako","ASI","odtieň:","šedá",310,"ml","ks",4.99,null,{"$f":"H585*1.2","v":5.9880000000000004},null,null,"ANO"]
["Rako","ASI","odtieň:","manhattan",310,"ml","ks",4.99,null,5.9880000000000004,null,null,"ANO"]
["Rako","ASI","odtieň:","jazmín",310,"ml","ks",6.93,null,8.3159999999999989,null,null,"ANO"]
["Rako","ASI","odtieň:","bahama",310,"ml","ks",6.16,null,7.3919999999999995,null,null,"ANO"]
["Rako","ASI","odtieň:","karamel",310,"ml","ks",6.93,null,8.3159999999999989,null,null,"ANO"]
["Rako","ASI","odtieň:","krokus",310,"ml","ks",10.02,null,12.023999999999999,null,null,"ANO"]
["Rako","ASI","odtieň:","tyrkysová",310,"ml","ks",10.02,null,12.023999999999999,null,null,"ANO"]
["Rako","ASI","odtieň:","tmavo modrá",310,"ml","ks",10.02,null,12.023999999999999,null,null,"ANO"]
["Rako","ASI","odtieň:","svetlo šedá",310,"ml","ks",6.93,null,8.3159999999999989,null,null,"ANO"]
["Rako","ASI","odtieň:","antracit",310,"ml","ks",6.93,null,8.3159999999999989,null,null,"ANO"]
["Rako","ASI","odtieň:","čierna",310,"ml","ks",6.93,null,8.3159999999999989,null,null,"ANO"]
["Rako","ASI","odtieň:","anemone",310,"ml","ks",6.93,null,8.3159999999999989,null,null,"ANO"]
["Rako","ASI","odtieň:","hnedá",310,"ml","ks",10.02,null,12.023999999999999,null,null,"ANO"]
["Rako","ASI","odtieň:","tmavo hnedá",310,"ml","ks",6.93,null,8.3159999999999989,null,null,"ANO"]
["Rako","ASI","odtieň:","oranžová",310,"ml","ks",10.02,null,12.023999999999999,null,null,"ANO"]
["Rako","ASI","odtieň:","tehlová",310,"ml","ks",10.02,null,12.023999999999999,null,null,"ANO"]
["Rako","ASI","odtieň:","červená",310,"ml","ks",10.02,null,12.023999999999999,null,null,"ANO"]
["Rako","ASI","odtieň:","tmavo žltá",310,"ml","ks",10.02,null,12.023999999999999,null,null,"ANO"]
["Rako","ASI","odtieň:","žltá",310,"ml","ks",10.02,null,12.023999999999999,null,null,"ANO"]
["Rako","ASI","odtieň:","svetlo žltá",310,"ml","ks",10.02,null,12.023999999999999,null,null,"ANO"]
["Rako","ASI","odtieň:","svetlo modrá",310,"ml","ks",10.02,null,12.023999999999999,null,null,"ANO"]
["Rako","ASI","odtieň:","svetlo zelená",310,"ml","ks",10.02,null,12.023999999999999,null,null,"ANO"]
["Rako","ASI","odtieň:","zelená",310,"ml","ks",10.02,null,12.023999999999999,null,null,"ANO"]
["Rako","ASI","odtieň:","transparentná",310,"ml","ks",6.16,null,7.3919999999999995,null,null,"ANO"]
["","MS POLYMÉR","odtieň:","šedá",1,"ks","ks",14.7,null,17.639999999999997,null,null,"ANO"]
["OUTDOOR SYSTEM"]
["MALTY A ŠKÁROVACIE HMOTY",null,null,null,null,null,null,null,"1 tona",null,"1 tona"]
[9001,"KREMIČITÝ PIESOK   Do vypredania zásob ",null,null,25,"kg",1200,{"$f":"(I612/1000)*E612","v":6.75},270,{"$f":"H612*1.2","v":8.1},{"$f":"I612*1.2","v":324}]
[9005,"MALTA NA LÍCOVKY 5MPa   Do vypredania zásob ","odtieň:","tmavo šedá",25,"kg",1200,{"$f":"(I613/1000)*E613","v":7.625},305,{"$f":"H613*1.2","v":9.15},{"$f":"I613*1.2","v":366},null,"ANO"]
[9015,"MALTA NA LÍCOVKY 15MPa","odtieň:","tmavo šedá",25,"kg",1200,10.25,410,12.299999999999999,492,null,"ANO"]
[9070,"POKRÝVAČSKÁ MALTA","odtieň:","šedá",25,"kg",1200,7.5,300,9,360,null,"ANO"]
[9070,"POKRÝVAČSKÁ MALTA","odtieň:","biela",25,"kg",1200,9.125,365,10.95,438,null,"ANO"]
["LEPIDLÁ NA CHODNÍKY",null,null,null,null,null,null,null,"1 tona",null,"1 tona"]
[9130,"MALTA NA KAMEŇ",null,null,25,"kg",1200,{"$f":"(I618/1000)*E618","v":13},520,{"$f":"H618*1.2","v":15.6},{"$f":"I618*1.2","v":624},null,"ANO"]
["PIESKY",null,null,null,null,null,null,null,"1 tona",null,"1 tona"]
["9210","ZÁSYPOVÝ PIESOK",null,null,25,"kg",1200,{"$f":"(I620/1000)*E618","v":4.4249999999999998},177,{"$f":"H620*1.2","v":5.31},{"$f":"I620*1.2","v":212.4}]
["BETÓNY",null,null,null,null,null,null,null,"1 tona",null,"1 tona"]
[9320,"BETÓN DRENÁŽNY",null,"C 12/15",25,"kg",1200,{"$f":"(I622/1000)*E622","v":6.1},244,{"$f":"H622*1.2","v":7.3199999999999994},{"$f":"I622*1.2","v":292.8},null,"ANO"]
[9330,"BETÓN STĹPIKOVÝ",null,"C 25/30",25,"kg",1200,{"$f":"(I623/1000)*E623","v":8.75},350,{"$f":"H623*1.2","v":10.5},{"$f":"I623*1.2","v":420}]
[]
["OSTATNÍ DOPLŇKOVÉ VĚCI"]
[null,"Injektážna pumpa",null,null,1,"ks",null,null,72,{"$f":"H626*1.2","v":0},{"$f":"I626*1.2","v":86.399999999999991},null,"ANO"]

{"sheet":"DOPLNKY + IZOLANTY 2024 ","index":1,"n_rows":697,"n_cols":17,"rows_kept":697,"cut":false,"hidden":false,"merged":[[685,10,685,11],[686,10,686,11],[687,10,687,11],[688,10,688,11],[689,10,689,11],[696,10,696,11],[690,10,690,11],[691,10,691,11],[692,10,692,11],[693,10,693,11],[694,10,694,11],[695,10,695,11],[675,10,675,11],[676,10,676,11],[677,10,677,11],[678,10,678,11],[679,10,679,11],[680,10,680,11],[682,3,682,4],[683,10,683,11],[684,10,684,11],[666,10,666,11],[667,10,667,11],[668,3,668,4],[669,10,669,11],[670,10,670,11],[671,10,671,11],[672,10,672,11],[673,10,673,11],[674,10,674,11],[657,10,657,11],[658,10,658,11],[659,10,659,11],[660,10,660,11],[661,10,661,11],[662,10,662,11],[663,10,663,11],[664,10,664,11],[665,10,665,11],[648,10,648,11],[649,10,649,11],[650,3,650,4],[651,10,651,11],[652,10,652,11],[653,10,653,11],[654,10,654,11],[655,10,655,11],[656,10,656,11],[639,10,639,11],[640,10,640,11],[641,10,641,11],[642,10,642,11],[643,10,643,11],[644,10,644,11],[645,10,645,11],[646,3,646,4],[647,10,647,11],[629,10,629,11],[630,10,630,11],[632,3,632,4],[633,10,633,11],[634,10,634,11],[635,10,635,11],[636,10,636,11],[637,10,637,11],[638,10,638,11],[620,10,620,11],[621,10,621,11],[622,10,622,11],[623,10,623,11],[624,10,624,11],[625,10,625,11],[626,10,626,11],[627,10,627,11],[628,10,628,11],[611,10,611,11],[612,10,612,11],[613,10,613,11],[614,10,614,11],[615,10,615,11],[616,10,616,11],[617,10,617,11],[618,10,618,11],[619,3,619,4],[602,10,602,11],[603,10,603,11],[604,10,604,11],[605,10,605,11],[606,3,606,4],[607,10,607,11],[608,10,608,11],[609,10,609,11],[610,10,610,11],[593,10,593,11],[594,10,594,11],[595,10,595,11],[596,10,596,11],[597,10,597,11],[598,10,598,11],[599,10,599,11],[600,10,600,11],[601,10,601,11],[584,10,584,11],[585,10,585,11],[586,10,586,11],[587,10,587,11],[588,10,588,11],[589,10,589,11],[590,10,590,11],[591,10,591,11],[592,3,592,4],[575,10,575,11],[576,10,576,11],[577,10,577,11],[578,10,578,11],[579,10,579,11],[580,10,580,11],[581,10,581,11],[582,10,582,11],[583,10,583,11],[566,3,566,4],[567,10,567,11],[568,10,568,11],[569,10,569,11],[570,10,570,11],[571,10,571,11],[572,10,572,11],[573,10,573,11],[574,10,574,11],[557,10,557,11],[558,10,558,11],[559,10,559,11],[560,10,560,11],[561,10,561,11],[562,10,562,11],[563,10,563,11],[564,10,564,11],[565,10,565,11],[548,10,548,11],[549,10,549,11],[550,10,550,11],[551,10,551,11],[552,10,552,11],[553,10,553,11],[554,10,554,11],[555,10,555,11],[556,10,556,11],[539,10,539,11],[540,3,540,4],[541,10,541,11],[542,10,542,11],[543,10,543,11],[544,10,544,11],[545,10,545,11],[546,10,546,11],[547,10,547,11],[530,10,530,11],[531,10,531,11],[532,10,532,11],[533,10,533,11],[534,10,534,11],[535,10,535,11],[536,10,536,11],[537,10,537,11],[538,10,538,11],[521,10,521,11],[522,10,522,11],[523,10,523,11],[524,10,524,11],[525,10,525,11],[526,10,526,11],[527,10,527,11],[528,10,528,11],[529,10,529,11],[513,1,513,4],[513,8,513,9],[514,3,514,4],[515,10,515,11],[516,10,516,11],[517,10,517,11],[518,10,518,11],[519,10,519,11],[520,10,520,11],[509,16,512,16],[510,8,510,9],[510,10,512,11],[510,12,512,12],[510,13,510,14],[511,7,512,7],[511,8,512,8],[511,9,512,9],[511,13,512,13],[511,14,512,14],[453,3,453,4],[453,8,453,9],[465,3,465,4],[465,8,465,9],[485,3,485,4],[485,8,485,9],[488,3,488,4],[488,8,488,9],[505,3,505,4],[505,8,505,9],[359,3,359,4],[359,8,359,9],[376,3,376,4],[376,8,376,9],[386,3,386,4],[386,8,386,9],[415,3,415,4],[415,8,415,9],[434,3,434,4],[434,8,434,9],[291,3,291,4],[291,8,291,9],[304,3,304,4],[304,8,304,9],[316,3,316,4],[316,8,316,9],[323,3,323,4],[323,8,323,9],[342,3,342,4],[342,8,342,9],[232,3,232,4],[232,8,232,9],[249,3,249,4],[249,8,249,9],[255,3,255,4],[255,8,255,9],[260,3,260,4],[260,8,260,9],[276,3,276,4],[276,8,276,9],[191,3,191,4],[191,8,191,9],[196,3,196,4],[196,8,196,9],[200,3,200,4],[200,8,200,9],[208,3,208,4],[208,8,208,9],[224,3,224,4],[224,8,224,9],[109,3,109,4],[109,8,109,9],[116,3,116,4],[116,8,116,9],[119,3,119,4],[119,8,119,9],[152,3,152,4],[152,8,152,9],[172,3,172,4],[172,8,172,9],[146,8,146,9],[124,3,124,4],[124,8,124,9],[125,3,125,4],[125,8,125,9],[129,3,129,4],[129,8,129,9],[136,3,136,4],[136,8,136,9],[146,3,146,4],[76,3,76,4],[76,8,76,9],[78,3,78,4],[78,8,78,9],[83,3,83,4],[83,8,83,9],[90,3,90,4],[90,8,90,9],[94,3,94,4],[94,8,94,9],[25,3,25,4],[25,8,25,9],[56,3,56,4],[56,8,56,9],[63,3,63,4],[63,8,63,9],[66,3,66,4],[66,8,66,9],[73,3,73,4],[73,8,73,9],[1,2,3,2],[5,2,5,4],[5,10,5,11],[19,16,22,16],[20,1,22,1],[20,2,22,2],[20,3,22,4],[20,5,22,5],[20,8,20,9],[20,10,21,11],[20,12,22,12],[20,13,20,14],[21,7,22,7],[21,8,22,9],[21,13,22,13],[21,14,22,14]]}
[null,null,null,null,"Cenník 2024           ",null,null,null,null,null,null,null,null,"Platnosť od 1.4.2024"]
[null,null,null,null,"Podmienky predaja upravujú jednotlivé Kúpne zmluvy a Všeobecné obchodné podmienky dodávok stavebných hmôt spoločnosti Cemix, s.r.o.                 "]
[null,null,null,null,"Uvedené hodnoty spotrieb sú orientačné a v závislosti na štruktúre a nasiakavosti podkladu a spôsobe spracovania výrobku sa môžu odlišovať až o ± 25 % uvádzanej hodnoty."]
[]
[null,null,"Platnosť od 1.4.2024",null,"doplňujíúce informácie vo vysvetlivkách",null,null,null,null,null,null,null,1.21]
[]
[]
[]
[]
[]
[]
[]
[]
[]
[]
[]
[]
[]
[]
[null,null,null,"Predaj doplnkov",null,null,null,null,null,null,null,null,null,null,null,null,"Materiál na objednanie"]
[null,"EAN kód","SAP kód","Názov tovaru",null,"Poznámka","Typ tovaru","Merná jednotka","Množstvo v balení",null,"Cenníková cena v €       bez DPH ",null,"Zľava\n%","Cena po zľave v €\nbez DPH"]
[null,null,null,null,null,null,null,"MJ","MJ",null,null,null,null,"Balenie","za MJ"]
[null,null,null,null,null,null,null,null,null,null,"Balenie","MJ"]
[null,null,null,"ETICS - Tkaniny"]
[null,"8595244832927","BZZ TSR 50 14 00Z","VÝZTUŽNÁ TKANINA R 117 (145 g/m2)",null,null,"T","m2",55,"m2",{"$f":"L25*I25","v":66},1.2,0,{"$f":"K25*(1-M25)","v":66},{"$f":"L25*(1-M25/100)","v":1.2},null,"ANO"]
[null,null,null,"ETICS - Zakládacie lišty AL a okapnice",null,"Ďaľšie  informáce",null,null,"Balenie v MJ",null,"Balenie","za MJ","Zľava"]
[null,"8595244812172","BZZ FSZ 02 08 00Z",null,"LO 07/023/2000/lišta zakládacia",null,null,1,2,"m",{"$f":"L27*I27","v":3.4481632653061225},1.7240816326530612,0,{"$f":"O27*I27","v":3.4481632653061225},{"$f":"L27*(1-M27/100)","v":1.7240816326530612},null,"ANO"]
[null,"8595244812202","BZZ FSZ 03 08 00Z",null,"LO 07/033/2000/lišta zakládacia",null,null,1,2,"m",3.9151020408163268,1.9575510204081634,0,3.9151020408163268,1.9575510204081634,null,"ANO"]
[null,"8595244812219","BZZ FSZ 04 08 00Z",null,"LO 07/043/2000/lišta zakládacia",null,null,1,2,"m",4.3730612244897964,2.1865306122448982,0,4.3730612244897964,2.1865306122448982,null,"ANO"]
[null,"8595244812257","BZZ FSZ 05 08 00Z",null,"LO 07/053/2000/lišta zakládacia",null,null,1,2,"m",4.7412244897959193,2.3706122448979596,0,4.7412244897959193,2.3706122448979596,null,"ANO"]
[null,"8595244812257","BZZ FSZ 06 08 00Z",null,"LO 07/063/2000/lišta zakládacia",null,null,1,2,"m",5.2081632653061227,2.6040816326530614,0,5.2081632653061227,2.6040816326530614,null,"ANO"]
[null,"8595244812318","BZZ FSZ 07 08 00Z",null,"LO 07/073/2000/lišta zakládacia",null,null,1,2,"m",5.6661224489795927,2.8330612244897964,0,5.6661224489795927,2.8330612244897964,null,"ANO"]
[null,"8595244812356","BZZ FSZ 08 08 00Z",null,"LO 07/083/2000/lišta zakládacia",null,null,1,2,"m",6.1240816326530618,3.0620408163265309,0,6.1240816326530618,3.0620408163265309,null,"ANO"]
[null,"8595244812387","BZZ FSZ 09 08 00Z",null,"LO 07/093/2000/lišta zakládacia",null,null,1,2,"m",6.5910204081632671,3.2955102040816335,0,6.5910204081632671,3.2955102040816335,null,"ANO"]
[null,"8595244812424","BZZ FSZ 10 08 00Z",null,"LO 07/103/2000/lišta zakládacia",null,null,1,2,"m",7.0489795918367344,3.5244897959183672,0,7.0489795918367344,3.5244897959183672,null,"ANO"]
[null,"8595244812455","BZZ FSZ 11 08 00Z",null,"LO 07/113/2000/lišta zakládacia",null,null,1,2,"m",7.5069387755102035,3.7534693877551017,0,7.5069387755102035,3.7534693877551017,null,"ANO"]
[null,"8595244812462","BZZ FSZ 12 08 00Z",null,"LO 07/123/2000/lišta zakládacia",null,null,1,2,"m",7.9738775510204087,3.9869387755102044,0,7.9738775510204087,3.9869387755102044,null,"ANO"]
[null,"8595244812622","BZZ FSZ 13 10 00Z",null,"LO 10/133/2000/lišta zakládacia",null,null,1,2,"m",11.897959183673469,5.9489795918367347,0,11.897959183673469,5.9489795918367347,null,"ANO"]
[null,"8595244812639","BZZ FSZ 14 10 00Z",null,"LO 10/143/2000/lišta zakládacia",null,null,1,2,"m",12.553469387755102,6.2767346938775512,0,12.553469387755102,6.2767346938775512,null,"ANO"]
[null,"8595244812646","BZZ FSZ 15 10 00Z",null,"LO 10/153/2000/lišta zakládacia",null,null,1,2,"m",13.217959183673468,6.608979591836734,0,13.217959183673468,6.608979591836734,null,"ANO"]
[null,"8595244812660","BZZ FSZ 16 10 00Z",null,"LO 10/163/2000/lišta zakládacia",null,null,1,2,"m",13.45726530612245,6.7286326530612248,0,13.45726530612245,6.7286326530612248,null,"ANO"]
[null,"8595244817078","BZZ FSZ 17 10 00Z",null,"LO 10/173/2000/lišta zakládacia",null,null,1,2,"m",14.528979591836736,7.2644897959183679,0,14.528979591836736,7.2644897959183679,null,"ANO"]
[null,"8595244816897","BZZ FSZ 18 10 00Z",null,"LO 10/183/2000/lišta zakládacia",null,null,1,2,"m",15.193469387755101,7.5967346938775506,0,15.193469387755101,7.5967346938775506,null,"ANO"]
[null,"8595244825066","BZZ FSZ 19 10 00Z",null,"LO 10/193/2000/lišta zakládacia",null,null,1,2,"m",15.848979591836736,7.924489795918368,0,15.848979591836736,7.924489795918368,null,"ANO"]
[null,"8595244816903","BZZ FSZ 20 10 00Z",null,"LO 10/203/2000/lišta zakládacia",null,null,1,2,"m",16.504489795918371,8.2522448979591854,0,16.504489795918371,8.2522448979591854,null,"ANO"]
[null,"8595244817689","BZZ FSZ 21 10 00Z",null,"LO 10/213/2000/lišta zakládacia",null,null,1,2,"m",17.168979591836734,8.5844897959183672,0,17.168979591836734,8.5844897959183672,null,"ANO"]
[null,"8595244825042","BZZ FSZ 22 10 00Z",null,"LO 10/223/2000/lišta zakládacia",null,null,1,2,"m",17.824489795918367,8.9122448979591837,0,17.824489795918367,8.9122448979591837,null,"ANO"]
[null,"8595244817696","BZZ FSZ 23 10 00Z",null,"LO 10/233/2000/lišta zakládacia",null,null,1,2,"m",18.480000000000004,9.240000000000002,0,18.480000000000004,9.240000000000002,null,"ANO"]
[null,"8595244825059","BZZ FSZ 24 10 00Z",null,"LO 10/243/2000/lišta zakládacia",null,null,1,2,"m",19.144489795918368,9.5722448979591839,0,19.144489795918368,9.5722448979591839,null,"ANO"]
[null,"8595244801176","BZZ FSZ 25 10 00Z",null,"LO 10/253/2000/lišta zakládacia",null,null,1,2,"m",19.8,9.9,0,19.8,9.9,null,"ANO"]
[null,"8595244846047","BZZ FSZ 26 10 00Z",null,"LO 10/263/2000/lišta zakládacia",null,null,1,2,"m",33.134693877551022,16.567346938775511,0,33.134693877551022,16.567346938775511,null,"ANO"]
[null,"8595244808250","BZZ FSZ 27 10 00Z",null,"LO 10/273/2000/lišta zakládacia",null,null,1,2,"m",34.095510204081634,17.047755102040817,0,34.095510204081634,17.047755102040817,null,"ANO"]
[null,"8595244808199","BZZ FSZ 28 10 00Z",null,"LO 10/283/2000/lišta zakládacia",null,null,1,2,"m",35.06530612244898,17.53265306122449,0,35.06530612244898,17.53265306122449,null,"ANO"]
[null,"8595244808557","BZZ FSZ 30 10 00Z",null,"LO 10/303/2000/lišta zakládacia",null,null,1,2,"m",36.995918367346938,18.497959183673469,0,36.995918367346938,18.497959183673469,null,"ANO"]
[null,"8595244890392","BZZ DSK 00 00 00Z",null,"LE-G 05/2500/VERTEX/okapnice LO lišt",null,null,1,2.5,"m",5.556375000000001,2.2225500000000005,0,5.556375000000001,2.2225500000000005,null,"ANO"]
[null,"8595244827374","BZZ FUA 00 20 00Z",null,"LE-V 06/2500/VERTEX/lišta napojovacia okapnicová",null,null,1,2,"m",3.32,1.66,0,3.32,1.66,null,"ANO"]
[null,null,null,"ETICS - Zakládacia sada PVC",null,null,null,null,"Balenie v MJ",null,"Balenie","za MJ","Zľava"]
[null,"8595244899104","BZZ FSM 00 00 00Z",null,"LW-Z20 050/2000/lišta soklová montážna","30 m/ bal.",null,1,2,"m",{"$f":"L58*I58","v":5.04},2.52,0,{"$f":"O58*I58","v":5.04},{"$f":"L58*(1-M58/100)","v":2.52},null,"ANO"]
[null,8595244899081,"BZZ FSM 10 00 00Z",null,"LW-Z20/100/2000/lišta soklová montážna","30 m/ bal.",null,1,2,"m",12.24,6.12,0,12.24,6.12,null,"ANO"]
[null,8595244899098,"BZZ FSM 16 00 00Z  ",null,"LW-Z20/160/2000/lišta soklová montážna","30 m/ bal.",null,1,2,"m",15.64,7.82,0,15.64,7.82,null,"ANO"]
[null,"8595244899111","BZZ FSD 00 00 00Z",null,"LW-Z23/2000/soklový predlžovací diel","50 m/ bal.",null,1,2,"m",7.6,3.8,0,7.6,3.8,null,"ANO"]
[null,"8595244826896","BZZ FSS 00 00 00Z",null,"LW-Z61/1000/spojka soklových lišt LW-Z20","20 m/ bal.",null,1,1,"m",2.2400000000000002,2.2400000000000002,0,2.2400000000000002,2.2400000000000002,null,"ANO"]
[null,"8595244899074","BZZ FSR 00 20 00Z",null,"LW-66-2/2000/VERTEX/lišta ukončovacia soklová prechodová s nepriznanou okapnicou","50 m/ bal.",null,1,2,"m",12.6,6.3,0,12.6,6.3,null,"ANO"]
[null,null,null,"ETICS - Zarážacie hmoždinky",null,null,null,null,"Balenie v MJ",null,"Balenie","za MJ","Zľava"]
[null,"8595244896226","BZZ HZP 06 06 00Z",null,"ZHH (SMK) 06/060/50ks/plastová zarážacia hmoždinka/PP",null,null,1,50,"ks",{"$f":"L65*I65","v":2.5},0.05,0,{"$f":"O65*G65","v":0},{"$f":"L65*(1-M65/100)","v":0.05},null,"ANO"]
[null,"8595244896233","BZZ HZP 08 06 00Z",null,"ZHH (SMK) 06/080/50ks/plastová zarážacia hmoždinka/PP",null,null,1,50,"ks",{"$f":"L66*I66","v":3},0.06,0,{"$f":"O66*G66","v":0},{"$f":"L66*(1-M66/100)","v":0.06},null,"ANO"]
[null,null,null,"ETICS - Vymedzovacie podložky",null,null,null,null,"Balenie v MJ",null,"Balenie","za MJ","Zľava"]
[null,"8595244817320","BZZ DSP 02 00 00Z",null,"Vymedzovacia podložka pod soklové profily 2mm",null,null,1,50,"ks",{"$f":"L68*I68","v":5},0.1,0,{"$f":"O68*I68","v":5},{"$f":"L68*(1-M68/100)","v":0.1},null,"ANO"]
[null,"8595244817337","BZZ DSP 03 00 00Z",null,"Vymedzovacia podložka pod soklové profily 3mm",null,null,1,50,"ks",5.5,0.11,0,5.5,0.11,null,"ANO"]
[null,"8595244817344","BZZ DSP 04 00 00Z",null,"Vymedzovacia podložka pod soklové profily 4mm",null,null,1,50,"ks",6,0.12,0,6,0.12,null,"ANO"]
[null,"8595244817351","BZZ DSP 05 00 00Z",null,"Vymedzovacia podložka pod soklové profily 5mm",null,null,1,50,"ks",6.5,0.13,0,6.5,0.13,null,"ANO"]
[null,"8595244810949","BZZ DSP 08 00 00Z",null,"Vymedzovacia podložka pod soklové profily 8mm",null,null,1,50,"ks",7.0000000000000009,0.14000000000000001,0,7.0000000000000009,0.14000000000000001,null,"ANO"]
[null,"8595244807918","BZZ DSP 10 00 00Z",null,"Vymedzovacia podložka pod soklové profily 10mm",null,null,1,50,"ks",8,0.16,0,8,0.16,null,"ANO"]
[null,null,null,"ETICS - Spojky",null,null,null,null,"Balenie v MJ",null,"Balenie","za MJ","Zľava"]
[null,"8594030445723","BZZ DSS 03 00 00Z",null,"Spojka soklových lišt 30mm",null,null,1,100,"ks",{"$f":"L75*I75","v":14.000000000000002},0.14000000000000001,0,{"$f":"O75*I75","v":14.000000000000002},{"$f":"L75*(1-M75/100)","v":0.14000000000000001},null,"ANO"]
[null,"8595244801473","BZZ DSS 00 00 00Z",null,"Spojka soklových lišt 1000mm",null,null,1,1,"ks",{"$f":"L76*I76","v":2.19},2.19,0,{"$f":"O76*I76","v":2.19},{"$f":"L76*(1-M76/100)","v":2.19},null,"ANO"]
[null,null,null,"ETICS - Expanzné pásky",null,null,null,null,"Balenie v MJ",null,"Balenie","za MJ","Zľava"]
[null,"8595244848065","BZZ APT 15 06 00Z",null,"EPE-BG1 5-10/15/6000 expanzná páska do exteriéru",null,null,1,5.6,"m",{"$f":"L78*I78","v":26.375999999999998},4.71,0,{"$f":"O78*I78","v":26.375999999999998},{"$f":"L78*(1-M78/100)","v":4.71},null,"ANO"]
[null,null,null,"ETICS - Rohové lišty",null,null,null,null,"Balenie v MJ",null,"Balenie","za MJ","Zľava"]
[null,"8595244811984","BZZ FRA 00 10 00Z",null,"LK PVC 100/2500/VERTEX/lišta rohová",null,null,1,2.5,"m",{"$f":"L80*I80","v":37.5},15,0,{"$f":"O80*I80","v":37.5},{"$f":"L80*(1-M80/100)","v":15},null,"ANO"]
[null,"8595244812042","BZZ FRW 00 15 00Z",null,"LK PVC 150/2500/VERTEX/lišta rohová",null,null,1,2.5,"m",{"$f":"L81*I81","v":2.1},0.84,0,{"$f":"O81*I81","v":2.1},{"$f":"L81*(1-M81/100)","v":0.84},null,"ANO"]
[null,"8595244812080","BZZ FRD 25 00 00Z",null,"LK-BOX 100/25/VERTEX/rohovník vo zvitku",null,null,1,25,"m",{"$f":"L82*I82","v":30.5},1.22,0,{"$f":"O82*I82","v":30.5},{"$f":"L82*(1-M82/100)","v":1.22},null,"ANO"]
[null,"8595244812097","BZZ FRE 00 00 00Z",null,"LK-KL2 23,5x23,5/2500/VERTEX/lišta klenbová",null,null,1,2.5,"m",{"$f":"L83*I83","v":4.4749999999999996},1.79,0,{"$f":"O83*I83","v":4.4749999999999996},{"$f":"L83*(1-M83/100)","v":1.79},null,"ANO"]
[null,null,null,"ETICS - Lišty s okapničkou",null,null,null,null,"Balenie v MJ",null,"Balenie","za MJ","Zľava"]
[null,"8595244804368","BZZ FKA 00 00 00Z",null,"LTU 2500/VERTEX/lišta s nepriznanou okapničkou",null,null,1,2.5,"m",{"$f":"L85*I85","v":3.05},1.22,0,{"$f":"O85*I85","v":3.05},{"$f":"L85*(1-M85/100)","v":1.22},null,"ANO"]
[null,"8595244830336","BZZ FKN 00 00 00Z",null,"LTDU 2500/VERTEX/lišta s nepriznanou okapničkou",null,null,1,2.5,"m",3.5749999999999997,1.43,0,3.5749999999999997,1.43,null,"ANO"]
[null,null,"BZZ FRU 00 15 00Z",null,"Protipožiarna lišta AFC 100 x 150 mm",null,null,1,2.5,"m",7.4750000000000005,2.99,0,7.4750000000000005,2.99,null,"ANO"]
[null,null,"BZZ FRV 00 15 00Z",null,"Protipožiarna lišta s okapniškou AFD 100 x 150 mm ",null,null,1,2.5,"m",9.25,3.7,0,9.25,3.7,null,"ANO"]
[null,null,"BZZ FRV 00 20 00Z",null,"Protipožiarna lišta s okapničkou AFD 100x200 mm",null,null,1,2.5,"m",9.3999999999999986,3.76,0,9.3999999999999986,3.76,null,"ANO"]
[null,null,"BZZ FPP 00 00 00Z",null,"Zakládací úholníkový profil protipožiarny",null,null,1,2,"m",8.2200000000000006,4.1100000000000003,0,8.2200000000000006,4.1100000000000003,null,"ANO"]
[null,null,null,"ETICS - Lišty parapetné",null,null,null,null,"Balenie v MJ",null,"Balenie","za MJ","Zľava"]
[null,"8595244840557","BZZ FKF 00 00 01Z",null,"LX-SPP 2000/VERTEX/lišta parapetná napojovacia",null,null,1,2,"m",{"$f":"L92*I92","v":4.5599999999999996},2.2799999999999998,0,{"$f":"O92*I92","v":4.5599999999999996},{"$f":"L92*(1-M92/100)","v":2.2799999999999998},null,"ANO"]
[null,"8595244838141","BZZ FKX 20 00 00Z",null,"LX-H 2000/VERTEX/lišta parapetná napojovacia flexibilná",null,null,1,2,"m",{"$f":"L93*I93","v":4.24},2.12,0,{"$f":"O93*I93","v":4.24},{"$f":"L93*(1-M93/100)","v":2.12},null,"ANO"]
[null,"8595244848560","BZZ FKX 220 00 00Z",null,"LX-LPE FLEX 2000/VERTEX/lišta parapetná flexibilná",null,null,1,2,"m",{"$f":"L94*I94","v":3},1.5,0,{"$f":"O94*I94","v":3},{"$f":"L94*(1-M94/100)","v":1.5},null,"ANO"]
[null,null,null,"ETICS - Lišty okenné",null,null,null,null,"Balenie v MJ",null,"Balenie","za MJ","Zľava"]
[null,"8595244827947","BZZ FKJ 06 00 01Z",null,"LS-VH 06/1400/VERTEX/lišta okenná začisťovacia 6mm",null,null,1,1.4,"m",{"$f":"L96*I96","v":1.694},1.21,0,{"$f":"O96*I96","v":1.694},{"$f":"L96*(1-M96/100)","v":1.21},null,"ANO"]
[null,"8595244899364","BZZ FKJ 06 00 02Z",null,"LS-VH 06/1600/VERTEX/lišta okenná začiaťovacia 6mm",null,null,1,1.6,"m",1.9359999999999999,1.21,0,1.9359999999999999,1.21,null,"ANO"]
[null,"8595244800810","BZZ FKJ 06 00 00Z",null,"LS-VH 06/2400/VERTEX/lišta okenná začiaťovacia 6mm",null,null,1,2.4,"m",2.9039999999999999,1.21,0,2.9039999999999999,1.21,null,"ANO"]
[null,"8595244816712","BZZ FKS 00 00 01Z",null,"LS-EKO 1400/VERTEX/lišta okenná začisťovacia",null,null,1,1.4,"m",2.254,1.61,0,2.254,1.61,null,"ANO"]
[null,"8595244816729","BZZ FKS 00 00 02Z",null,"LS-EKO 1600/VERTEX/lišta okenná začisťovacia",null,null,1,1.6,"m",2.5760000000000005,1.61,0,2.5760000000000005,1.61,null,"ANO"]
[null,"8595244816736","BZZ FKS 00 00 00Z",null,"LS-EKO 2400/VERTEX/lišta okenná začisťovacia",null,null,1,2.4,"m",3.8639999999999999,1.61,0,3.8639999999999999,1.61,null,"ANO"]
[null,"8595244834297","BZZ FKQ 00 00 00Z",null,"LS2-FLEX 06/2600/VERTEX/lišta okenná začisťovacia 2D 6mm",null,null,1,2.6,"m",5.2,2,0,5.2,2,null,"ANO"]
[null,"8595244838196","BZZ FKC 06 26 00Z",null,"LS2-FLEX 06/2600/slonová kosť RAL 1015/VERTEX/lišta okenná začisťovacia 2D 6mm",null,null,1,2.6,"m",5.9279999999999999,2.2799999999999998,0,5.9279999999999999,2.2799999999999998,null,"ANO"]
[null,"8595244838165","BZZ FKC 06 26 02Z",null,"LS2-FLEX 06/2600/hnedá RAL 8024/VERTEX/lišta okenná začisťovacia 2D 6mm",null,null,1,2.6,"m",5.9279999999999999,2.2799999999999998,0,5.9279999999999999,2.2799999999999998,null,"ANO"]
[null,"8595244838189","BZZ FKC 06 26 03Z",null,"LS2-FLEX 06/2600/šedá svetlá RAL 7047/VERTEX/lišta okenná začisťovacia 2D 6mm",null,null,1,2.6,"m",5.9279999999999999,2.2799999999999998,0,5.9279999999999999,2.2799999999999998,null,"ANO"]
[null,"8595244838172","BZZ FKC 06 26 04Z",null,"LS2-FLEX 06/2600/šedá tmavá RAL 7005/VERTEX/lišta okenná začisťovacia 2D 6mm",null,null,1,2.6,"m",5.9279999999999999,2.2799999999999998,0,5.9279999999999999,2.2799999999999998,null,"ANO"]
[null,"8595244839056","BZZ FKC 06 26 05Z",null,"LS2-FLEX 06/2600/šedá antracitová RAL 7016/VERTEX/lišta okenná začisťovacia 2D 6mm",null,null,1,2.6,"m",5.9279999999999999,2.2799999999999998,0,5.9279999999999999,2.2799999999999998,null,"ANO"]
[null,"8595244818891","BZZ FKQ 00 00 01Z",null,"LS2-30 plus (LW30 PLUS) 09/2400/VERTEX/lišta okenná začisťovacia 2D 9mm",null,null,1,2.4,"m",15.743999999999998,6.56,0,15.743999999999998,6.56,null,"ANO"]
[null,"8595244818884","BZZ FKR 00 00 01Z",null,"LS3-29 plus (LW29 PLUS) 2400/VERTEX/lišta okenná začisťovacia 3D",null,null,1,2.4,"m",18.384,7.66,0,18.384,7.66,null,"ANO"]
[null,null,null,"ETICS - Lišty dilatačné",null,null,null,null,"Balenie v MJ",null,"Balenie","za MJ","Zľava"]
[null,"8595244822058","BZZ FDC 00 00 00Z",null,"LD-W50 UNI 5,0/10/2000/VERTEX/lišta dilatačná priebežná/rohová 2D",null,null,1,2,"m",{"$f":"L111*I111","v":19.420000000000002},9.7100000000000009,0,{"$f":"O111*I111","v":19.420000000000002},{"$f":"L111*(1-M111/100)","v":9.7100000000000009},null,"ANO"]
[null,"8595244832552","BZZ FDA 85 25 00Z",null,"LD-W56 UNI 8,5/25/2000/VERTEX/lišta dilatačná priebežná/rohová 3D",null,null,1,2,"m",26.9,13.45,0,26.9,13.45,null,"ANO"]
[null,"8595244845132","BZZ FDA 00 00 00Z",null,"LD-NH P PVC 06 2500/VERTEX/lišta dilatačná priebežná 2D",null,null,1,2.5,"m",17.675000000000001,7.07,0,17.675000000000001,7.07,null,"ANO"]
[null,"8595244845125","BZZ FDD 00 00 00Z",null,"LD-NH R PVC 06 2500/VERTEX/lišta dilatačná rohová 2D",null,null,1,2.5,"m",17.675000000000001,7.07,0,17.675000000000001,7.07,null,"ANO"]
[null,"8595244829460","BZZ FDA 00 25 00Z",null,"LDZ-UNI P 2500/dilatačná zátka priebežná pryžová",null,null,1,2,"m",15.2,7.6,0,15.2,7.6,null,"ANO"]
[null,"8595244847693","BZZ FDA 25 00 00Z",null,"LDZ-UNI R 2500/dilatačná zátka rohová pryžová",null,null,1,2,"m",15.2,7.6,0,15.2,7.6,null,"ANO"]
[null,null,null,"ETICS - Lišty ukončovacie",null,null,null,null,"Balenie v MJ",null,"Balenie","za MJ","Zľava"]
[null,"8595244817818","BZZ FUT 03 00 00Z",null,"LC-L 03/2000/VERTEX/lišta ukončovacia omietková 3mm",null,null,1,2,"m",{"$f":"L118*I118","v":2},1,0,{"$f":"O118*I118","v":2},{"$f":"L118*(1-M118/100)","v":1},null,"ANO"]
[null,"8595244817825","BZZ FUT 06 00 00Z",null,"LC-L 06/2000/VERTEX/lišta ukončovacia omietková 6mm",null,null,1,2,"m",{"$f":"L119*I119","v":2.4},1.2,0,{"$f":"O119*I119","v":2.4},{"$f":"L119*(1-M119/100)","v":1.2},null,"ANO"]
[null,null,null,"ETICS - Montážne príslušenstvo",null,null,null,null,"Balenie v MJ",null,"Balenie","za MJ","Zľava"]
[null,"8595057698499","BZZ FKE 00 00 01Z",null,"KEZ 120x120/200mm elektroinstalačná krabica pre ETICS",null,null,1,1,"ks",{"$f":"L121*I121","v":32.6},32.6,0,{"$f":"O121*I121","v":32.6},{"$f":"L121*(1-M121/100)","v":32.6},null,"ANO"]
[null,"8595568910561","BZZ FKE 00 00 03Z",null,"KEZ-3 100(120)x230/250 elektroinstalačná viacnásobná krabica pre ETICS",null,null,1,1,"ks",{"$f":"L122*I122","v":40.26},40.26,0,{"$f":"O122*I122","v":40.26},{"$f":"L122*(1-M122/100)","v":40.26},null,"ANO"]
[null,"8595057698505","BZZ FKE 00 00 02Z",null,"MDZ 120x120/200mm - montážna doska pre ETICS",null,null,1,1,"ks",{"$f":"L123*I123","v":32.520000000000003},32.520000000000003,0,{"$f":"O123*I123","v":32.520000000000003},{"$f":"L123*(1-M123/100)","v":32.520000000000003},null,"ANO"]
[null,"4033119000452","BZZ FNL 00 00 00Z",null,"Profi nožnice Löwe",null,null,1,1,"ks",{"$f":"L124*I124","v":69.2},69.2,0,{"$f":"O124*I124","v":69.2},{"$f":"L124*(1-M124/100)","v":69.2},null,"ANO"]
[null,null,null,"OMIETKY"]
[null,null,null,"OMIETKY - Lišty rohové",null,null,null,null,"Balenie v MJ",null,"Balenie","za MJ","Zľava"]
[null,"8595244833627","BZZ FRA 06 43 00Z",null,"P-H PVC 06/43x43/2500/roh ostrý/lišta rohová",null,null,1,2.5,"m",{"$f":"L127*I127","v":2.625},1.05,0,{"$f":"O127*I127","v":2.625},{"$f":"L127*(1-M127/100)","v":1.05},null,"ANO"]
[null,"8595244833634","BZZ FRA 10 43 00Z",null,"P-H PVC 10/43x43/2500/roh ostrý/lišta rohová",null,null,1,2.5,"m",{"$f":"L128*I128","v":2.8249999999999997},1.1299999999999999,0,{"$f":"O128*I128","v":2.8249999999999997},{"$f":"L128*(1-M128/100)","v":1.1299999999999999}]
[null,"8595244833641","BZS FRA 14 43 00Z",null,"P-H PVC 14/43x43/2500/roh ostrý/lišta rohová",null,null,1,2.5,"m",{"$f":"L129*I129","v":3},1.2,0,{"$f":"O129*I129","v":3},{"$f":"L129*(1-M129/100)","v":1.2},null,"ANO"]
[null,null,null,"OMIETKY - Lišty ukončovacie",null,null,null,null,"Balenie v MJ",null,"Balenie","za MJ","Zľava"]
[null,"8595244838417","BZZ FUP 06 47 00Z",null,"P-B PVC 06/47/2500/lišta ukončovacia s okapnicou",null,null,1,2.5,"m",{"$f":"L131*I131","v":2.1749999999999998},0.87,0,{"$f":"O131*I131","v":2.1749999999999998},{"$f":"L131*(1-M131/100)","v":0.87},null,"ANO"]
[null,"8595244836444","BZZ FUP 10 47 00Z",null,"P-B PVC 10/47/2500/lišta ukončovacia s okapnicou",null,null,1,2.5,"m",2.4750000000000001,0.99,0,2.4750000000000001,0.99,null,"ANO"]
[null,"8595244836451","BZZ FUP 14 47 00Z",null,"P-B PVC 14/47/2500/lišta ukončovacia s okapnicou",null,null,1,2.5,"m",2.7250000000000001,1.0900000000000001,0,2.7250000000000001,1.0900000000000001,null,"ANO"]
[null,"8595244834433","BZZ FUT 06 26 00Z",null,"P-U2 PVC 06/26/2500/lišta ukončovacia",null,null,1,2.5,"m",1.7749999999999999,0.71,0,1.7749999999999999,0.71]
[null,"8595244834440","BZZ FUT 10 26 00Z",null,"P-U2 PVC 10/26/2500/lišta ukončovacia",null,null,1,2.5,"m",1.9,0.76,0,1.9,0.76,null,"ANO"]
[null,"8595244834457","BZZ FUT 14 26 00Z",null,"P-U2 PVC 14/26/2500/lišta ukončovacia",null,null,1,2.5,"m",2.25,0.9,0,2.25,0.9,null,"ANO"]
[null,null,null,"OMIETKY - Lišty začisťovacie",null,null,null,null,"Balenie v MJ",null,"Balenie","za MJ","Zľava"]
[null,"8595244800995","BZZ FKC 06 14 03Z",null,"PS-VH 06/1400/lišta okenná začisťovacia 6mm",null,null,1,1.4,"m",{"$f":"L138*I138","v":0.8819999999999999},0.63,0,{"$f":"O138*I138","v":0.8819999999999999},{"$f":"L138*(1-M138/100)","v":0.63}]
[null,"8595244801008","BZZ FKC 06 16 02Z",null,"PS-VH 06/1600/lišta okenná začisťovacia 6mm",null,null,1,1.6,"m",1.008,0.63,0,1.008,0.63,null,"ANO"]
[null,"8595244801015","BZZ FKC 06 24 02Z",null,"PS-VH 06/2400/lišta okenná začisťovacia 6mm",null,null,1,2.4,"m",1.512,0.63,0,1.512,0.63,null,"ANO"]
[null,"8595244845804","BZZ FKC 06 24 07Z",null,"PS-VHL 06/2400/lišta okenná začisťovacia 6mm s lamelou",null,null,1,2.4,"m",1.68,0.7,0,1.68,0.7,null,"ANO"]
[null,"8595244845842","BZZ FKC 06 24 08Z",null,"PS-VHL 06/2400/slonová kosť RAL 1015/lišta okenná začisťovacia 6mm s lamelou",null,null,1,2.4,"m",1.776,0.74,0,1.776,0.74,null,"ANO"]
[null,"8595244845811","BZZ FKC 06 24 03Z",null,"PS-VHL 06/2400/hnedá RAL 8024/lišta okenná začisťovacia 6mm s lamelou",null,null,1,2.4,"m",1.776,0.74,0,1.776,0.74,null,"ANO"]
[null,"8595244845835","BZZ FKC 06 24 04Z",null,"PS-VHL 06/2400/šedá svetlá RAL 7047/lišta okenná začisťovacia 6mm s lamelou",null,null,1,2.4,"m",1.776,0.74,0,1.776,0.74,null,"ANO"]
[null,"8595244845828","BZZ FKC 06 24 05Z",null,"PS-VHL 06/2400/šedá tmavá RAL 7005/lišta okenná začisťovaciaí 6mm s lamelou",null,null,1,2.4,"m",1.776,0.74,0,1.776,0.74,null,"ANO"]
[null,"8595244845866","BZZ FKC 06 24 06Z",null,"PS-VHL 06/2400/šedá antracitová RAL 7016/lišta okenná začisťovacia 6mm s lamelou",null,null,1,2.4,"m",1.8719999999999999,0.78,0,1.8719999999999999,0.78,null,"ANO"]
[null,null,null,"OMIETKY - Rýchloomietníky",null,null,null,null,"Balenie v MJ",null,"Balenie","za MJ","Zľava"]
[null,"8595244817207","BZS ROM 00 04 T0Z",null,"P-RO PVC 04/3000/rýchloomietnik",null,null,1,3,"m",{"$f":"L148*I148","v":1.7399999999999998},0.57999999999999996,0,{"$f":"O148*I148","v":1.7399999999999998},{"$f":"L148*(1-M148/100)","v":0.57999999999999996},null,"ANO"]
[null,"8594157430206","BZS ROM 00 06 T0Z",null,"P-RO PVC 06/3000/rýchloomietnik",null,null,1,3,"m",{"$f":"L149*I149","v":1.7999999999999998},0.6,0,{"$f":"O149*I149","v":1.7999999999999998},{"$f":"L149*(1-M149/100)","v":0.6},null,"ANO"]
[null,"8595244817191","BZS ROM 00 08 T0Z",null,"P-RO PVC 08/3000/rýchloomietnik",null,null,1,3,"m",{"$f":"L150*I150","v":1.83},0.61,0,{"$f":"O150*I150","v":1.83},{"$f":"L150*(1-M150/100)","v":0.61},null,"ANO"]
[null,8594157430251,"BZS ROM 00 10 T0Z",null,"P-RO PVC 10/3000/rýchloomietnik",null,null,1,3,"m",{"$f":"L151*I151","v":1.83},0.61,0,{"$f":"O151*I151","v":1.83},{"$f":"L151*(1-M151/100)","v":0.61},null,"ANO"]
[null,null,null,null,"HMOŽDINKY"]
[null,null,null,"Hmoždinky FISCHER\nHmoždinka pre EPS a MW; A, B, C, D, E; oceľový šrób",null,null,null,null,"Balenie v MJ",null,"Balenie","za MJ","Zľava"]
[null,4048962459272,"BZZ HTK 11 08 F2Z",null,"TermoZ CS II 8/95 ",null,null,1,100,"ks",{"$f":"L154*I154","v":45},0.45,0,{"$f":"O154*I154","v":45},{"$f":"L154*(1-M154/100)","v":0.45},null,"ANO"]
[null,4048962459289,"BZZ HTK 13 08 F2Z",null,"TermoZ CS II 8/115",null,null,1,100,"ks",52,0.52,0,52,0.52,null,"ANO"]
[null,4048962417234,"BZZ HTK 15 08 F2Z",null,"Termoz CS II 8/135",null,null,1,100,"ks",56.999999999999993,0.56999999999999995,0,56.999999999999993,0.56999999999999995,null,"ANO"]
[null,4048962417241,"BZZ HTK 17 08 F2Z",null,"Termoz CS II 8/155",null,null,1,100,"ks",68,0.68,0,68,0.68,null,"ANO"]
[null,4048962417258,"BZZ HTK 19 08 F2Z",null,"Termoz CS II 8/175",null,null,1,100,"ks",74,0.74,0,74,0.74,null,"ANO"]
[null,4048962417265,"BZZ HTK 21 08 F2Z",null,"Termoz CS II 8/195",null,null,1,100,"ks",87,0.87,0,87,0.87,null,"ANO"]
[null,4048962417272,"BZZ HTK 23 08 F2Z",null,"Termoz CS II 8/215",null,null,1,100,"ks",106,1.06,0,106,1.06,null,"ANO"]
[null,4048962417289,"BZZ HTK 25 08 F3Z",null,"Termoz CS II 8/235",null,null,1,100,"ks",127,1.27,0,127,1.27,null,"ANO"]
[null,4048962417296,"BZZ HTK 27 08 F3Z",null,"Termoz CS II 8/255",null,null,1,100,"ks",146,1.46,0,146,1.46,null,"ANO"]
[null,4048962459296,"BZZ HTK 29 08 F3Z",null,"TermoZ CS II 8/275",null,null,1,100,"ks",170,1.7,0,170,1.7,null,"ANO"]
[null,4048962459302,"BZZ HTK 31 08 F3Z",null,"TermoZ CS II 8/295",null,null,1,100,"ks",188,1.88,0,188,1.88,null,"ANO"]
[null,4048962459319,"BZZ HTK 33 08 F2Z",null,"TermoZ CS II 8/315",null,null,1,100,"ks",227.99999999999997,2.2799999999999998,0,227.99999999999997,2.2799999999999998,null,"ANO"]
[null,4048962459326,"BZZ HTK 35 08 F2Z",null,"TermoZ CS II 8/335",null,null,1,100,"ks",256,2.56,0,256,2.56,null,"ANO"]
[null,4048962459333,"BZZ HTK 37 08 F2Z",null,"TermoZ CS II 8/355",null,null,1,100,"ks",285,2.85,0,285,2.85,null,"ANO"]
[null,4048962459340,"BZZ HTK 39 08 F2Z",null,"TermoZ CS II 8/375",null,null,1,100,"ks",310,3.1,0,310,3.1,null,"ANO"]
[null,4048962466195,"BZZ HTK 40 08 F2Z",null,"TermoZ CS II 8/395",null,null,1,100,"ks",624,6.24,0,624,6.24,null,"ANO"]
[null,4048962466201,"BZZ HTK 42 08 F2Z",null,"TermoZ CS II 8/415",null,null,1,100,"ks",648,6.48,0,648,6.48,null,"ANO"]
[null,4048962466218,"BZZ HTK 44 08 F2Z",null,"TermoZ CS II 8/435",null,null,1,100,"ks",671,6.71,0,671,6.71,null,"ANO"]
[null,4048962466225,"BZZ HTK 46 08 F2Z",null,"TermoZ CS II 8/455",null,null,1,100,"ks",694,6.94,0,694,6.94,null,"ANO"]
[null,null,null,"Hmoždinky FISCHER\nHmoždinka so zapust.tanierom pre MW; A, B, C, D, E; oceľový šrób",null,null,null,null,"Balenie v MJ",null,"Balenie","za MJ","Zľava"]
[null,4048962459364,"BZZ HTK 13 08 F4Z",null,"TermoZ CS II 8/115 DT 110 V",null,null,1,100,"ks",{"$f":"L174*I174","v":94},0.94,0,{"$f":"O174*I174","v":94},{"$f":"L174*(1-M174/100)","v":0.94},null,"ANO"]
[null,4048962420371,"BZZ HTK 15 08 F4Z",null,"Termoz CS II 8/135 DT 110 V",null,null,1,100,"ks",97,0.97,0,97,0.97,null,"ANO"]
[null,4048962420388,"BZZ HTK 17 08 F4Z",null,"Termoz CS II 8/155 DT 110 V",null,null,1,100,"ks",102,1.02,0,102,1.02,null,"ANO"]
[null,4048962420395,"BZZ HTK 19 08 F4Z",null,"Termoz CS II 8/175 DT 110 V",null,null,1,100,"ks",110.00000000000001,1.1000000000000001,0,110.00000000000001,1.1000000000000001,null,"ANO"]
[null,4048962420401,"BZZ HTK 21 08 F4Z",null,"Termoz CS II 8/195 DT 110 V",null,null,1,50,"ks",68,1.36,0,68,1.36,null,"ANO"]
[null,4048962420418,"BZZ HTK 23 08 F4Z",null,"Termoz CS II 8/215 DT 110 V",null,null,1,50,"ks",69,1.38,0,69,1.38,null,"ANO"]
[null,4048962420425,"BZZ HTK 25 08 F5Z",null,"Termoz CS II 8/235 DT 110 V",null,null,1,50,"ks",79.5,1.59,0,79.5,1.59,null,"ANO"]
[null,4048962420432,"BZZ HTK 27 08 F5Z",null,"Termoz CS II 8/255 DT 110 V",null,null,1,50,"ks",86,1.72,0,86,1.72,null,"ANO"]
[null,4048962459371,"BZZ HTK 29 08 F5Z",null,"Termoz CS 8/275 DT 110 V",null,null,1,50,"ks",94,1.88,0,94,1.88,null,"ANO"]
[null,4048962459388,"BZZ HTK 31 08 F5Z",null,"Termoz CS 8/295 DT 110 V",null,null,1,50,"ks",105,2.1,0,105,2.1,null,"ANO"]
[null,4048962459395,"BZZ HTK 33 08 F4Z",null,"Termoz CS 8/315 DT 110 V",null,null,1,50,"ks",126.49999999999999,2.5299999999999998,0,126.49999999999999,2.5299999999999998,null,"ANO"]
[null,4048962459401,"BZZ HTK 35 08 F4Z",null,"Termoz CS 8/335 DT 110 V",null,null,1,50,"ks",142.5,2.85,0,142.5,2.85,null,"ANO"]
[null,4048962459418,"BZZ HTK 37 08 F4Z",null,"Termoz CS 8/355 DT 110 V",null,null,1,50,"ks",158,3.16,0,158,3.16,null,"ANO"]
[null,4048962459425,"BZZ HTK 39 08 F4Z",null,"Termoz CS 8/375 DT 110 V",null,null,1,50,"ks",172,3.44,0,172,3.44,null,"ANO"]
[null,4048962466232,"BZZ HTK 40 08 F4Z",null,"TermoZ CS II 8/395 DT 110 V",null,null,1,50,"ks",324,6.48,0,324,6.48,null,"ANO"]
[null,4048962466249,"BZZ HTK 42 08 F4Z",null,"TermoZ CS II 8/415 DT 110 V",null,null,1,50,"ks",335.5,6.71,0,335.5,6.71,null,"ANO"]
[null,4048962466256,"BZZ HTK 44 08 F4Z",null,"TermoZ CS II 8/435 DT 110 V",null,null,1,50,"ks",347,6.94,0,347,6.94,null,"ANO"]
[null,4048962466263,"BZZ HTK 46 08 F4Z",null,"TermoZ CS II 8/455 DT 110 V",null,null,1,50,"ks",359,7.18,0,359,7.18,null,"ANO"]
[null,null,null,"Hmoždinky FISCHER\nMontážne nástroje pre Termoz CS 8 a Termoz CS 8 DT 110 V",null,null,null,null,"Balenie v MJ",null,"Balenie","za MJ","Zľava"]
[null,4048962217513,"BZZ HMN 00 00 F0Z",null,"Montážny prípravok s 6-ti hrannou stopkou pre Termoz CS",null,null,1,1,"ks",{"$f":"L193*I193","v":134},134,0,{"$f":"O193*I193","v":134},{"$f":"L193*(1-M193/100)","v":134},null,"ANO"]
[null,4048962217520,"BZZ HMN 00 00 F2Z",null,"Montážny prípravok SDS Plus",null,null,1,1,"ks",{"$f":"L194*I194","v":134},134,0,{"$f":"O194*I194","v":134},{"$f":"L194*(1-M194/100)","v":134},null,"ANO"]
[null,4048962225167,"BZZ HMN 31 00 F3Z",null,"Predĺžený bit T25 CS 98,5mm (pre CS-R 250-310mm)",null,null,1,1,"ks",{"$f":"L195*I195","v":55},55,0,{"$f":"O195*I195","v":55},{"$f":"L195*(1-M195/100)","v":55},null,"ANO"]
[null,4048962225174,"BZZ HMN 39 00 F4Z",null,"Predĺžený bit T25 CS 178,5mm (pre CS 250-390mm)",null,null,1,1,"ks",{"$f":"L196*I196","v":61},61,0,{"$f":"O196*I196","v":61},{"$f":"L196*(1-M196/100)","v":61},null,"ANO"]
[null,null,null,"Hmoždinky FISCHER\nZátky pre zapustené hmoždinky",null,null,null,null,"Balenie v MJ",null,"Balenie","za MJ","Zľava"]
[null,4048962289213,"BZZ HYU 00 00 F0Z",null,"FISCHER EPS zátka biela (62mm) - pre hmoždinky CS",null,null,1,200,"ks",{"$f":"L198*I198","v":20},0.1,0,{"$f":"O198*I198","v":20},{"$f":"L198*(1-M198/100)","v":0.1},null,"ANO"]
[null,8592541001698,"BZZ HYU 00 00 F1Z",null,"FISCHER EPS zátka šedá (62mm) - pre hmoždinky CS",null,null,1,200,"ks",{"$f":"L199*I199","v":26},0.13,0,{"$f":"O199*I199","v":26},{"$f":"L199*(1-M199/100)","v":0.13},null,"ANO"]
[null,4048962264838,"BZZ HVU 06 00 F0Z",null,"FISCHER MW zátka (65 mm)",null,null,1,100,"ks",{"$f":"L200*I200","v":14.000000000000002},0.14000000000000001,0,{"$f":"O200*I200","v":14.000000000000002},{"$f":"L200*(1-M200/100)","v":0.14000000000000001},null,"ANO"]
[null,null,null,"Hmoždinky FISCHER\nHmoždinky ECOTWIST  - EPS; A, B, C, D, E; oceľový šrób",null,null,null,null,"Balenie v MJ",null,"Balenie","za MJ","Zľava"]
[null,4048962202649,"BZZ HTK 10 00 F3Z",null,"Termoz SV II ecotwist 0 - 10",null,null,1,100,"ks",{"$f":"L202*I202","v":100},1,0,{"$f":"O202*I202","v":100},{"$f":"L202*(1-M202/100)","v":1},null,"ANO"]
[null,4048962202656,"BZZ HTK 30 00 F3Z",null,"Termoz SV II ecotwist 10 - 30",null,null,1,100,"ks",107,1.07,0,107,1.07,null,"ANO"]
[null,4048962202663,"BZZ HTK 60 00 F3Z",null,"Termoz SV II ecotwist 30 - 60",null,null,1,100,"ks",134,1.34,0,134,1.34,null,"ANO"]
[null,4048962202670,"BZZ HYZ 00 00 F0Z",null,"Termoz SV II záslepka z bieleho EPS",null,null,1,200,"ks",20,0.1,0,20,0.1,null,"ANO"]
[null,4048962202687,"BZZ HYZ 00 00 F1Z",null,"Termoz SV II záslepka zo šedého EPS",null,null,1,200,"ks",24,0.12,0,24,0.12,null,"ANO"]
[null,4048962433364,"BZZ HMN 26 00 F0Z",null,"Termoz SV II montážny prípravok 260 mm",null,null,1,1,"ks",48.43,48.43,0,48.43,48.43,null,"ANO"]
[null,4048962204452,"BZZ HMN 40 00 F0Z",null,"Termoz SV II montážny prípravok 400 mm",null,null,1,1,"ks",80.900000000000006,80.900000000000006,0,80.900000000000006,80.900000000000006,null,"ANO"]
[null,null,null,"Hmoždinky FISCHER\nEPS, MW; A, B, C, D, E; zatĺkacia s plast.ocelovým trňom",null,null,null,null,"Balenie v MJ",null,"Balenie","za MJ","Zľava"]
[null,4048962080988,"BZZ HTN 11 08 F0Z",null,"Termoz CN 8/110 NEUTRAL - plast.ocelový trň",null,null,1,100,"ks",{"$f":"L210*I210","v":34},0.34,0,{"$f":"O210*I210","v":34},{"$f":"L210*(1-M210/100)","v":0.34},null,"ANO"]
[null,4048962080995,"BZZ HTN 13 08 F0Z",null,"Termoz CN 8/130 NEUTRAL - plast.ocelový trň",null,null,1,100,"ks",37,0.37,0,37,0.37,null,"ANO"]
[null,4048962081008,"BZZ HTN 15 08 F0Z",null,"Termoz CN 8/150 NEUTRAL - plast.ocelový trň",null,null,1,100,"ks",40,0.4,0,40,0.4,null,"ANO"]
[null,4048962081015,"BZZ HTN 17 08 F0Z",null,"Termoz CN 8/170 NEUTRAL - plast.ocelový trň",null,null,1,100,"ks",44,0.44,0,44,0.44,null,"ANO"]
[null,4048962081022,"BZZ HTN 19 08 F0Z",null,"Termoz CN 8/190 NEUTRAL - plast.ocelový trn",null,null,1,100,"ks",49,0.49,0,49,0.49,null,"ANO"]
[null,4048962081039,"BZZ HTN 21 08 F0Z",null,"Termoz CN 8/210 NEUTRAL - plast.ocelový trň",null,null,1,100,"ks",54,0.54,0,54,0.54,null,"ANO"]
[null,4048962081046,"BZZ HTN 23 08 F0Z",null,"Termoz CN 8/230 NEUTRAL - plast.ocelový trň",null,null,1,100,"ks",57.999999999999993,0.57999999999999996,0,57.999999999999993,0.57999999999999996,null,"ANO"]
[null,4048962169157,"BZZ HTN 25 08 F0Z",null,"Termoz CN 8/250 NEUTRAL - delený plast ocelový trň",null,null,1,100,"ks",124,1.24,0,124,1.24,null,"ANO"]
[null,4048962169164,"BZZ HTN 27 08 F0Z",null,"Termoz CN 8/270 NEUTRAL - delený plast ocelový trň",null,null,1,100,"ks",140,1.4,0,140,1.4,null,"ANO"]
[null,4048962169171,"BZZ HTN 29 08 F0Z",null,"Termoz CN 8/290 NEUTRAL - delený plast ocelový trň",null,null,1,100,"ks",164,1.64,0,164,1.64,null,"ANO"]
[null,4048962169188,"BZZ HTN 31 08 F0Z",null,"Termoz CN 8/310 NEUTRAL - delený plast ocelový trň",null,null,1,100,"ks",196,1.96,0,196,1.96,null,"ANO"]
[null,4048962081091,"BZZ HTN 33 08 F0Z",null,"Termoz CN 8/330 NEUTRAL - delený plast ocelový trň",null,null,1,100,"ks",219,2.19,0,219,2.19,null,"ANO"]
[null,4048962081107,"BZZ HTN 35 08 F0Z",null,"Termoz CN 8/350 NEUTRAL - delený plast ocelový trň",null,null,1,100,"ks",237,2.37,0,237,2.37,null,"ANO"]
[null,4048962081114,"BZZ HTN 37 08 F0Z",null,"Termoz CN 8/370 NEUTRAL - delený plast ocelový trň",null,null,1,100,"ks",257,2.57,0,257,2.57,null,"ANO"]
[null,4048962081121,"BZZ HTN 39 08 F0Z",null,"Termoz CN 8/390 NEUTRAL - delený plast ocelový trň",null,null,1,100,"ks",280,2.8,0,280,2.8,null,"ANO"]
[null,null,null,"Hmoždinky FISCHER\nEPS; A, B, C, D, E; plastový trň",null,null,null,null,"Balenie v MJ",null,"Balenie","za MJ","Zľava"]
[null,4048962073140,"BZZ HTP 11 08 F0Z",null,"Termoz PN 8/110 plastový trň",null,null,1,100,"ks",{"$f":"L226*I226","v":27},0.27,0,{"$f":"O226*I226","v":27},{"$f":"L226*(1-M226/100)","v":0.27},null,"ANO"]
[null,4048962073157,"BZZ HTP 13 08 F0Z",null,"Termoz PN 8/130 plastový trň",null,null,1,100,"ks",28.000000000000004,0.28000000000000003,0,28.000000000000004,0.28000000000000003,null,"ANO"]
[null,4048962073164,"BZZ HTP 15 08 F0Z",null,"Termoz PN 8/150 plastový trň",null,null,1,100,"ks",30,0.3,0,30,0.3,null,"ANO"]
[null,4048962073171,"BZZ HTP 17 08 F0Z",null,"Termoz PN 8/170 plastový trň",null,null,1,100,"ks",34,0.34,0,34,0.34,null,"ANO"]
[null,4048962073188,"BZZ HTP 19 08 F0Z",null,"Termoz PN 8/190 plastový trň",null,null,1,100,"ks",38,0.38,0,38,0.38,null,"ANO"]
[null,4048962073195,"BZZ HTP 21 08 F0Z",null,"Termoz PN 8/210 plastový trň",null,null,1,100,"ks",42,0.42,0,42,0.42,null,"ANO"]
[null,4048962073201,"BZZ HTP 23 08 F0Z",null,"Termoz PN 8/230 plastový trň",null,null,1,100,"ks",47,0.47,0,47,0.47,null,"ANO"]
[null,null,null,"Hmoždinky FISCHER\nEPS, MW; DREVO; samorezný oceľový šrób",null,null,null,null,"Balenie v MJ",null,"Balenie","za MJ","Zľava"]
[null,4048962345476,"BZZ HTK 06 06 F0Z",null,"Termoz 6H 60",null,null,1,100,"ks",{"$f":"L234*I234","v":68},0.68,0,{"$f":"O234*I234","v":68},{"$f":"L234*(1-M234/100)","v":0.68},null,"ANO"]
[null,4048962345483,"BZZ HTK 08 06 F0Z",null,"Termoz  6H 80",null,null,1,100,"ks",70,0.7,0,70,0.7,null,"ANO"]
[null,4048962345490,"BZZ HTK 10 06 F0Z",null,"Termoz  6H 100 ",null,null,1,100,"ks",73,0.73,0,73,0.73,null,"ANO"]
[null,4048962345506,"BZZ HTK 12 06 F0Z",null,"Termoz  6H 120",null,null,1,100,"ks",78,0.78,0,78,0.78,null,"ANO"]
[null,4048962345513,"BZZ HTK 14 06 F0Z",null,"Termoz  6H 140",null,null,1,100,"ks",84,0.84,0,84,0.84,null,"ANO"]
[null,4048962345520,"BZZ HTK 16 06 F0Z",null,"Termoz  6H 160",null,null,1,100,"ks",92,0.92,0,92,0.92,null,"ANO"]
[null,4048962345537,"BZZ HTK 18 06 F0Z",null,"Termoz  6H 180",null,null,1,100,"ks",99,0.99,0,99,0.99,null,"ANO"]
[null,4048962345544,"BZZ HTK 20 06 F0Z",null,"Termoz  6H 200",null,null,1,100,"ks",114.99999999999999,1.1499999999999999,0,114.99999999999999,1.1499999999999999,null,"ANO"]
[null,4048962345551,"BZZ HTK 22 06 F0Z",null,"Termoz  6H 220",null,null,1,100,"ks",126,1.26,0,126,1.26,null,"ANO"]
[null,4048962345568,"BZZ HTK 24 06 F0Z",null,"Termoz  6H 240",null,null,1,100,"ks",144,1.44,0,144,1.44,null,"ANO"]
[null,4048962345575,"BZZ HTK 26 06 F0Z",null,"Termoz  6H 260",null,null,1,100,"ks",155,1.55,0,155,1.55,null,"ANO"]
[null,4048962345582,"BZZ HTK 28 06 F0Z",null,"Termoz  6H 280",null,null,1,100,"ks",170,1.7,0,170,1.7,null,"ANO"]
[null,4048962345599,"BZZ HTK 30 06 F0Z",null,"Termoz  6H 300",null,null,1,100,"ks",197,1.97,0,197,1.97,null,"ANO"]
[null,4048962345605,"BZZ HTK 32 06 F0Z",null,"Termoz  6H 320",null,null,1,100,"ks",225.99999999999997,2.2599999999999998,0,225.99999999999997,2.2599999999999998,null,"ANO"]
[null,4048962354874,"BZZ HMN 00 00 F3Z",null,"Montážmy prípravok s 6-ti hrannou stopkou pre Termoz 6H",null,null,1,1,"ks",157.4,157.4,0,157.4,157.4,null,"ANO"]
[null,4048962354881,"BZZ HMN 30 43 F0Z",null,"náhradní BIT T30 6H 43,5mm",null,null,1,1,"ks",25.11,25.11,0,25.11,25.11,null,"ANO"]
[null,null,null,"Hmoždinky FISCHER\nPrídavné taniere",null,null,null,null,"Balenie v MJ",null,"Balenie","za MJ","Zľava"]
[null,4002822017194,"BZZ HLD 09 00 00Z",null,"Prídavný tanier Fischer DT 90",null,null,1,100,"ks",{"$f":"L251*I251","v":38},0.38,0,{"$f":"O251*I251","v":38},{"$f":"L251*(1-M251/100)","v":0.38},null,"ANO"]
[null,4006209907450,"BZZ HLD 11 00 F0Z",null,"Prídavný tanier Fischer DT 110",null,null,1,100,"ks",{"$f":"L252*I252","v":48},0.48,0,{"$f":"O252*I252","v":48},{"$f":"L252*(1-M252/100)","v":0.48},null,"ANO"]
[null,4002822017200,"BZZ HLD 14 00 F0Z",null,"Prídavný tanier Fischerr DT 140",null,null,1,100,"ks",{"$f":"L253*I253","v":82},0.82,0,{"$f":"O253*I253","v":82},{"$f":"L253*(1-M253/100)","v":0.82},null,"ANO"]
[null,null,"BZZ HTH 00 00 F0Z",null,"TERMOFIX H10 - TANIERIK pre kombináciu so skrutkami do dreva",null,null,1,200,"ks",{"$f":"L254*I254","v":113.99999999999999},0.56999999999999995,0,{"$f":"O254*I254","v":113.99999999999999},{"$f":"L254*(1-M254/100)","v":0.56999999999999995},null,"ANO"]
[null,null,"BZZ HLD 90 00 00Z",null,"TERMOFIX B- TANIERIK pre kombináciu so samoreznými skrutkami",null,null,1,200,"ks",{"$f":"L255*I255","v":113.99999999999999},0.56999999999999995,0,{"$f":"O255*I255","v":113.99999999999999},{"$f":"L255*(1-M255/100)","v":0.56999999999999995},null,"ANO"]
[null,null,null,"Hmoždinky FISCHER\nPríslušenstvo FISCHER",null,null,null,null,"Balenie v MJ",null,"Balenie","za MJ","Zľava"]
[null,4048962263503,"BZZ HPP 00 00 F0Z",null,"Fischer penetrácia SanRec",null,null,1,1,"ks",{"$f":"L257*I257","v":16.440000000000001},16.440000000000001,0,{"$f":"O257*I257","v":16.440000000000001},{"$f":"L257*(1-M257/100)","v":16.440000000000001},null,"ANO"]
[null,4048962256796,"BZZ HPU 00 00 F0Z",null,"Fischer expanzná lepiaca hmota SanRec",null,null,1,1,"ks",{"$f":"L258*I258","v":14.08},14.08,0,{"$f":"O258*I258","v":14.08},{"$f":"L258*(1-M258/100)","v":14.08},null,"ANO"]
[null,4048962286427,"BZZ HPR 00 00 F0Z",null,"Fischer rozprašovač penetrácie SanRec s nástavcom",null,null,1,1,"ks",{"$f":"L259*I259","v":102.06},102.06,0,{"$f":"O259*I259","v":102.06},{"$f":"L259*(1-M259/100)","v":102.06},null,"ANO"]
[null,4048962286410,"BZZ HPA 00 00 F0Z",null,"Fischer aplikační pistole s nástavcem",null,null,1,1,"ks",{"$f":"L260*I260","v":153.80000000000001},153.80000000000001,0,{"$f":"O260*I260","v":153.80000000000001},{"$f":"L260*(1-M260/100)","v":153.80000000000001},null,"ANO"]
[null,null,null,"Hmoždinky TOPKRAFT\nEPS, MW; A, B, C, E; oceľový šrób TORX 25",null,null,null,null,"Balenie v MJ",null,"Balenie","za MJ","Zľava"]
[null,9120051896351,"BZZ HTK 12 08 T0Z",null,"TOP KRAFT Hmoždinka TK-PPV  8x120","TOP KRAFT Hmoždinka TK-PPV  8x120",null,1,200,"ks",{"$f":"L262*I262","v":122},0.61,0,{"$f":"O262*I262","v":122},{"$f":"L262*(1-M262/100)","v":0.61},null,"ANO"]
[null,9120051896467,"BZZ HTK 14 08 T0Z",null,"TOP KRAFT Hmoždinka TK-PPV  8x140","TOP KRAFT Hmoždinka TK-PPV  8x140",null,1,200,"ks",138,0.69,0,138,0.69,null,"ANO"]
[null,9120051896474,"BZZ HTK 16 08 T0Z",null,"TOP KRAFT Hmoždinka TK-PPV  8x160","TOP KRAFT Hmoždinka TK-PPV  8x160",null,1,200,"ks",160,0.8,0,160,0.8,null,"ANO"]
[null,9120051896481,"BZZ HTK 18 08 T0Z",null,"TOP KRAFT Hmoždinka TK-PPV  8x180","TOP KRAFT Hmoždinka TK-PPV  8x180",null,1,200,"ks",176,0.88,0,176,0.88,null,"ANO"]
[null,9120051896498,"BZZ HTK 20 08 T0Z",null,"TOP KRAFT Hmoždinka TK-PPV  8x200","TOP KRAFT Hmoždinka TK-PPV  8x200",null,1,200,"ks",186,0.93,0,186,0.93,null,"ANO"]
[null,9120051896504,"BZZ HTK 22 08 T0Z",null,"TOP KRAFT Hmoždinka TK-PPV  8x220","TOP KRAFT Hmoždinka TK-PPV  8x220",null,1,200,"ks",194,0.97,0,194,0.97,null,"ANO"]
[null,9120051896511,"BZZ HTK 24 08 T0Z",null,"TOP KRAFT Hmoždinka TK-PPV  8x240","TOP KRAFT Hmoždinka TK-PPV  8x240",null,1,200,"ks",204,1.02,0,204,1.02,null,"ANO"]
[null,9120051896528,"BZZ HTK 26 08 T0Z",null,"TOP KRAFT Hmoždinka TK-PPV  8x260","TOP KRAFT Hmoždinka TK-PPV  8x260",null,1,200,"ks",224.00000000000003,1.1200000000000001,0,224.00000000000003,1.1200000000000001,null,"ANO"]
[null,9120051896535,"BZZ HTK 28 08 T0Z",null,"TOP KRAFT Hmoždinka TK-PPV  8x280","TOP KRAFT Hmoždinka TK-PPV  8x280",null,1,200,"ks",254,1.27,0,254,1.27,null,"ANO"]
[null,9120051896542,"BZZ HTK 30 08 T0Z",null,"TOP KRAFT Hmoždinka TK-PPV  8x300","TOP KRAFT Hmoždinka TK-PPV  8x300",null,1,200,"ks",280,1.4,0,280,1.4,null,"ANO"]
[null,9120051896559,"BZZ HTK 32 08 T0Z",null,"TOP KRAFT Hmoždinka TK-PPV  8x320","TOP KRAFT Hmoždinka TK-PPV  8x320",null,1,200,"ks",318,1.59,0,318,1.59,null,"ANO"]
[null,9120051898164,"BZZ HTK 34 08 T0Z",null,"TOP KRAFT Hmoždinka TK-PPV  8x340","TOP KRAFT Hmoždinka TK-PPV  8x340",null,1,200,"ks",378,1.89,0,378,1.89,null,"ANO"]
[null,9120051896566,"BZZ HTK 36 08 T0Z",null,"TOP KRAFT Hmoždinka TK-PPV  8x360","TOP KRAFT Hmoždinka TK-PPV  8x360",null,1,200,"ks",398,1.99,0,398,1.99,null,"ANO"]
[null,9120051898171,"BZZ HTK 38 08 T0Z",null,"TOP KRAFT Hmoždinka TK-PPV  8x380","TOP KRAFT Hmoždinka TK-PPV  8x380",null,1,100,"ks",236,2.36,0,236,2.36,null,"ANO"]
[null,9120051896573,"BZZ HTK 40 08 T0Z",null,"TOP KRAFT Hmoždinka TK-PPV  8x400","TOP KRAFT Hmoždinka TK-PPV  8x400",null,1,100,"ks",265,2.65,0,265,2.65,null,"ANO"]
[null,null,null,"Hmoždinky TOPKRAFT\nEPS, MW; A, B, C; oceľový trň",null,null,null,null,"Balenie v MJ",null,"Balenie","za MJ","Zľava"]
[null,9120051896580,"BZZ HTK 10 08 T2Z",null,"TOP KRAFT Hmoždinka TK-PSK  8x100","TOP KRAFT Hmoždinka TK-PPV  8x120",null,1,200,"ks",{"$f":"L278*I278","v":66},0.33,0,{"$f":"O278*I278","v":66},{"$f":"L278*(1-M278/100)","v":0.33},null,"ANO"]
[null,9120051896597,"BZZ HTK 12 08 T2Z",null,"TOP KRAFT Hmoždinka TK-PSK  8x120","TOP KRAFT Hmoždinka TK-PPV  8x140",null,1,200,"ks",74,0.37,0,74,0.37,null,"ANO"]
[null,9120051896603,"BZZ HTK 14 08 T2Z",null,"TOP KRAFT Hmoždinka TK-PSK  8x140","TOP KRAFT Hmoždinka TK-PPV  8x160",null,1,200,"ks",80,0.4,0,80,0.4,null,"ANO"]
[null,9120051896610,"BZZ HTK 16 08 T2Z",null,"TOP KRAFT Hmoždinka TK-PSK  8x160","TOP KRAFT Hmoždinka TK-PPV  8x180",null,1,200,"ks",88,0.44,0,88,0.44,null,"ANO"]
[null,9120051896627,"BZZ HTK 18 08 T2Z",null,"TOP KRAFT Hmoždinka TK-PSK  8x180","TOP KRAFT Hmoždinka TK-PPV  8x200",null,1,200,"ks",96,0.48,0,96,0.48,null,"ANO"]
[null,9120051896634,"BZZ HTK 20 08 T2Z",null,"TOP KRAFT Hmoždinka TK-PSK  8x200","TOP KRAFT Hmoždinka TK-PPV  8x220",null,1,200,"ks",112.00000000000001,0.56000000000000005,0,112.00000000000001,0.56000000000000005,null,"ANO"]
[null,9120051896641,"BZZ HTK 22 08 T2Z",null,"TOP KRAFT Hmoždinka TK-PSK  8x220","TOP KRAFT Hmoždinka TK-PPV  8x240",null,1,200,"ks",126,0.63,0,126,0.63,null,"ANO"]
[null,9120051896658,"BZZ HTK 24 08 T2Z",null,"TOP KRAFT Hmoždinka TK-PSK  8x240","TOP KRAFT Hmoždinka TK-PPV  8x260",null,1,200,"ks",140,0.7,0,140,0.7,null,"ANO"]
[null,9120051896665,"BZZ HTK 26 08 T2Z",null,"TOP KRAFT Hmoždinka TK-PSK  8x260","TOP KRAFT Hmoždinka TK-PPV  8x280",null,1,200,"ks",176,0.88,0,176,0.88,null,"ANO"]
[null,9120051896672,"BZZ HTK 28 08 T2Z",null,"TOP KRAFT Hmoždinka TK-PSK  8x280","TOP KRAFT Hmoždinka TK-PPV  8x300",null,1,200,"ks",192,0.96,0,192,0.96,null,"ANO"]
[null,6120051896689,"BZZ HTK 30 08 T2Z",null,"TOP KRAFT Hmoždinka TK-PSK  8x300","TOP KRAFT Hmoždinka TK-PPV  8x320",null,1,200,"ks",206,1.03,0,206,1.03,null,"ANO"]
[null,9120051896696,"BZZ HTK 33 08 T2Z",null,"TOP KRAFT Hmoždinka TK-PSK  8x330","TOP KRAFT Hmoždinka TK-PPV  8x340",null,1,200,"ks",238,1.19,0,238,1.19,null,"ANO"]
[null,9120051896702,"BZZ HTK 36 08 T2Z",null,"TOP KRAFT Hmoždinka TK-PSK  8x360","TOP KRAFT Hmoždinka TK-PPV  8x360",null,1,200,"ks",266,1.33,0,266,1.33,null,"ANO"]
[null,9120051896719,"BZZ HTK 40 08 T2Z",null,"TOP KRAFT Hmoždinka TK-PSK  8x400","TOP KRAFT Hmoždinka TK-PPV  8x380",null,1,100,"ks",172,1.72,0,172,1.72,null,"ANO"]
[null,null,null,"Hmoždinky TOPKRAFT\nEPS, MW; A, B, C, D, E; oceľový šrób TORX 25",null,null,null,null,"Balenie v MJ",null,"Balenie","za MJ","Zľava"]
[null,9120051897648,"BZZ HTK 08 08 T1Z",null,"TOP KRAFT Hmoždinka TK-PSV  8x80","TOP KRAFT Hmoždinka TK-PPV  8x120",null,1,200,"ks",{"$f":"L293*I293","v":120},0.6,0,{"$f":"O293*I293","v":120},{"$f":"L293*(1-M293/100)","v":0.6},null,"ANO"]
[null,9120051897655,"BZZ HTK 10 08 T1Z",null,"TOP KRAFT Hmoždinka TK-PSV  8x100","TOP KRAFT Hmoždinka TK-PPV  8x140",null,1,200,"ks",76,0.38,0,76,0.38,null,"ANO"]
[null,9120051897662,"BZZ HTK 12 08 T1Z",null,"TOP KRAFT Hmoždinka TK-PSV  8x120","TOP KRAFT Hmoždinka TK-PPV  8x160",null,1,200,"ks",78,0.39,0,78,0.39,null,"ANO"]
[null,9120051897679,"BZZ HTK 14 08 T1Z",null,"TOP KRAFT Hmoždinka TK-PSV  8x140","TOP KRAFT Hmoždinka TK-PPV  8x180",null,1,200,"ks",84,0.42,0,84,0.42,null,"ANO"]
[null,9120051897686,"BZZ HTK 16 08 T1Z",null,"TOP KRAFT Hmoždinka TK-PSV  8x160","TOP KRAFT Hmoždinka TK-PPV  8x200",null,1,200,"ks",94,0.47,0,94,0.47,null,"ANO"]
[null,9120051897693,"BZZ HTK 18 08 T1Z",null,"TOP KRAFT Hmoždinka TK-PSV  8x180","TOP KRAFT Hmoždinka TK-PPV  8x220",null,1,200,"ks",104,0.52,0,104,0.52,null,"ANO"]
[null,9120051897709,"BZZ HTK 20 08 T1Z",null,"TOP KRAFT Hmoždinka TK-PSV  8x200","TOP KRAFT Hmoždinka TK-PPV  8x240",null,1,200,"ks",120,0.6,0,120,0.6,null,"ANO"]
[null,9120051897716,"BZZ HTK 22 08 T1Z",null,"TOP KRAFT Hmoždinka TK-PSV  8x220","TOP KRAFT Hmoždinka TK-PPV  8x260",null,1,200,"ks",134,0.67,0,134,0.67,null,"ANO"]
[null,9120051897723,"BZZ HTK 24 08 T1Z",null,"TOP KRAFT Hmoždinka TK-PSV  8x240","TOP KRAFT Hmoždinka TK-PPV  8x280",null,1,200,"ks",150,0.75,0,150,0.75,null,"ANO"]
[null,9120051897730,"BZZ HTK 26 08 T1Z",null,"TOP KRAFT Hmoždinka TK-PSV  8x260","TOP KRAFT Hmoždinka TK-PPV  8x300",null,1,200,"ks",192,0.96,0,192,0.96,null,"ANO"]
[null,9120051897747,"BZZ HTK 28 08 T1Z",null,"TOP KRAFT Hmoždinka TK-PSV  8x280","TOP KRAFT Hmoždinka TK-PPV  8x320",null,1,200,"ks",216,1.08,0,216,1.08,null,"ANO"]
[null,9120051897754,"BZZ HTK 30 08 T1Z",null,"TOP KRAFT Hmoždinka TK-PSV  8x300","TOP KRAFT Hmoždinka TK-PPV  8x340",null,1,200,"ks",231.99999999999997,1.1599999999999999,0,231.99999999999997,1.1599999999999999,null,"ANO"]
[null,null,null,"Hmoždinky TOPKRAFT\nEPS, A, B, C, D, E; plastový šróbovací trň TORX 25",null,null,null,null,"Balenie v MJ",null,"Balenie","za MJ","Zľava"]
[null,9120041897440,"BZZ HTK 10 08 T3Z",null,"TOP KRAFT Hmoždinka TK-PXP-PV  8x100","TOP KRAFT Hmoždinka TK-PPV  8x120",null,1,100,"ks",{"$f":"L306*I306","v":30},0.3,0,{"$f":"O306*I306","v":30},{"$f":"L306*(1-M306/100)","v":0.3},null,"ANO"]
[null,9120041897457,"BZZ HTK 12 08 T3Z",null,"TOP KRAFT Hmoždinka TK-PXP-PV  8x120","TOP KRAFT Hmoždinka TK-PPV  8x140",null,1,100,"ks",32,0.32,0,32,0.32,null,"ANO"]
[null,9120041897464,"BZZ HTK 14 08 T3Z",null,"TOP KRAFT Hmoždinka TK-PXP-PV  8x140","TOP KRAFT Hmoždinka TK-PPV  8x160",null,1,100,"ks",34,0.34,0,34,0.34,null,"ANO"]
[null,9120041897471,"BZZ HTK 16 08 T3Z",null,"TOP KRAFT Hmoždinka TK-PXP-PV  8x160","TOP KRAFT Hmoždinka TK-PPV  8x180",null,1,100,"ks",37,0.37,0,37,0.37,null,"ANO"]
[null,9120041897488,"BZZ HTK 18 08 T3Z",null,"TOP KRAFT Hmoždinka TK-PXP-PV  8x180","TOP KRAFT Hmoždinka TK-PPV  8x200",null,1,100,"ks",41,0.41,0,41,0.41,null,"ANO"]
[null,9120041897495,"BZZ HTK 20 08 T3Z",null,"TOP KRAFT Hmoždinka TK-PXP-PV  8x200","TOP KRAFT Hmoždinka TK-PPV  8x220",null,1,100,"ks",46,0.46,0,46,0.46,null,"ANO"]
[null,9120041897501,"BZZ HTK 22 08 T3Z",null,"TOP KRAFT Hmoždinka TK-PXP-PV  8x220","TOP KRAFT Hmoždinka TK-PPV  8x240",null,1,100,"ks",52,0.52,0,52,0.52,null,"ANO"]
[null,9120041897518,"BZZ HTK 24 08 T3Z",null,"TOP KRAFT Hmoždinka TK-PXP-PV  8x240","TOP KRAFT Hmoždinka TK-PPV  8x260",null,1,100,"ks",57.999999999999993,0.57999999999999996,0,57.999999999999993,0.57999999999999996,null,"ANO"]
[null,9120041897525,"BZZ HTK 26 08 T3Z",null,"TOP KRAFT Hmoždinka TK-PXP-PV  8x260","TOP KRAFT Hmoždinka TK-PPV  8x280",null,1,100,"ks",64,0.64,0,64,0.64,null,"ANO"]
[null,9120041897532,"BZZ HTK 28 08 T3Z",null,"TOP KRAFT Hmoždinka TK-PXP-PV  8x280","TOP KRAFT Hmoždinka TK-PPV  8x300",null,1,100,"ks",74,0.74,0,74,0.74,null,"ANO"]
[null,9120041897549,"BZZ HTK 30 08 T3Z",null,"TOP KRAFT Hmoždinka TK-PXP-PV  8x300","TOP KRAFT Hmoždinka TK-PPV  8x320",null,1,100,"ks",82,0.82,0,82,0.82,null,"ANO"]
[null,null,null,"Hmoždinky TOPKRAFT\nTanierová hmoždinka pre drevostavby s vrutom (TORX 25)",null,null,null,null,"Balenie v MJ",null,"Balenie","za MJ","Zľava"]
[null,9120051898096,"BZZ HTK 06 00 T0Z",null,"TOP KRAFT Hmoždinka TK-PZV-60 ","TOP KRAFT Hmoždinka TK-PPV  8x120",null,1,200,"ks",{"$f":"L318*I318","v":80},0.4,0,{"$f":"O318*I318","v":80},{"$f":"L318*(1-M318/100)","v":0.4},null,"ANO"]
[null,9120051898102,"BZZ HTK 09 00 T0Z",null,"TOP KRAFT Hmoždinka TK-PZV-90 ","TOP KRAFT Hmoždinka TK-PPV  8x140",null,1,200,"ks",88,0.44,0,88,0.44,null,"ANO"]
[null,9120051898119,"BZZ HTK 12 00 T0Z",null,"TOP KRAFT Hmoždinka TK-PZV-120 ","TOP KRAFT Hmoždinka TK-PPV  8x160",null,1,200,"ks",106,0.53,0,106,0.53,null,"ANO"]
[null,9120051898126,"BZZ HTK 15 00 T0Z",null,"TOP KRAFT Hmoždinka TK-PZV-150 ","TOP KRAFT Hmoždinka TK-PPV  8x180",null,1,200,"ks",120,0.6,0,120,0.6,null,"ANO"]
[null,9120051898133,"BZZ HTK 18 00 T0Z",null,"TOP KRAFT Hmoždinka TK-PZV-180 ","TOP KRAFT Hmoždinka TK-PPV  8x200",null,1,200,"ks",132,0.66,0,132,0.66,null,"ANO"]
[null,9120051898140,"BZZ HTK 21 00 T0Z",null,"TOP KRAFT Hmoždinka TK-PZV-210 ","TOP KRAFT Hmoždinka TK-PPV  8x220",null,1,200,"ks",148,0.74,0,148,0.74,null,"ANO"]
[null,null,null,"Hmoždinky TOPKRAFT\nPríslušenstvo TOP KRAFT",null,null,null,null,"Balenie v MJ",null,"Balenie","za MJ","Zľava"]
[null,8586014110314,"BZZ HYU 00 00 T2Z",null,"TOP KRAFT Zátka malá z EPS pre povrchovú montáž hmoždiniek TK-PPV",null,null,1,200,"ks",{"$f":"L325*I325","v":12},0.06,0,{"$f":"O325*I325","v":12},{"$f":"L325*(1-M325/100)","v":0.06},null,"ANO"]
[null,9120051896726,"BZZ HFP 65 00 T0Z",null,"TOP KRAFT TK-CUTTER 65 (fréza na zápustnú montáž,65 mm,plast)",null,null,1,1,"ks",11.61,11.61,0,11.61,11.61,null,"ANO"]
[null,9120051896733,"BZZ HFP 70 00 T0Z",null,"TOP KRAFT TK-CUTTER 70 (fréza na zápustnú montáž, 70 mm,plast)",null,null,1,1,"ks",11.61,11.61,0,11.61,11.61,null,"ANO"]
[null,8586014110109,"BZZ H00 00 00 00Z",null,"TOP KRAFT TK-CUTTER STEEL 70 (fréza na zápustnú montáž 70 mm,kov)",null,null,1,1,"ks",85,85,0,85,85,null,"ANO"]
[null,8586014110390,"BZZ HFK 65 00 T0Z",null,"TOP KRAFT TK-CUTTER STEEL 65 (fréza na zápustnú montáž,65 mm,kov)",null,null,1,1,"ks",53,53,0,53,53,null,"ANO"]
[null,9120051892797,"BZZ HMN 07 00 T0Z",null,"TOP KRAFT TK-TOOL-PZV (aplikačný nástavec priemer 70mm)",null,null,1,1,"ks",118,118,0,118,118,null,"ANO"]
[null,9120051892339,"BZZ HMN 00 00 T0Z",null,"TOP KRAFT TK-TOOL-PPV (aplikačný nástavec priemer 70mm)",null,null,1,1,"ks",118,118,0,118,118,null,"ANO"]
[null,8586014110888,"BZZ HVU 06 00 T0Z",null,"TOP KRAFT Zátka z MW 65 mm",null,null,1,100,"ks",10,0.1,0,10,0.1,null,"ANO"]
[null,8576014110727,"BZZ HYU 06 00 T0Z",null,"TOP KRAFT Zátka z bieleho EPS 65 mm",null,null,1,200,"ks",14.000000000000002,7.0000000000000007E-2,0,14.000000000000002,7.0000000000000007E-2,null,"ANO"]
[null,8586014110734,"BZZ HYU 06 00 T1Z",null,"TOP KRAFT Zátka zo šedého EPS 65 mm",null,null,1,200,"ks",16,0.08,0,16,0.08,null,"ANO"]
[null,8586014110307,"BZZ HVU 07 00 T0Z",null,"TOP KRAFT Zátka z MW 70 mm",null,null,1,225,"ks",22.5,0.1,0,22.5,0.1,null,"ANO"]
[null,8586014110895,"BZZ HYU 07 00 T0Z",null,"TOP KRAFT Zátka z bieleho EPS 70 mm",null,null,1,200,"ks",14.000000000000002,7.0000000000000007E-2,0,14.000000000000002,7.0000000000000007E-2,null,"ANO"]
[null,8586014110901,"BZZ HYU 07 00 T1Z",null,"TOP KRAFT Zátka z šedého EPS 70 mm",null,null,1,200,"ks",16,0.08,0,16,0.08,null,"ANO"]
[null,9120051899833,"BZZ HLD 10 00 T0Z",null,"Tepeľne izolačný (prrtlačný) tanierik TK PLATE 100",null,null,1,200,"ks",40,0.2,0,40,0.2,null,"ANO"]
[null,9120051899840,"BZZ HLD 11 00 T0Z",null,"Tepeľne izolačný (prrtlačný) tanierik  TK PLATE 110",null,null,1,100,"ks",56.000000000000007,0.56000000000000005,0,56.000000000000007,0.56000000000000005,null,"ANO"]
[null,9120051899673,"BZZ HLD 14 00 T0Z",null,"Tepeľne izolačný (prrtlačný) tanierik  TK PLATE 140",null,null,1,200,"ks",90,0.45,0,90,0.45,null,"ANO"]
[null,9002741161225,"BZZ HZM 20 26 T0Z",null,"bezpríklepový vrták do tehly a plynosilikátu - sds úchyt - 8/200/260mm",null,null,1,1,"ks",24.26,24.26,0,24.26,24.26,null,"ANO"]
[null,9002741236671,"BZZ HZM 40 45 T0Z",null,"bezpríklepový vrták do tehly a plynosilikátu - sds úchyt - 8/400/450mm",null,null,1,1,"ks",30.24,30.24,0,30.24,30.24,null,"ANO"]
[null,null,null,"Hmoždinky ECORAW\nSpiralAnksys pre kotvenie EPS",null,null,null,null,"Balenie v MJ",null,"Balenie","za MJ","Zľava"]
[null,"8594166651012","BZZ HSA 16 00 00Z",null,"Spiral Anksys SA160",null,null,1,1,"ks",{"$f":"L344*I344","v":0.97},0.97,0,{"$f":"O344*I344","v":0.97},{"$f":"L344*(1-M344/100)","v":0.97},null,"ANO"]
[null,"8594166651029","BZZ HSA 17 00 00Z",null,"Spiral Anksys SA170",null,null,1,1,"ks",1.03,1.03,0,1.03,1.03,null,"ANO"]
[null,"8594166651036","BZZ HSA 19 00 00Z",null,"Spiral Anksys SA190",null,null,1,1,"ks",1.0900000000000001,1.0900000000000001,0,1.0900000000000001,1.0900000000000001,null,"ANO"]
[null,"8594166651043","BZZ HSA 21 00 00Z",null,"Spiral Anksys SA210",null,null,1,1,"ks",1.1599999999999999,1.1599999999999999,0,1.1599999999999999,1.1599999999999999,null,"ANO"]
[null,"8594166651050","BZZ HSA 23 00 00Z",null,"Spiral Anksys SA230",null,null,1,1,"ks",1.22,1.22,0,1.22,1.22,null,"ANO"]
[null,"8594166651067","BZZ HSA 25 00 00Z",null,"Spiral Anksys SA250",null,null,1,1,"ks",1.29,1.29,0,1.29,1.29,null,"ANO"]
[null,"8594166651265","BZZ HSA 26 00 00Z",null,"Spiral Anksys SA260",null,null,1,1,"ks",1.33,1.33,0,1.33,1.33,null,"ANO"]
[null,"8594166651074","BZZ HSA 27 00 00Z",null,"Spiral Anksys SA270",null,null,1,1,"ks",1.37,1.37,0,1.37,1.37,null,"ANO"]
[null,"8594166651081","BZZ HSA 29 00 00Z",null,"Spiral Anksys SA290",null,null,1,1,"ks",1.48,1.48,0,1.48,1.48,null,"ANO"]
[null,"8594166651098","BZZ HSA 31 00 00Z",null,"Spiral Anksys SA310",null,null,1,1,"ks",1.61,1.61,0,1.61,1.61,null,"ANO"]
[null,"8594166651104","BZZ HSA 33 00 00Z",null,"Spiral Anksys SA330",null,null,1,1,"ks",1.78,1.78,0,1.78,1.78,null,"ANO"]
[null,"8594166651111","BZZ HSA 35 00 00Z",null,"Spiral Anksys SA350",null,null,1,1,"ks",1.94,1.94,0,1.94,1.94,null,"ANO"]
[null,"8594166651128","BZZ HSA 37 00 00Z",null,"Spiral Anksys SA370",null,null,1,1,"ks",2.11,2.11,0,2.11,2.11,null,"ANO"]
[null,"8594166651135","BZZ HSA 39 00 00Z",null,"Spiral Anksys SA390",null,null,1,1,"ks",2.2999999999999998,2.2999999999999998,0,2.2999999999999998,2.2999999999999998,null,"ANO"]
[null,"8594166651142","BZZ HSA 41 00 00Z",null,"Spiral Anksys SA410",null,null,1,1,"ks",2.48,2.48,0,2.48,2.48,null,"ANO"]
[null,"8594166651159","BZZ HSA 43 00 00Z",null,"Spiral Anksys SA430",null,null,1,1,"ks",2.71,2.71,0,2.71,2.71,null,"ANO"]
[null,null,null,"Hmoždinky ECORAW\nSpiral Anksys pre kotvenie s povrchovým modulem PM70",null,null,null,null,"Balenie v MJ",null,"Balenie","za MJ","Zľava"]
[null,"8594166651012","BZZ HSA 16 70 00Z",null,"Spiral Anksys SA/PM70/160",null,null,1,1,"ks",{"$f":"L361*I361","v":1.3},1.3,0,{"$f":"O361*I361","v":1.3},{"$f":"L361*(1-M361/100)","v":1.3},null,"ANO"]
[null,"8594166651029","BZZ HSA 17 70 00Z",null,"Spiral Anksys SA/PM70/170",null,null,1,1,"ks",1.36,1.36,0,1.36,1.36,null,"ANO"]
[null,"8594166651036","BZZ HSA 19 70 00Z",null,"Spiral Anksys SA/PM70/190",null,null,1,1,"ks",1.43,1.43,0,1.43,1.43,null,"ANO"]
[null,"8594166651043","BZZ HSA 21 70 00Z",null,"Spiral Anksys SA/PM70/210",null,null,1,1,"ks",1.5,1.5,0,1.5,1.5,null,"ANO"]
[null,"8594166651050","BZZ HSA 23 70 00Z",null,"Spiral Anksys SA/PM70/230",null,null,1,1,"ks",1.56,1.56,0,1.56,1.56,null,"ANO"]
[null,"8594166651067","BZZ HSA 25 70 00Z",null,"Spiral Anksys SA/PM70/250",null,null,1,1,"ks",1.64,1.64,0,1.64,1.64,null,"ANO"]
[null,"8594166651265","BZZ HSA 26 70 00Z",null,"Spiral Anksys SA/PM70/260",null,null,1,1,"ks",1.68,1.68,0,1.68,1.68,null,"ANO"]
[null,"8594166651074","BZZ HSA 27 70 00Z",null,"Spiral Anksys SA/PM70/270",null,null,1,1,"ks",1.72,1.72,0,1.72,1.72,null,"ANO"]
[null,"8594166651081","BZZ HSA 29 70 00Z",null,"Spiral Anksys SA/PM70/290",null,null,1,1,"ks",1.84,1.84,0,1.84,1.84,null,"ANO"]
[null,"8594166651098","BZZ HSA 31 70 00Z",null,"Spiral Anksys SA/PM70/310",null,null,1,1,"ks",1.98,1.98,0,1.98,1.98,null,"ANO"]
[null,"8594166651104","BZZ HSA 33 70 00Z",null,"Spiral Anksys SA/PM70/330",null,null,1,1,"ks",2.16,2.16,0,2.16,2.16,null,"ANO"]
[null,"8594166651111","BZZ HSA 35 70 00Z",null,"Spiral Anksys SA/PM70/350",null,null,1,1,"ks",2.3199999999999998,2.3199999999999998,0,2.3199999999999998,2.3199999999999998,null,"ANO"]
[null,"8594166651128","BZZ HSA 37 70 00Z",null,"Spiral Anksys SA/PM70/370",null,null,1,1,"ks",2.5,2.5,0,2.5,2.5,null,"ANO"]
[null,"8594166651135","BZZ HSA 39 70 00Z",null,"Spiral Anksys SA/PM70/390",null,null,1,1,"ks",2.7,2.7,0,2.7,2.7,null,"ANO"]
[null,"8594166651142","BZZ HSA 41 70 00Z",null,"Spiral Anksys SA/PM70/410",null,null,1,1,"ks",2.9,2.9,0,2.9,2.9,null,"ANO"]
[null,"8594166651159","BZZ HSA 43 70 00Z",null,"Spiral Anksys SA/PM70/430",null,null,1,1,"ks",3.13,3.13,0,3.13,3.13,null,"ANO"]
[null,null,null,"Hmoždinky ECORAW\nMontážne prípravky Spiral Anksys",null,null,null,null,"Balenie v MJ",null,"Balenie","za MJ","Zľava"]
[null,"8594166651005","BZZ HZM 00 00 00Z",null,"Závrtný modul SM70",null,null,1,1,"ks",{"$f":"L378*I378","v":0.26},0.26,0,{"$f":"O378*I378","v":0.26},{"$f":"L378*(1-M378/100)","v":0.26},null,"ANO"]
[null,"8594166651166","BZZ HZM 00 00 00Z",null,"Povrchový modul PM70",null,null,1,1,"ks",0.26,0.26,0,0.26,0.26,null,"ANO"]
[null,"8594166653016","BZZ HPU 75 00 01Z",null,"Expanzný hmota SAF1",null,null,1,12,"ks",100.80000000000001,8.4,0,100.80000000000001,8.4,null,"ANO"]
[null,"8594166653023","BZZ HPU 75 00 03Z",null,"Expanzný hmota SAF3",null,null,1,12,"ks",108.96000000000001,9.08,0,108.96000000000001,9.08,null,"ANO"]
[null,null,"BZZ HMN 15 00 00Z",null,"Aplikačný prípravok SAT 150",null,null,1,1,"ks",9.08,9.08,0,9.08,9.08,null,"ANO"]
[null,null,"BZZ HMN 20 00 00Z",null,"Aplikačný prípravok  SAT 200",null,null,1,1,"ks",9.8000000000000007,9.8000000000000007,0,9.8000000000000007,9.8000000000000007,null,"ANO"]
[null,null,"BZZ HMN 25 00 00Z",null,"Aplikačný prípravok  SAT 250",null,null,1,1,"ks",10.76,10.76,0,10.76,10.76,null,"ANO"]
[null,null,"BZZ HMN 00 00 00Z",null,"SMT montážny unášač pre moduly SM70",null,null,1,1,"ks",16.52,16.52,0,16.52,16.52,null,"ANO"]
[null,null,"BZZ HSS 00 00 00Z",null,"Sanačná svorka ST Sanasys Too",null,null,1,1,"ks",106,106,0,106,106,null,"ANO"]
[null,null,null,"Hmoždinky RANIT\nEPS, MW; A, B, C, E; oceľový šrób TORX 30",null,null,null,null,"Balenie v MJ",null,"Balenie","za MJ","Zľava"]
[null,"4038078201209","BZZ HTK 12 04 R0Z",null,"IsoFux Rocket 040 ( 115mm)",null,null,1,100,"ks",{"$f":"L388*I388","v":60},0.6,0,{"$f":"O388*I388","v":60},{"$f":"L388*(1-M388/100)","v":0.6},null,"ANO"]
[null,"4038078201216","BZZ HTK 14 06 R0Z",null,"IsoFux Rocket 060 ( 135mm)",null,null,1,100,"ks",60,0.6,0,60,0.6,null,"ANO"]
[null,"4038078201223","BZZ HTK 16 08 R0Z",null,"IsoFux Rocket 080 ( 155mm)",null,null,1,100,"ks",62,0.62,0,62,0.62,null,"ANO"]
[null,"4038078201230","BZZ HTK 18 10 R0Z",null,"IsoFux Rocket 100 ( 175mm)",null,null,1,100,"ks",67,0.67,0,67,0.67,null,"ANO"]
[null,"4038078201247","BZZ HTK 20 12 R0Z",null,"IsoFux Rocket 120 ( 195mm)",null,null,1,100,"ks",96,0.96,0,96,0.96,null,"ANO"]
[null,"4038078201254","BZZ HTK 22 14 R0Z",null,"IsoFux Rocket 140 ( 215mm)",null,null,1,100,"ks",79,0.79,0,79,0.79,null,"ANO"]
[null,"4038078201261","BZZ HTK 24 16 R0Z",null,"IsoFux Rocket 160 ( 235mm)",null,null,1,100,"ks",85,0.85,0,85,0.85,null,"ANO"]
[null,"4038078201278","BZZ HTK 26 18 R0Z",null,"IsoFux Rocket 180 ( 255mm)",null,null,1,100,"ks",96,0.96,0,96,0.96,null,"ANO"]
[null,"4038078201285","BZZ HTK 28 20 R0Z",null,"IsoFux Rocket 200 ( 275mm)",null,null,1,100,"ks",105,1.05,0,105,1.05,null,"ANO"]
[null,"4038078201292","BZZ HTK 30 22 R0Z",null,"IsoFux Rocket 220 ( 295mm)",null,null,1,100,"ks",126,1.26,0,126,1.26,null,"ANO"]
[null,"4038078201308","BZZ HTK 32 24 R0Z",null,"IsoFux Rocket 240 ( 315mm)",null,null,1,100,"ks",152,1.52,0,152,1.52,null,"ANO"]
[null,"4038078201315","BZZ HTK 34 26 R0Z",null,"IsoFux Rocket 260 ( 335mm)",null,null,1,100,"ks",177,1.77,0,177,1.77,null,"ANO"]
[null,"4038078201322","BZZ HTK 36 28 R0Z",null,"IsoFux Rocket 280 ( 355mm)",null,null,1,100,"ks",197,1.97,0,197,1.97,null,"ANO"]
[null,"4038078201339","BZZ HTK 40 32 R0Z",null,"IsoFux Rocket 320 ( 395mm)",null,null,1,100,"ks",259,2.59,0,259,2.59,null,"ANO"]
[null,"4038078201346","BZZ HTK 44 36 R0Z",null,"IsoFux Rocket 360 ( 435mm)",null,null,1,100,"ks",332,3.32,0,332,3.32,null,"ANO"]
[null,4038078200073,"BZZ HYU 00 00 R0Z",null,"Zátka EPS-QUICK bílá",null,null,1,300,"ks",33,0.11,0,33,0.11,null,"ANO"]
[null,4038078200080,"BZZ HYU 00 00 R1Z",null,"Zátka EPS-QUICK EPS šedá",null,null,1,300,"ks",33,0.11,0,33,0.11,null,"ANO"]
[null,4038078200097,"BZZ HVU 00 00 R0Z",null,"Zátka MW-QUICK (minerální)",null,null,1,100,"ks",17,0.17,0,17,0.17,null,"ANO"]
[null,4038078200066,"BZZ HMN 00 00 R0Z",null,"Montážní tool OPTI",null,null,1,1,"ks",100.38,100.38,0,100.38,100.38,null,"ANO"]
[null,4038078200264,"BZZ HLD 00 00 R0Z",null,"MW-CUP ",null,null,1,100,"ks",62,0.62,0,62,0.62,null,"ANO"]
[null,4038078200172,"BZZ HLD 14 00 R0Z",null,"T140",null,null,1,100,"ks",66,0.66,0,66,0.66,null,"ANO"]
[null,4038078200165,"BZZ HLD 09 00 R0Z",null,"T90",null,null,1,100,"ks",28.999999999999996,0.28999999999999998,0,28.999999999999996,0.28999999999999998,null,"ANO"]
[null,"4038078205207","BZZ HTK 00 00 R1Z",null,"IsoFux Rocket EVOlution","novinka",null,1,200,"ks",134,0.67,0,134,0.67,null,"ANO"]
[null,"4038078205580","BZZ HPL 75 00 R0Z",null,"EVO lepicí pěna 750 ml","novinka",null,1,12,"ks",197.28000000000003,16.440000000000001,0,197.28000000000003,16.440000000000001,null,"ANO"]
[null,"4038078205603","BZZ HMN 00 00 R2Z",null,"EVO montážní sada","novinka",null,1,1,"ks",233.73,233.73,0,233.73,233.73,null,"ANO"]
[null,4038078205801,"BZZ HZM 00 00 R1Z",null,"EVO Vrtací adptér 300","novinka",null,1,1,"ks",66.5,66.5,0,66.5,66.5,null,"ANO"]
[null,4038078205900,"BZZ HMN 00 00 R3Z",null,"EVO Distance Control Torx T30","novinka",null,1,1,"ks",35.729999999999997,35.729999999999997,0,35.729999999999997,35.729999999999997,null,"ANO"]
[null,4038078205849,"BZZ HZM 00 00 R0Z",null,"EVO vrták do betonu Ø 8x80x155 mm ","novinka",null,1,10,"ks",1204.8999999999999,120.49,0,1204.8999999999999,120.49,null,"ANO"]
[null,null,null,"Hmoždinky RAWLPLUG\nHmoždinka pre EPS a MW; A, B, C, D, E;\noceľový šrób s plastovou hlavou",null,null,null,null,"Balenie v MJ",null,"Balenie","za MJ","Zľava"]
[null,"5906675417479","BZZ HTP 12 08 N0Z",null,"RAWLPLUG hmoždinka-R-TFIX-8S-115",null,null,1,200,"ks",{"$f":"L417*I417","v":82},0.41,0,{"$f":"O417*I417","v":82},{"$f":"L417*(1-M417/100)","v":0.41},null,"ANO"]
[null,"5906675417486","BZZ HTP 14 08 N0Z",null,"RAWLPLUG hmoždinka-R-TFIX-8S-135",null,null,1,200,"ks",92,0.46,0,92,0.46,null,"ANO"]
[null,"5906675417493","BZZ HTP 16 08 N0Z",null,"RAWLPLUG hmoždinka-R-TFIX-8S-155",null,null,1,200,"ks",100,0.5,0,100,0.5,null,"ANO"]
[null,"5906675417509","BZZ HTP 18 08 N0Z",null,"RAWLPLUG hmoždinka-R-TFIX-8S-175",null,null,1,200,"ks",113.99999999999999,0.56999999999999995,0,113.99999999999999,0.56999999999999995,null,"ANO"]
[null,"5906675417516","BZZ HTP 20 08 N0Z",null,"RAWLPLUG hmoždinka-R-TFIX-8S-195",null,null,1,200,"ks",142,0.71,0,142,0.71,null,"ANO"]
[null,"5906675417530","BZZ HTP 22 08 N0Z",null,"RAWLPLUG hmoždinka-R-TFIX-8S-215",null,null,1,100,"ks",84,0.84,0,84,0.84,null,"ANO"]
[null,"5906675417547","BZZ HTP 24 08 N0Z",null,"RAWLPLUG hmoždinka-R-TFIX-8S-235",null,null,1,100,"ks",96,0.96,0,96,0.96,null,"ANO"]
[null,"5906675417554","BZZ HTP 26 08 N0Z",null,"RAWLPLUG hmoždinka-R-TFIX-8S-255",null,null,1,100,"ks",111.00000000000001,1.1100000000000001,0,111.00000000000001,1.1100000000000001,null,"ANO"]
[null,"5906675417561","BZZ HTP 28 08 N0Z",null,"RAWLPLUG hmoždinka-R-TFIX-8S-275",null,null,1,100,"ks",127,1.27,0,127,1.27,null,"ANO"]
[null,"5906675417578","BZZ HTP 30 08 N0Z",null,"RAWLPLUG hmoždinka-R-TFIX-8S-295",null,null,1,100,"ks",141,1.41,0,141,1.41,null,"ANO"]
[null,"5906675498935","BZZ HTP 32 08 N0Z",null,"RAWLPLUG hmoždinka-R-TFIX-8S-315",null,null,1,100,"ks",168,1.68,0,168,1.68,null,"ANO"]
[null,"5906675417585","BZZ HTP 34 08 N0Z",null,"RAWLPLUG hmoždinka-R-TFIX-8S-335",null,null,1,100,"ks",180,1.8,0,180,1.8,null,"ANO"]
[null,"5906675417592","BZZ HTP 36 08 N0Z",null,"RAWLPLUG hmoždinka-R-TFIX-8S-355",null,null,1,100,"ks",212,2.12,0,212,2.12,null,"ANO"]
[null,"5906675417608","BZZ HTP 38 08 N0Z",null,"RAWLPLUG hmoždinka-R-TFIX-8S-375",null,null,1,100,"ks",237,2.37,0,237,2.37,null,"ANO"]
[null,"5906675417615","BZZ HTP 40 08 N0Z",null,"RAWLPLUG hmoždinka-R-TFIX-8S-395",null,null,1,50,"ks",126.49999999999999,2.5299999999999998,0,126.49999999999999,2.5299999999999998,null,"ANO"]
[null,"5906675417639","BZZ HTP 42 08 N0Z",null,"RAWLPLUG hmoždinka-R-TFIX-8S-415",null,null,1,50,"ks",143,2.86,0,143,2.86,null,"ANO"]
[null,"5906675417646","BZZ HTP 44 08 N0Z",null,"RAWLPLUG hmoždinka-R-TFIX-8S-435",null,null,1,50,"ks",155,3.1,0,155,3.1,null,"ANO"]
[null,"5906675417653","BZZ HTP 46 08 N0Z",null,"RAWLPLUG hmoždinka-R-TFIX-8S-455",null,null,1,50,"ks",171.5,3.43,0,171.5,3.43,null,"ANO"]
[null,null,null,"Hmoždinky RAWLPLUG\nHmoždinka pre EPS a MW; A, B, C, D, E;\nocelový šroub - jednokroková montáž",null,null,null,null,"Balenie v MJ",null,"Balenie","za MJ","Zľava"]
[null,"5906675417660","BZZ HTK 12 08 N0Z",null,"RAWLPLUG hmoždinka-R-TFIX-8SX-115",null,null,1,200,"ks",{"$f":"L436*I436","v":80},0.4,0,{"$f":"O436*I436","v":80},{"$f":"L436*(1-M436/100)","v":0.4},null,"ANO"]
[null,"5906675417677","BZZ HTK 14 08 N0Z",null,"RAWLPLUG hmoždinka-R-TFIX-8SX-135",null,null,1,200,"ks",90,0.45,0,90,0.45,null,"ANO"]
[null,"5906675417684","BZZ HTK 16 08 N0Z",null,"RAWLPLUG hmoždinka-R-TFIX-8SX-155",null,null,1,200,"ks",96,0.48,0,96,0.48,null,"ANO"]
[null,"5906675417691","BZZ HTK 18 08 N0Z",null,"RAWLPLUG hmoždinka-R-TFIX-8SX-175",null,null,1,200,"ks",110.00000000000001,0.55000000000000004,0,110.00000000000001,0.55000000000000004,null,"ANO"]
[null,"5906675417707","BZZ HTK 20 08 N0Z",null,"RAWLPLUG hmoždinka-R-TFIX-8SX-195",null,null,1,200,"ks",136,0.68,0,136,0.68,null,"ANO"]
[null,"5906675417714","BZZ HTK 22 08 N0Z",null,"RAWLPLUG hmoždinka-R-TFIX-8SX-215",null,null,1,100,"ks",82,0.82,0,82,0.82,null,"ANO"]
[null,"5906675417738","BZZ HTK 24 08 N0Z",null,"RAWLPLUG hmoždinka-R-TFIX-8SX-235",null,null,1,100,"ks",108,1.08,0,108,1.08,null,"ANO"]
[null,"5906675417745","BZZ HTK 26 08 N0Z",null,"RAWLPLUG hmoždinka-R-TFIX-8SX-255",null,null,1,100,"ks",108,1.08,0,108,1.08,null,"ANO"]
[null,"5906675417752","BZZ HTK 28 08 N0Z",null,"RAWLPLUG hmoždinka-R-TFIX-8SX-275",null,null,1,100,"ks",123,1.23,0,123,1.23,null,"ANO"]
[null,"5906675417769","BZZ HTK 30 08 N0Z",null,"RAWLPLUG hmoždinka-R-TFIX-8SX-295",null,null,1,100,"ks",137,1.37,0,137,1.37,null,"ANO"]
[null,"5906675498942","BZZ HTK 32 08 N0Z",null,"RAWLPLUG hmoždinka-R-TFIX-8SX-315",null,null,1,100,"ks",163,1.63,0,163,1.63,null,"ANO"]
[null,"5906675417776","BZZ HTK 34 08 N0Z",null,"RAWLPLUG hmoždinka-R-TFIX-8SX-335",null,null,1,100,"ks",174,1.74,0,174,1.74,null,"ANO"]
[null,"5906675417783","BZZ HTK 36 08 N0Z",null,"RAWLPLUG hmoždinka-R-TFIX-8SX-355",null,null,1,100,"ks",208,2.08,0,208,2.08,null,"ANO"]
[null,"5906675417790","BZZ HTK 38 08 N0Z",null,"RAWLPLUG hmoždinka-R-TFIX-8SX-375",null,null,1,100,"ks",229,2.29,0,229,2.29,null,"ANO"]
[null,"5906675417806","BZZ HTK 40 08 N0Z",null,"RAWLPLUG hmoždinka-R-TFIX-8SX-395",null,null,1,50,"ks",122.50000000000001,2.4500000000000002,0,122.50000000000001,2.4500000000000002,null,"ANO"]
[null,"5906675417813","BZZ HTK 42 08 N0Z",null,"RAWLPLUG hmoždinka-R-TFIX-8SX-415",null,null,1,50,"ks",137,2.74,0,137,2.74,null,"ANO"]
[null,"5906675417837","BZZ HTK 44 08 N0Z",null,"RAWLPLUG hmoždinka-R-TFIX-8SX-435",null,null,1,50,"ks",151,3.02,0,151,3.02,null,"ANO"]
[null,"5906675417844","BZZ HTK 46 08 N0Z",null,"RAWLPLUG hmoždinka-R-TFIX-8SX-455",null,null,1,50,"ks",158,3.16,0,158,3.16,null,"ANO"]
[null,null,null,"Hmoždinky RAWLPLUG\nHmoždinka pre EPS a MW; A, B, C, D\noceľový trň s plastovou hlavou",null,null,null,null,"Balenie v MJ",null,"Balenie","za MJ","Zľava"]
[null,"5906675188768","BZZ HTN 10 08 N1Z",null,"RAWLPLUG hmoždinka-TFIX-8M-095",null,null,1,200,"ks",{"$f":"L455*I455","v":64},0.32,0,{"$f":"O455*I455","v":64},{"$f":"L455*(1-M455/100)","v":0.32},null,"ANO"]
[null,"5906675188775","BZZ HTN 12 08 N1Z",null,"RAWLPLUG hmoždinka-TFIX-8M-115",null,null,1,200,"ks",66,0.33,0,66,0.33,null,"ANO"]
[null,5906675269436,"BZZ HTN 14 08 N0Z",null,"RAWLPLUG hmoždinka-R-TFIX-8M-135",null,null,1,200,"ks",70,0.35,0,70,0.35,null,"ANO"]
[null,5906675269443,"BZZ HTN 16 08 N0Z",null,"RAWLPLUG hmoždinka-R-TFIX-8M-155",null,null,1,200,"ks",76,0.38,0,76,0.38,null,"ANO"]
[null,5906675269450,"BZZ HTN 18 08 N0Z",null,"RAWLPLUG hmoždinka-R-TFIX-8M-175",null,null,1,200,"ks",82,0.41,0,82,0.41,null,"ANO"]
[null,5906675269467,"BZZ HTN 20 08 N0Z",null,"RAWLPLUG hmoždinka-R-TFIX-8M-195",null,null,1,200,"ks",88,0.44,0,88,0.44,null,"ANO"]
[null,5906675269474,"BZZ HTN 22 08 N0Z",null,"RAWLPLUG hmoždinka-R-TFIX-8M-215",null,null,1,100,"ks",49,0.49,0,49,0.49,null,"ANO"]
[null,5906675269481,"BZZ HTN 24 08 N0Z",null,"RAWLPLUG hmoždinka-R-TFIX-8M-235",null,null,1,100,"ks",60,0.6,0,60,0.6,null,"ANO"]
[null,5906675269498,"BZZ HTN 26 08 N0Z",null,"RAWLPLUG hmoždinka-R-TFIX-8M-255",null,null,1,100,"ks",70,0.7,0,70,0.7,null,"ANO"]
[null,5906675269504,"BZZ HTN 28 08 N0Z",null,"RAWLPLUG hmoždinka-R-TFIX-8M-275",null,null,1,100,"ks",78,0.78,0,78,0.78,null,"ANO"]
[null,5906675269511,"BZZ HTN 30 08 N0Z",null,"RAWLPLUG hmoždinka-R-TFIX-8M-295",null,null,1,100,"ks",88,0.88,0,88,0.88,null,"ANO"]
[null,null,null,"Hmoždinky RAWLPLUG\nPřrslušenstvo",null,null,null,null,"Balenie v MJ",null,"Balenie","za MJ","Zľava"]
[null,"5906675078984","BZZ HLD 05 00 N0Z",null,"RAWLPLUG-tanier-KCX-055",null,null,1,400,"ks",{"$f":"L467*I467","v":80},0.2,0,{"$f":"O467*I467","v":80},{"$f":"L467*(1-M467/100)","v":0.2},null,"ANO"]
[null,"5906675078991","BZZ HLD 10 00 N0Z",null,"RAWLPLUG-tanier-KCX-105",null,null,1,250,"ks",65,0.26,0,65,0.26,null,"ANO"]
[null,"5906675079004","BZZ HLD 16 00 N0Z",null,"RAWLPLUG-tanier-KCX-165",null,null,1,150,"ks",46.5,0.31,0,46.5,0.31,null,"ANO"]
[null,"5906675322827","BZZ HLD 11 00 N0Z",null,"RAWLPLUG-tanier-R-KWX-110",null,null,1,100,"ks",45,0.45,0,45,0.45,null,"ANO"]
[null,"5906675414690","BZZ HLD 06 00 N0Z",null,"RAWLPLUG-tanier-R-KWX-63",null,null,1,100,"ks",40,0.4,0,40,0.4,null,"ANO"]
[null,"5906675492483","BZZ HLD 14 00 N0Z",null,"RAWLPLUG-tanier-KWL-140",null,null,1,100,"ks",39,0.39,0,39,0.39,null,"ANO"]
[null,"5906675437064","BZZ HLD 08 00 N0Z",null,"RAWLPLUG-tanier-MKC-85",null,null,1,250,"ks",85,0.34,0,85,0.34,null,"ANO"]
[null,5906675468297,"BZZ HMN 00 00 N2Z",null,"RAWLPLUG-nástavec R-TFIX-TOOL-CS",null,null,1,1,"ks",107,107,0,107,107,null,"ANO"]
[null,"5906675412245","BZZ HMN 00 00 N3Z",null,"RAWLPLUG-nástavec R-TFIX-TOOL-RED",null,null,1,1,"ks",35.75,35.75,0,35.75,35.75,null,"ANO"]
[null,"5906675412252","BZZ HMN 00 00 N4Z",null,"RAWLPLUG-nástavec R-TFIX-TOOL-GREEN",null,null,1,1,"ks",35.75,35.75,0,35.75,35.75,null,"ANO"]
[null,"5906675412269","BZZ HMN 00 00 N5Z",null,"RAWLPLUG-nástavec R-TFIX-TOOL-GREY",null,null,1,1,"ks",35.75,35.75,0,35.75,35.75,null,"ANO"]
[null,"5906675412276","BZZ HMN 00 00 N6Z",null,"RAWLPLUG-nástavec R-TFIX-TOOL-BLACK",null,null,1,1,"ks",35.75,35.75,0,35.75,35.75,null,"ANO"]
[null,"5906675390321","BZZ HYU 06 00 N1Z",null,"RAWLPLUG-zátka EPS-R-TFIX-CAP63-EPS-G",null,null,1,100,"ks",7.0000000000000009,7.0000000000000007E-2,0,7.0000000000000009,7.0000000000000007E-2,null,"ANO"]
[null,"5906675390314","BZZ HYU 06 00 N0Z",null,"RAWLPLUG-zátka EPS-R-TFIX-CAP63-EPS-W",null,null,1,100,"ks",6,0.06,0,6,0.06,null,"ANO"]
[null,"5906675403168","BZZ HYU 01 00 N1Z",null,"RAWLPLUG-zátka EPS-R-TFIX-CAP15-EPS-G",null,null,1,100,"ks",2,0.02,0,2,0.02,null,"ANO"]
[null,"5906675403151","BZZ HYU 01 00 N0Z",null,"RAWLPLUG-zátka EPS-R-TFIX-CAP15-EPS-W",null,null,1,100,"ks",2,0.02,0,2,0.02,null,"ANO"]
[null,"5906675390338","BZZ HVU 06 00 N0Z",null,"RAWLPLUG-zátka MW-R-TFIX-CAP63-MW",null,null,1,100,"ks",16,0.16,0,16,0.16,null,"ANO"]
[null,null,"BZZ HFK 65 00 N0Z",null,"RAWLPLUG-frézka do MW-KFS KOV",null,null,1,1,"ks",59.4,59.4,0,59.4,59.4,null,"ANO"]
[null,"5906675390307 ","BZZ HFP 63 10 N0Z",null,"RAWLPLUG-frézka do EPS-R-KFS-63",null,null,1,1,"ks",17.32,17.32,0,17.32,17.32,null,"ANO"]
[]
[null,null,"OSTATNÉ"]
[null,null,"BALKÓNY"]
[null,null,null,"BALKÓNOVÉ LIŠTY",null,null,null,null,"Balenie v MJ",null,"Balenie","MJ","Zľava","Balenie","za MJ"]
[null,"8595244880140","BZZ DBA 00 00 00Z",null,"Lišta balkónová AL - šedá-koncovka",null,null,null,1,"pár",{"$f":"L490*I490","v":5.66},5.66,null,{"$f":"K490*(1-M490/100)","v":5.66},{"$f":"L490*(1-M490/100)","v":5.66},null,"ÁNO"]
[null,"8595244880157","BZZ DBA 00 00 02Z",null,"Lišta balkónová AL - biela-koncovka",null,null,null,1,"pár",{"$f":"L491*I491","v":5.66},5.66,null,5.66,5.66,null,"ÁNO"]
[null,"8595244880164","BZZ DBA 00 00 03Z",null,"Lišta balkónová AL - hnedá-koncovka",null,null,null,1,"pár",{"$f":"L492*I492","v":5.66},5.66,null,5.66,5.66,null,"ÁNO"]
[null,"8595244815876","BZZ FBA 00 00 00Z",null,"Lišta balkónová AL - šedá-priamy 2bm",null,null,null,1,"ks",{"$f":"L493*I493*2","v":14.96},7.48,null,14.96,7.48,null,"ÁNO"]
[null,"8595244815883","BZZ FBA 00 00 02Z",null,"Lišta balkónová AL - biela-priamy 2bm",null,null,null,1,"ks",{"$f":"L494*I494*2","v":14.96},7.48,null,14.96,7.48,null,"ÁNO"]
[null,"8595244815890","BZZ FBA 00 00 03Z",null,"Lišta balkónová AL - hnedá-priamy 2bm",null,null,null,1,"ks",{"$f":"L495*I495*2","v":14.96},7.48,null,14.96,7.48,null,"ÁNO"]
[null,"8595244815913","BZZ FBD 00 00 00Z",null,"Lišta balkónová AL - šedá-rohový 1x1m",null,null,null,1,"ks",{"$f":"L496*I496","v":7.74},7.74,null,7.74,7.74,null,"ÁNO"]
[null,"8595244815920","BZZ FBD 00 00 02Z",null,"Lišta balkónová AL - biela-rohový 1x1m",null,null,null,1,"ks",7.74,7.74,null,7.74,7.74,null,"ÁNO"]
[null,"8595244815937","BZZ FBD 00 00 03Z",null,"Lišta balkónová AL - hnedá-rohový 1x1m",null,null,null,1,"ks",7.74,7.74,null,7.74,7.74,null,"ÁNO"]
[null,"8595244845675","BZZ FSB 00 00 00Z",null,"Lišta balkónová AL - šedá-spojka",null,null,null,1,"ks",1.1000000000000001,1.1000000000000001,null,1.1000000000000001,1.1000000000000001,null,"ÁNO"]
[null,"8595244845682","BZZ FSB 00 00 02Z",null,"Lišta balkónová AL - biela-spojka",null,null,null,1,"ks",1.1000000000000001,1.1000000000000001,null,1.1000000000000001,1.1000000000000001,null,"ÁNO"]
[null,"8595244845699","BZZ FSB 00 00 03Z",null,"Lišta balkónová AL - hnedá-spojka",null,null,null,1,"ks",1.1000000000000001,1.1000000000000001,null,1.1000000000000001,1.1000000000000001,null,"ÁNO"]
[null,8594065314933,"BZZ FBA 00 00 01Z",null,"Profil balk. BP 50/6 - Priamy, 2 m",null,null,null,1,"ks",15,15,null,{"$f":"K502*(1-M502/100)","v":15},15,null,"ÁNO"]
[null,8594065314926,"BZZ FBD 00 00 01Z",null,"Profil balk. BP 50/6 - Roh - 0,25x0,25 m",null,null,null,1,"ks",7.7,7.7,null,7.7,7.7,null,"ÁNO"]
[null,8594065314919,"BZZ FSB 00 00 01Z",null,"Profil balk. BP 50/6 - Spojka",null,null,null,1,"ks",1.1000000000000001,1.1000000000000001,null,1.1000000000000001,1.1000000000000001,null,"ÁNO"]
[null,8595169244560,"BZS KPM 03 A0 00Z",null,"MS POLYMÉR              (290 mll)",null,null,"odtieň: šedá",1,"ks",14.7,14.7,null,14.7,14.7,null,"ÁNO"]
[null,null,null,"Plachty na lešenie",null,null,null,null,"Baleníiev MJ",null,"Balenie","za MJ","zľava","Balenie","za MJ"]
[null,null,"74891185",null,"Sieť na lešenie 100 m    (šírka 3,12 m)                   ",null,null,1,100,"bm",{"$f":"L507*I507","v":209.10000000000002},2.0910000000000002,null,{"$f":"O507*I507","v":209.10000000000002},{"$f":"L507*(1-M507/100)","v":2.0910000000000002},null,"ANO"]
[null,null,"74891186",null,"Sieť na lešenie 20 m    (šírka 3,12 m)                   ",null,null,1,20,"bm",{"$f":"L508*I508","v":47.26},2.363,null,{"$f":"O508*I508","v":47.26},{"$f":"L508*(1-M508/100)","v":2.363},null,"ANO"]
[null,null,"BZS FDA 00 00 00Z",null,"DILATAČNÝ PROFIL PODLAHOVÝ L (2 bm/ks)",null,null,"2,00 bm",2,"bm",{"$f":"L509*I509","v":8.1999999999999993},4.0999999999999996,null,{"$f":"O509*I509","v":8.1999999999999993},{"$f":"L509*(1-M509/100)","v":4.0999999999999996},null,"ANO"]
["t",null,null,"Predej izolantov",null,null,null,null,null,null,null,null,null,null,null,null,"Materiál na objednanie"]
[null,null,null,null,null,null,"Hrúbka",null,"Balenie MJ",null,"Cenníková cena bez DPH €/m2",null,"Zľava\n%","Cena po zľave bez DPH"]
[null,"EAN kód","Obj. číslo",null,"Názov tovaru","Poznámka","v mm","ks","m2","m3",null,null,null,"Balenie","za MJ"]
[]
[null,"TEPELNÉ IZOLÁCIE"]
[null,null,null,"Polystyrén fasádny EPS 70 F -  1000/500 mm",null,"Ďaľšie  informáce","Hrúbka","Balenie\nKS","Balenie\nm2","Balenie\nm3",null,null,"Zľava"]
[null,null,"BZZ PFS 01 20 00Z",null,"Polystyren fasádní EPS 70 F/10mm",null,10,50,25,0.25,"Cena na vyžiadanie",null,0,null,null,null,"ÁNO"]
[null,null,"BZZ PFS 02 20 00Z",null,"Polystyren fasádní EPS 70 F/20mm",null,20,25,12.5,0.25,"Cena na vyžiadanie",null,0,null,null,null,"ÁNO"]
[null,null,"BZZ PFS 03 20 00Z",null,"Polystyren fasádní EPS 70 F/30mm",null,30,16,8,0.24,"Cena na vyžiadanie",null,0,null,null,null,"ÁNO"]
[null,null,"BZZ PFS 04 20 00Z",null,"Polystyren fasádní EPS 70 F/40mm",null,40,12,6,0.24,"Cena na vyžiadanie",null,0,null,null,null,"ÁNO"]
[null,null,"BZZ PFS 05 20 00Z",null,"Polystyren fasádní EPS 70 F/50mm",null,50,10,5,0.25,"Cena na vyžiadanie",null,0,null,null,null,"ÁNO"]
[null,null,"BZZ PFS 06 20 00Z",null,"Polystyren fasádní EPS 70 F/60mm",null,60,8,4,0.24,"Cena na vyžiadanie",null,0,null,null,null,"ÁNO"]
[null,null,"BZZ PFS 07 20 00Z",null,"Polystyren fasádní EPS 70 F/70mm",null,70,7,3.5,0.245,"Cena na vyžiadanie",null,0,null,null,null,"ÁNO"]
[null,null,"BZZ PFS 08 20 00Z",null,"Polystyren fasádní EPS 70 F/80mm",null,80,6,3,0.24,"Cena na vyžiadanie",null,0,null,null,null,"ÁNO"]
[null,null,"BZZ PFS 09 20 00Z",null,"Polystyren fasádní EPS 70 F/90mm",null,90,5,2.5,0.22500000000000001,"Cena na vyžiadanie",null,0,null,null,null,"ÁNO"]
[null,null,"BZZ PFS 10 20 00Z",null,"Polystyren fasádní EPS 70 F/100mm",null,100,5,2.5,0.25,"Cena na vyžiadanie",null,0,null,null,null,"ÁNO"]
[null,null,"BZZ PFS 11 20 00Z",null,"Polystyren fasádní EPS 70 F/110mm",null,110,4,2,0.22,"Cena na vyžiadanie",null,0,null,null,null,"ÁNO"]
[null,null,"BZZ PFS 12 20 00Z",null,"Polystyren fasádní EPS 70 F/120mm",null,120,4,2,0.24,"Cena na vyžiadanie",null,0,null,null,null,"ÁNO"]
[null,null,"BZZ PFS 13 20 00Z",null,"Polystyren fasádní EPS 70 F/130mm",null,130,3,1.5,0.19500000000000001,"Cena na vyžiadanie",null,0,null,null,null,"ÁNO"]
[null,null,"BZZ PFS 14 20 00Z",null,"Polystyren fasádní EPS 70 F/140mm",null,140,3,1.5,0.21,"Cena na vyžiadanie",null,0,null,null,null,"ÁNO"]
[null,null,"BZZ PFS 15 20 00Z",null,"Polystyren fasádní EPS 70 F/150mm",null,150,3,1.5,0.22500000000000001,"Cena na vyžiadanie",null,0,null,null,null,"ÁNO"]
[null,null,"BZZ PFS 16 20 00Z",null,"Polystyren fasádní EPS 70 F/160mm",null,160,3,1.5,0.24,"Cena na vyžiadanie",null,0,null,null,null,"ÁNO"]
[null,null,"BZZ PFS 17 20 00Z",null,"Polystyren fasádní EPS 70 F/170mm",null,170,2,1,0.17,"Cena na vyžiadanie",null,0,null,null,null,"ÁNO"]
[null,null,"BZZ PFS 18 20 00Z",null,"Polystyren fasádní EPS 70 F/180mm",null,180,2,1,0.18,"Cena na vyžiadanie",null,0,null,null,null,"ÁNO"]
[null,null,"BZZ PFS 19 20 00Z",null,"Polystyren fasádní EPS 70 F/190mm",null,190,2,1,0.19,"Cena na vyžiadanie",null,0,null,null,null,"ÁNO"]
[null,null,"BZZ PFS 20 20 00Z",null,"Polystyren fasádní EPS 70 F/200mm",null,200,2,1,0.2,"Cena na vyžiadanie",null,0,null,null,null,"ÁNO"]
[null,null,"BZZ PFS 21 20 00Z",null,"Polystyren fasádní EPS 70 F/210mm",null,210,2,1,0.21,"Cena na vyžiadanie",null,0,null,null,null,"ÁNO"]
[null,null,"BZZ PFS 22 20 00Z",null,"Polystyren fasádní EPS 70 F/220mm",null,220,2,1,0.22,"Cena na vyžiadanie",null,0,null,null,null,"ÁNO"]
[null,null,"BZZ PFS 23 20 00Z",null,"Polystyren fasádní EPS 70 F/230mm",null,230,2,1,0.23,"Cena na vyžiadanie",null,0,null,null,null,"ÁNO"]
[null,null,"BZZ PFS 24 20 00Z",null,"Polystyren fasádní EPS 70 F/240mm",null,240,2,1,0.24,"Cena na vyžiadanie",null,0,null,null,null,"ÁNO"]
[null,null,"BZZ PFS 25 20 00Z",null,"Polystyren fasádní EPS 70 F/250mm",null,250,2,1,0.25,"Cena na vyžiadanie",null,0,null,null,null,"ÁNO"]
[null,null,null,"Polystyren fasádní EPS 100 F -  1000/500 mm",null,"Ďaľšie  informáce","Hrúbka","Balenie\nKS","Balenie\nm2","Balenie\nm3"]
[null,null,"BZZ PFS 01 25 00Z",null,"Polystyren fasádní EPS 100 F/10mm",null,10,50,25,0.25,"Cena na vyžiadanie",null,0,null,null,null,"ÁNO"]
[null,null,"BZZ PFS 02 25 00Z",null,"Polystyren fasádní EPS 100 F/20mm",null,20,25,12.5,0.25,"Cena na vyžiadanie",null,0,null,null,null,"ÁNO"]
[null,null,"BZZ PFS 03 25 00Z",null,"Polystyren fasádní EPS 100 F/30mm",null,30,16,8,0.24,"Cena na vyžiadanie",null,0,null,null,null,"ÁNO"]
[null,null,"BZZ PFS 04 25 00Z",null,"Polystyren fasádní EPS 100 F/40mm",null,40,12,6,0.24,"Cena na vyžiadanie",null,0,null,null,null,"ÁNO"]
[null,null,"BZZ PFS 05 25 00Z",null,"Polystyren fasádní EPS 100 F/50mm",null,50,10,5,0.25,"Cena na vyžiadanie",null,0,null,null,null,"ÁNO"]
[null,null,"BZZ PFS 06 25 00Z",null,"Polystyren fasádní EPS 100 F/60mm",null,60,8,4,0.24,"Cena na vyžiadanie",null,0,null,null,null,"ÁNO"]
[null,null,"BZZ PFS 07 25 00Z",null,"Polystyren fasádní EPS 100 F/100mm",null,70,7,3.5,0.245,"Cena na vyžiadanie",null,0,null,null,null,"ÁNO"]
[null,null,"BZZ PFS 08 25 00Z",null,"Polystyren fasádní EPS 100 F/80mm",null,80,6,3,0.24,"Cena na vyžiadanie",null,0,null,null,null,"ÁNO"]
[null,null,"BZZ PFS 09 25 00Z",null,"Polystyren fasádní EPS 100 F/90mm",null,90,5,2.5,0.22500000000000001,"Cena na vyžiadanie",null,0,null,null,null,"ÁNO"]
[null,null,"BZZ PFS 10 25 00Z",null,"Polystyren fasádní EPS 100 F/100mm",null,100,5,2.5,0.25,"Cena na vyžiadanie",null,0,null,null,null,"ÁNO"]
[null,null,"BZZ PFS 11 25 00Z",null,"Polystyren fasádní EPS 100 F/110mm",null,110,4,2,0.22,"Cena na vyžiadanie",null,0,null,null,null,"ÁNO"]
[null,null,"BZZ PFS 12 25 00Z",null,"Polystyren fasádní EPS 100 F/120mm",null,120,4,2,0.24,"Cena na vyžiadanie",null,0,null,null,null,"ÁNO"]
[null,null,"BZZ PFS 13 25 00Z",null,"Polystyren fasádní EPS 100 F/130mm",null,130,3,1.5,0.19500000000000001,"Cena na vyžiadanie",null,0,null,null,null,"ÁNO"]
[null,null,"BZZ PFS 14 25 00Z",null,"Polystyren fasádní EPS 100 F/140mm",null,140,3,1.5,0.21,"Cena na vyžiadanie",null,0,null,null,null,"ÁNO"]
[null,null,"BZZ PFS 15 25 00Z",null,"Polystyren fasádní EPS 100 F/150mm",null,150,3,1.5,0.22500000000000001,"Cena na vyžiadanie",null,0,null,null,null,"ÁNO"]
[null,null,"BZZ PFS 16 25 00Z",null,"Polystyren fasádní EPS 100 F/160mm",null,160,3,1.5,0.24,"Cena na vyžiadanie",null,0,null,null,null,"ÁNO"]
[null,null,"BZZ PFS 17 25 00Z",null,"Polystyren fasádní EPS 100 F/1100mm",null,170,2,1,0.17,"Cena na vyžiadanie",null,0,null,null,null,"ÁNO"]
[null,null,"BZZ PFS 18 25 00Z",null,"Polystyren fasádní EPS 100 F/180mm",null,180,2,1,0.18,"Cena na vyžiadanie",null,0,null,null,null,"ÁNO"]
[null,null,"BZZ PFS 19 25 00Z",null,"Polystyren fasádní EPS 100 F/190mm",null,190,2,1,0.19,"Cena na vyžiadanie",null,0,null,null,null,"ÁNO"]
[null,null,"BZZ PFS 20 25 00Z",null,"Polystyren fasádní EPS 100 F/200mm",null,200,2,1,0.2,"Cena na vyžiadanie",null,0,null,null,null,"ÁNO"]
[null,null,"BZZ PFS 21 25 00Z",null,"Polystyren fasádní EPS 100 F/210mm",null,210,2,1,0.21,"Cena na vyžiadanie",null,0,null,null,null,"ÁNO"]
[null,null,"BZZ PFS 22 25 00Z",null,"Polystyren fasádní EPS 100 F/220mm",null,220,2,1,0.22,"Cena na vyžiadanie",null,0,null,null,null,"ÁNO"]
[null,null,"BZZ PFS 23 25 00Z",null,"Polystyren fasádní EPS 100 F/230mm",null,230,2,1,0.23,"Cena na vyžiadanie",null,0,null,null,null,"ÁNO"]
[null,null,"BZZ PFS 24 25 00Z",null,"Polystyren fasádní EPS 100 F/240mm",null,240,2,1,0.24,"Cena na vyžiadanie",null,0,null,null,null,"ÁNO"]
[null,null,"BZZ PFS 25 25 00Z",null,"Polystyren fasádní EPS 100 F/250mm",null,250,2,1,0.25,"Cena na vyžiadanie",null,0,null,null,null,"ÁNO"]
[null,null,null,"Polystyren fasádní EPS 70 šedý -  1000/500 mm",null,"Ďaľšie  informáce","Hrúbka","Balenie\nKS","Balenie\nm2","Balenie\nm3"]
[null,null,"BZZ PFS 01 20 02Z",null,"Polystyren fasádní EPS 70 šedý/10mm",null,10,50,25,0.25,"Cena na vyžiadanie",null,0,null,null,null,"ÁNO"]
[null,null,"BZZ PFS 02 20 02Z",null,"Polystyren fasádní EPS 70 šedý/20mm",null,20,25,12.5,0.25,"Cena na vyžiadanie",null,0,null,null,null,"ÁNO"]
[null,null,"BZZ PFS 03 20 02Z",null,"Polystyren fasádní EPS 70 šedý/30mm",null,30,16,8,0.24,"Cena na vyžiadanie",null,0,null,null,null,"ÁNO"]
[null,null,"BZZ PFS 04 20 02Z",null,"Polystyren fasádní EPS 70 šedý/40mm",null,40,12,6,0.24,"Cena na vyžiadanie",null,0,null,null,null,"ÁNO"]
[null,null,"BZZ PFS 05 20 02Z",null,"Polystyren fasádní EPS 70 šedý/50mm",null,50,10,5,0.25,"Cena na vyžiadanie",null,0,null,null,null,"ÁNO"]
[null,null,"BZZ PFS 06 20 02Z",null,"Polystyren fasádní EPS 70 šedý/60mm",null,60,8,4,0.24,"Cena na vyžiadanie",null,0,null,null,null,"ÁNO"]
[null,null,"BZZ PFS 07 20 02Z",null,"Polystyren fasádní EPS 70 šedý/70mm",null,70,7,3.5,0.245,"Cena na vyžiadanie",null,0,null,null,null,"ÁNO"]
[null,null,"BZZ PFS 08 20 02Z",null,"Polystyren fasádní EPS 70 šedý/80mm",null,80,6,3,0.24,"Cena na vyžiadanie",null,0,null,null,null,"ÁNO"]
[null,null,"BZZ PFS 09 20 02Z",null,"Polystyren fasádní EPS 70 šedý/90mm",null,90,5,2.5,0.22500000000000001,"Cena na vyžiadanie",null,0,null,null,null,"ÁNO"]
[null,null,"BZZ PFS 10 20 02Z",null,"Polystyren fasádní EPS 70 šedý/100mm",null,100,5,2.5,0.25,"Cena na vyžiadanie",null,0,null,null,null,"ÁNO"]
[null,null,"BZZ PFS 11 20 02Z",null,"Polystyren fasádní EPS 70 šedý/110mm",null,110,4,2,0.22,"Cena na vyžiadanie",null,0,null,null,null,"ÁNO"]
[null,null,"BZZ PFS 12 20 02Z",null,"Polystyren fasádní EPS 70 šedý/120mm",null,120,4,2,0.24,"Cena na vyžiadanie",null,0,null,null,null,"ÁNO"]
[null,null,"BZZ PFS 13 20 02Z",null,"Polystyren fasádní EPS 70 šedý/130mm",null,130,3,1.5,0.19500000000000001,"Cena na vyžiadanie",null,0,null,null,null,"ÁNO"]
[null,null,"BZZ PFS 14 20 02Z",null,"Polystyren fasádní EPS 70 šedý/140mm",null,140,3,1.5,0.21,"Cena na vyžiadanie",null,0,null,null,null,"ÁNO"]
[null,null,"BZZ PFS 15 20 02Z",null,"Polystyren fasádní EPS 70 šedý/150mm",null,150,3,1.5,0.22500000000000001,"Cena na vyžiadanie",null,0,null,null,null,"ÁNO"]
[null,null,"BZZ PFS 16 20 02Z",null,"Polystyren fasádní EPS 70 šedý/160mm",null,160,3,1.5,0.24,"Cena na vyžiadanie",null,0,null,null,null,"ÁNO"]
[null,null,"BZZ PFS 17 20 02Z",null,"Polystyren fasádní EPS 70 šedý/170mm",null,170,2,1,0.17,"Cena na vyžiadanie",null,0,null,null,null,"ÁNO"]
[null,null,"BZZ PFS 18 20 02Z",null,"Polystyren fasádní EPS 70 šedý/180mm",null,180,2,1,0.18,"Cena na vyžiadanie",null,0,null,null,null,"ÁNO"]
[null,null,"BZZ PFS 19 20 02Z",null,"Polystyren fasádní EPS 70 šedý/190mm",null,190,2,1,0.19,"Cena na vyžiadanie",null,0,null,null,null,"ÁNO"]
[null,null,"BZZ PFS 20 20 02Z",null,"Polystyren fasádní EPS 70 šedý/200mm",null,200,2,1,0.2,"Cena na vyžiadanie",null,0,null,null,null,"ÁNO"]
[null,null,"BZZ PFS 21 20 02Z",null,"Polystyren fasádní EPS 70 šedý/210mm",null,210,2,1,0.21,"Cena na vyžiadanie",null,0,null,null,null,"ÁNO"]
[null,null,"BZZ PFS 22 20 02Z",null,"Polystyren fasádní EPS 70 šedý/220mm",null,220,2,1,0.22,"Cena na vyžiadanie",null,0,null,null,null,"ÁNO"]
[null,null,"BZZ PFS 23 20 02Z",null,"Polystyren fasádní EPS 70 šedý/230mm",null,230,2,1,0.23,"Cena na vyžiadanie",null,0,null,null,null,"ÁNO"]
[null,null,"BZZ PFS 24 20 02Z",null,"Polystyren fasádní EPS 70 šedý/240mm",null,240,2,1,0.24,"Cena na vyžiadanie",null,0,null,null,null,"ÁNO"]
[null,null,"BZZ PFS 25 20 02Z",null,"Polystyren fasádní EPS 70 šedý/250mm",null,250,2,1,0.25,"Cena na vyžiadanie",null,0,null,null,null,"ÁNO"]
[null,null,null,"Polystyrén soklový  -  1000/500 mm",null,"Ďaľšie  informáce","Hrúbka","Balenie\nKS","Balenie\nm2","Balenie\nm3"]
[null,null,"BZZ PSS 02 00 00Z",null,"Polystyren soklový EPS /20mm",null,20,16,12.5,0.25,"Cena na vyžiadanie",null,0,null,null,null,"ÁNO"]
[null,null,"BZZ PSS 03 00 00Z",null,"Polystyren soklový EPS /30mm",null,30,16,8,0.24,"Cena na vyžiadanie",null,0,null,null,null,"ÁNO"]
[null,null,"BZZ PSS 04 00 00Z",null,"Polystyren soklový EPS /40mm",null,40,12,6,0.24,"Cena na vyžiadanie",null,0,null,null,null,"ÁNO"]
[null,null,"BZZ PSS 05 00 00Z",null,"Polystyren soklový EPS /50mm",null,50,10,5,0.25,"Cena na vyžiadanie",null,0,null,null,null,"ÁNO"]
[null,null,"BZZ PSS 06 00 00Z",null,"Polystyren soklový EPS /60mm",null,60,8,4,0.24,"Cena na vyžiadanie",null,0,null,null,null,"ÁNO"]
[null,null,"BZZ PSS 07 00 00Z",null,"Polystyren soklový EPS /70mm",null,70,7,3.5,0.245,"Cena na vyžiadanie",null,0,null,null,null,"ÁNO"]
[null,null,"BZZ PSS 08 00 00Z",null,"Polystyren soklový EPS /80mm",null,80,6,3,0.24,"Cena na vyžiadanie",null,0,null,null,null,"ÁNO"]
[null,null,"BZZ PSS 10 00 00Z",null,"Polystyren soklový EPS /100mm",null,100,5,2.5,0.25,"Cena na vyžiadanie",null,0,null,null,null,"ÁNO"]
[null,null,"BZZ PSS 12 00 00Z",null,"Polystyren soklový EPS /120mm",null,120,4,2,0.24,"Cena na vyžiadanie",null,0,null,null,null,"ÁNO"]
[null,null,"BZZ PSS 14 00 00Z",null,"Polystyren soklový EPS /140mm",null,140,3,1.5,0.21,"Cena na vyžiadanie",null,0,null,null,null,"ÁNO"]
[null,null,"BZZ PSS 16 00 00Z",null,"Polystyren soklový EPS /160mm",null,160,3,1.5,0.24,"Cena na vyžiadanie",null,0,null,null,null,"ÁNO"]
[null,null,"BZZ PSS 18 00 00Z",null,"Polystyren soklový EPS /180mm",null,180,2,1,0.18,"Cena na vyžiadanie",null,0,null,null,null,"ÁNO"]
[null,null,"BZZ PSS 20 00 00Z",null,"Polystyren soklový EPS /200mm",null,200,2,1,0.2,"Cena na vyžiadanie",null,0,null,null,null,"ÁNO"]
[null,null,null,"Izolačné dosky perimeter -  1250/600 mm ",null,"Ďaľšie  informáce","Hrúbka","Balenie\nKS","Balenie\nm2","Balenie\nm3"]
[null,null,"BZZ PDP 03 00 00Z",null,"Polystyren perimetr /30mm",null,30,14,10.89,0.32670000000000005,"Cena na vyžiadanie",null,0,null,null,null,"ÁNO"]
[null,null,"BZZ PDP 04 00 00Z",null,"Polystyren perimetr /40mm",null,40,10,7.78,0.31119999999999998,"Cena na vyžiadanie",null,0,null,null,null,"ÁNO"]
[null,null,"BZZ PDP 05 00 00Z",null,"Polystyren perimetr /50mm",null,50,8,6.22,0.311,"Cena na vyžiadanie",null,0,null,null,null,"ÁNO"]
[null,null,"BZZ PDP 06 00 00Z",null,"Polystyren perimetr /60mm",null,60,7,5.45,0.32700000000000001,"Cena na vyžiadanie",null,0,null,null,null,"ÁNO"]
[null,null,"BZZ PDP 07 00 00Z",null,"Polystyren perimetr /70mm",null,70,6,4.67,0.32689999999999997,"Cena na vyžiadanie",null,0,null,null,null,"ÁNO"]
[null,null,"BZZ PDP 08 00 00Z",null,"Polystyren perimetr /80mm",null,80,5,3.89,0.31119999999999998,"Cena na vyžiadanie",null,0,null,null,null,"ÁNO"]
[null,null,"BZZ PDP 10 00 00Z",null,"Polystyren perimetr /100mm",null,100,4,3.11,0.311,"Cena na vyžiadanie",null,0,null,null,null,"ÁNO"]
[null,null,"BZZ PDP 12 00 00Z",null,"Polystyren perimetr /120mm",null,120,3,2.33,0.27960000000000002,"Cena na vyžiadanie",null,0,null,null,null,"ÁNO"]
[null,null,"BZZ PDP 14 00 00Z",null,"Polystyren perimetr /140mm",null,140,3,2.33,0.32619999999999999,"Cena na vyžiadanie",null,0,null,null,null,"ÁNO"]
[null,null,"BZZ PDP 16 00 00Z",null,"Polystyren perimetr /160mm",null,160,3,2.33,0.37280000000000002,"Cena na vyžiadanie",null,0,null,null,null,"ÁNO"]
[null,null,"BZZ PDP 18 00 00Z",null,"Polystyren perimetr /180mm",null,180,2,1.56,0.28079999999999999,"Cena na vyžiadanie",null,0,null,null,null,"ÁNO"]
[null,null,"BZZ PDP 20 00 00Z",null,"Polystyren perimetr /200mm",null,200,2,1.56,0.312,"Cena na vyžiadanie",null,0,null,null,null,"ÁNO"]
[null,null,null,"Extrudovaný polystyrén XPS 300 G vrúbkovaný,\nrovná hrana - 1250/600mm",null,"Ďaľšie  informáce","Hrúbka","Balenie\nKS","Balenie\nm2","Balenie\nm3"]
[null,null,"BZZ PEX 03 00 00Z",null,"Polystyren extrudovaný XPS G/30mm",null,30,14,10.5,0.315,"Cena na vyžiadanie",null,0,null,null,null,"ÁNO"]
[null,null,"BZZ PEX 04 00 00Z",null,"Polystyren extrudovaný XPS G/40mm",null,40,10,7.5,0.3,"Cena na vyžiadanie",null,0,null,null,null,"ÁNO"]
[null,null,"BZZ PEX 05 00 00Z",null,"Polystyren extrudovaný XPS G/50mm",null,50,8,6,0.3,"Cena na vyžiadanie",null,0,null,null,null,"ÁNO"]
[null,null,"BZZ PEX 06 00 00Z",null,"Polystyren extrudovaný XPS G/60mm",null,60,7,5.25,0.315,"Cena na vyžiadanie",null,0,null,null,null,"ÁNO"]
[null,null,"BZZ PEX 08 00 00Z",null,"Polystyren extrudovaný XPS G/80mm",null,80,5,3.75,0.3,"Cena na vyžiadanie",null,0,null,null,null,"ÁNO"]
[null,null,"BZZ PEX 10 00 00Z",null,"Polystyren extrudovaný XPS G/100mm",null,100,4,3,0.3,"Cena na vyžiadanie",null,0,null,null,null,"ÁNO"]
[null,null,"BZZ PEX 12 00 00Z",null,"Polystyren extrudovaný XPS G/120mm",null,120,3,3,0.27,"Cena na vyžiadanie",null,0,null,null,null,"ÁNO"]
[null,null,"BZZ PEX 14 00 00Z",null,"Polystyren extrudovaný XPS GK/140mm",null,140,3,2.25,0.315,"Cena na vyžiadanie",null,0,null,null,null,"ÁNO"]
[null,null,"BZZ PEX 16 00 00Z",null,"Polystyren extrudovaný XPS GK/160mm",null,160,3,2.25,0.36,"Cena na vyžiadanie",null,0,null,null,null,"ÁNO"]
[null,null,"BZZ PEX 18 00 00Z",null,"Polystyren extrudovaný XPS GK/180mm",null,180,2,1.5,0.27,"Cena na vyžiadanie",null,0,null,null,null,"ÁNO"]
[null,null,"BZZ PEX 20 00 00Z",null,"Polystyren extrudovaný XPS GK/200mm",null,200,2,1.5,0.3,"Cena na vyžiadanie",null,0,null,null,null,"ÁNO"]
[null,null,null,null,"MINERÁLNA VLNA"]
[null,null,null,"Minerálna vlna TR 10 - FKD S Thermal -1000/600 mm",null,"Ďaľšie  informáce","Hrúbka","Balenie\nKS","Balenie\nm2","Balenie\nm3"]
[null,null,"BZZ VFP 05 00 00Z",null,"Minerální vlna FKD S Thermal /50mm",null,50,7,4.2,0.21,"Cena na vyžiadanie",null,0,null,null,null,"ÁNO"]
[null,null,"BZZ VFP 06 00 00Z",null,"Minerální vlna FKD S Thermal /60mm",null,60,5,3,0.18,"Cena na vyžiadanie",null,0,null,null,null,"ÁNO"]
[null,null,"BZZ VFP 07 00 00Z",null,"Minerální vlna FKD S Thermal /70mm",null,70,4,2.4,0.16800000000000001,"Cena na vyžiadanie",null,0,null,null,null,"ÁNO"]
[null,null,"BZZ VFP 08 00 00Z",null,"Minerální vlna FKD S Thermal /80mm",null,80,4,2.4,0.192,"Cena na vyžiadanie",null,0,null,null,null,"ÁNO"]
[null,null,"BZZ VFP 10 00 00Z",null,"Minerální vlna FKD S Thermal /100mm",null,100,3,1.8,0.18,"Cena na vyžiadanie",null,0,null,null,null,"ÁNO"]
[null,null,"BZZ VFP 12 00 00Z",null,"Minerální vlna FKD S Thermal /120mm",null,120,2,1.2,0.14399999999999999,"Cena na vyžiadanie",null,0,null,null,null,"ÁNO"]
[null,null,"BZZ VFP 14 00 00Z",null,"Minerální vlna FKD S Thermal /140mm",null,140,2,1.2,0.16800000000000001,"Cena na vyžiadanie",null,0,null,null,null,"ÁNO"]
[null,null,"BZZ VFP 15 00 00Z",null,"Minerální vlna FKD S Thermal /150mm",null,150,2,1.2,0.18,"Cena na vyžiadanie",null,0,null,null,null,"ÁNO"]
[null,null,"BZZ VFP 16 00 00Z",null,"Minerální vlna FKD S Thermal /160mm",null,160,2,1.2,0.192,"Cena na vyžiadanie",null,0,null,null,null,"ÁNO"]
[null,null,"BZZ VFP 18 00 00Z",null,"Minerální vlna FKD S Thermal /180mm",null,180,2,1.2,0.216,"Cena na vyžiadanie",null,0,null,null,null,"ÁNO"]
[null,null,"BZZ VFP 20 00 00Z",null,"Minerální vlna FKD S Thermal /200mm",null,200,2,1.2,0.24,"Cena na vyžiadanie",null,0,null,null,null,"ÁNO"]
[null,null,"BZZ VFP 22 00 00Z",null,"Minerální vlna FKD S Thermal /220mm",null,220,1,0.6,0.13200000000000001,"Cena na vyžiadanie",null,0,null,null,null,"ÁNO"]
[null,null,"BZZ VFP 24 00 00Z",null,"Minerální vlna FKD S Thermal /240mm",null,240,1,0.6,0.14399999999999999,"Cena na vyžiadanie",null,0,null,null,null,"ÁNO"]
[null,null,null,"Minerálna vlna FKD RS - 1000/600 mm (pre ostenie)",null,"Ďaľšie  informáce","Hrúbka","Balenie\nKS","Balenie\nm2","Balenie\nm3"]
[null,null,"BZZ VFP 02 00 00Z",null,"Minerální vlna FKD RS /20mm",null,20,12,7.2,0.14399999999999999,"Cena na vyžiadanie",null,0,null,null,null,"ÁNO"]
[null,null,"BZZ VFP 03 00 00Z",null,"Minerální vlna FKD RS /30mm",null,30,8,4.8,0.14399999999999999,"Cena na vyžiadanie",null,0,null,null,null,"ÁNO"]
[null,null,"BZZ VFP 04 00 00Z",null,"Minerální vlna FKD RS /40mm",null,40,8,4.8,0.192,"Cena na vyžiadanie",null,0,null,null,null,"ÁNO"]
[null,null,null,"Minerálna vlna TR 80 - FKL - 1200/200 mm (kolmé vlákno)",null,"Ďaľšie  informáce","Hrúbka","Balenie\nKS","Balenie\nm2","Balenie\nm3"]
[null,null,"BZZ VFR 04 00 00Z",null,"Minerální vlna FKL kolmé vlákno  /40mm",null,40,24,5.76,0.23039999999999997,"Cena na vyžiadanie",null,0,null,null,null,"ÁNO"]
[null,null,"BZZ VFR 05 00 00Z",null,"Minerální vlna FKL kolmé vlákno  /50mm",null,50,18,4.32,0.216,"Cena na vyžiadanie",null,0,null,null,null,"ÁNO"]
[null,null,"BZZ VFR 06 00 00Z",null,"Minerální vlna FKL kolmé vlákno  /60mm",null,60,18,4.32,0.25920000000000004,"Cena na vyžiadanie",null,0,null,null,null,"ÁNO"]
[null,null,"BZZ VFR 07 00 00Z",null,"Minerální vlna FKL kolmé vlákno  /70mm",null,70,15,3.6,0.252,"Cena na vyžiadanie",null,0,null,null,null,"ÁNO"]
[null,null,"BZZ VFR 08 00 00Z",null,"Minerální vlna FKL kolmé vlákno  /80mm",null,80,12,2.88,0.23039999999999997,"Cena na vyžiadanie",null,0,null,null,null,"ÁNO"]
[null,null,"BZZ VFR 10 00 00Z",null,"Minerální vlna FKL kolmé vlákno  /100mm",null,100,9,2.16,0.216,"Cena na vyžiadanie",null,0,null,null,null,"ÁNO"]
[null,null,"BZZ VFR 12 00 00Z",null,"Minerální vlna FKL kolmé vlákno  /120mm",null,120,9,2.16,0.25920000000000004,"Cena na vyžiadanie",null,0,null,null,null,"ÁNO"]
[null,null,"BZZ VFR 14 00 00Z",null,"Minerální vlna FKL kolmé vlákno  /140mm",null,140,9,2.16,0.30240000000000006,"Cena na vyžiadanie",null,0,null,null,null,"ÁNO"]
[null,null,"BZZ VFR 15 00 00Z",null,"Minerální vlna FKL kolmé vlákno  /150mm",null,150,6,1.44,0.216,"Cena na vyžiadanie",null,0,null,null,null,"ÁNO"]
[null,null,"BZZ VFR 16 00 00Z",null,"Minerální vlna FKL kolmé vlákno  /160mm",null,160,6,1.44,0.23039999999999997,"Cena na vyžiadanie",null,0,null,null,null,"ÁNO"]
[null,null,"BZZ VFR 18 00 00Z",null,"Minerální vlna FKL kolmé vlákno  /180mm",null,180,6,1.44,0.25919999999999999,"Cena na vyžiadanie",null,0,null,null,null,"ÁNO"]
[null,null,"BZZ VFR 20 00 00Z",null,"Minerální vlna FKL kolmé vlákno  /200mm",null,200,6,1.44,0.28799999999999998,"Cena na vyžiadanie",null,0,null,null,null,"ÁNO"]
[null,null,"BZZ VFR 22 00 00Z",null,"Minerální vlna FKL kolmé vlákno  /220mm",null,220,6,1.44,0.31680000000000003,"Cena na vyžiadanie",null,0,null,null,null,"ÁNO"]
[null,null,"BZZ VFR 24 00 00Z",null,"Minerální vlna FKL kolmé vlákno  /240mm",null,240,3,0.72,0.17279999999999998,"Cena na vyžiadanie",null,0,null,null,null,"ÁNO"]
[null,null,"BZZ VFR 26 00 00Z",null,"Minerální vlna FKL kolmé vlákno  /260mm",null,260,3,0.72,0.18719999999999998,"Cena na vyžiadanie",null,0,null,null,null,"ÁNO"]
[null,null,"BZZ VFR 28 00 00Z",null,"Minerální vlna FKL kolmé vlákno  /280mm",null,280,3,0.72,0.2016,"Cena na vyžiadanie",null,0,null,null,null,"ÁNO"]
[null,null,"BZZ VFR 30 00 00Z",null,"Minerální vlna FKL kolmé vlákno  /300mm",null,300,3,0.72,0.216,"Cena na vyžiadanie",null,0,null,null,null,"ÁNO"]
[null,null,null,"Minerálna vlna CLT C1 Thermal - 1000/200 mm\n(lamely se silikát.nástřikem na stropy)",null,"Ďaľšie  informáce","Hrúbka","Balenie\nKS","Balenie\nm2","Balenie\nm3"]
[null,null,"BZZ VFR 05 00 02Z",null,"Minerální vlna CLT C1 Thermal  /50mm",null,50,18,3.6,0.18000000000000002,"Cena na vyžiadanie",null,0,null,null,null,"ÁNO"]
[null,null,"BZZ VFR 06 00 02Z",null,"Minerální vlna CLT C1 Thermal  /60mm",null,60,18,3.6,0.216,"Cena na vyžiadanie",null,0,null,null,null,"ÁNO"]
[null,null,"BZZ VFR 08 00 02Z",null,"Minerální vlna CLT C1 Thermal  /80mm",null,80,12,2.4,0.192,"Cena na vyžiadanie",null,0,null,null,null,"ÁNO"]
[null,null,"BZZ VFR 10 00 02Z",null,"Minerální vlna CLT C1 Thermal  /100mm",null,100,9,1.8,0.18000000000000002,"Cena na vyžiadanie",null,0,null,null,null,"ÁNO"]
[null,null,"BZZ VFR 12 00 02Z",null,"Minerální vlna CLT C1 Thermal  /120mm",null,120,9,1.8,0.216,"Cena na vyžiadanie",null,0,null,null,null,"ÁNO"]
[null,null,"BZZ VFR 14 00 02Z",null,"Minerální vlna CLT C1 Thermal  /140mm",null,140,9,1.8,0.25200000000000006,"Cena na vyžiadanie",null,0,null,null,null,"ÁNO"]
[null,null,"BZZ VFR 15 00 02Z",null,"Minerální vlna CLT C1 Thermal  /150mm",null,150,6,1.2,0.18,"Cena na vyžiadanie",null,0,null,null,null,"ÁNO"]
[null,null,"BZZ VFR 16 00 02Z",null,"Minerální vlna CLT C1 Thermal  /160mm",null,160,6,1.2,0.192,"Cena na vyžiadanie",null,0,null,null,null,"ÁNO"]
[null,null,"BZZ VFR 18 00 02Z",null,"Minerální vlna CLT C1 Thermal  /180mm",null,180,6,1.2,0.216,"Cena na vyžiadanie",null,0,null,null,null,"ÁNO"]
[null,null,"BZZ VFR 20 00 02Z",null,"Minerální vlna CLT C1 Thermal  /200mm",null,200,6,1.2,0.24,"Cena na vyžiadanie",null,0,null,null,null,"ÁNO"]
[null,null,"BZZ VFR 22 00 02Z",null,"Minerální vlna CLT C1 Thermal  /220mm",null,220,3,0.6,0.13200000000000001,"Cena na vyžiadanie",null,0,null,null,null,"ÁNO"]
[null,null,"BZZ VFR 24 00 02Z",null,"Minerální vlna CLT C1 Thermal  /240mm",null,240,3,0.6,0.14399999999999999,"Cena na vyžiadanie",null,0,null,null,null,"ÁNO"]
[null,null,null,null,"FENOLICKÁ PENA"]
[null,null,null,"Fenolická pena - KOOLTHERM K5 1200 x 400 mm",null,"Ďaľšie  informáce","Hrúbka","Balenie\nKS","Balenie\nm2","Balenie\nm3"]
[null,null,"BZZ IK5 02 00 00Z",null,"KOOLTHERM K5 tl. 20mm (12,96m2/bal)",null,20,27.000000000000004,12.96,0.25920000000000004,"Cena na vyžiadanie",null,0,null,null,null,"ÁNO"]
[null,null,"BZZ IK5 03 00 00Z",null,"KOOLTHERM K5 tl. 30mm (8,64m2/bal)",null,30,18.000000000000004,8.64,0.25920000000000004,"Cena na vyžiadanie",null,0,null,null,null,"ÁNO"]
[null,null,"BZZ IK5 04 00 00Z",null,"KOOLTHERM K5 tl. 40mm (6,72m2/bal)",null,40,14,6.72,0.26880000000000004,"Cena na vyžiadanie",null,0,null,null,null,"ÁNO"]
[null,null,"BZZ IK5 05 00 00Z",null,"KOOLTHERM K5 tl. 50mm (5,28m2/bal)",null,50,11.000000000000002,5.28,0.26400000000000001,"Cena na vyžiadanie",null,0,null,null,null,"ÁNO"]
[null,null,"BZZ IK5 06 00 00Z",null,"KOOLTHERM K5 tl. 60mm (4,8m2/bal)",null,60,10,4.8,0.28799999999999998,"Cena na vyžiadanie",null,0,null,null,null,"ÁNO"]
[null,null,"BZZ IK5 07 00 00Z",null,"KOOLTHERM K5 tl. 70mm (3,84m2/bal)",null,70,8,3.84,0.26880000000000004,"Cena na vyžiadanie",null,0,null,null,null,"ÁNO"]
[null,null,"BZZ IK5 08 00 00Z",null,"KOOLTHERM K5 tl. 80mm (3,36m2/bal)",null,80,7,3.36,0.26880000000000004,"Cena na vyžiadanie",null,0,null,null,null,"ÁNO"]
[null,null,"BZZ IK5 09 00 00Z",null,"KOOLTHERM K5 tl. 90mm (2,88m2/bal)",null,90,6,2.88,0.25919999999999999,"Cena na vyžiadanie",null,0,null,null,null,"ÁNO"]
[null,null,"BZZ IK5 10 00 00Z",null,"KOOLTHERM K5 tl. 100mm (2,88m2/bal)",null,100,6,2.88,0.28799999999999998,"Cena na vyžiadanie",null,0,null,null,null,"ÁNO"]
[null,null,"BZZ IK5 12 00 00Z",null,"KOOLTHERM K5 tl. 120mm (2,40m2/bal)",null,120,5,2.4,0.28799999999999998,"Cena na vyžiadanie",null,0,null,null,null,"ÁNO"]
[null,null,"BZZ IK5 14 00 00Z",null,"KOOLTHERM K5 tl. 140mm (1,92m2/bal)",null,140,4,1.92,0.26880000000000004,"Cena na vyžiadanie",null,0,null,null,null,"ÁNO"]
[null,null,"BZZ IK5 16 00 00Z",null,"KOOLTHERM K5 tl. 160mm (1,44m2/bal)",null,160,3,1.44,0.23039999999999997,"Cena na vyžiadanie",null,0,null,null,null,"ÁNO"]
[null,null,"BZZ IK5 18 00 00Z",null,"KOOLTHERM K5 tl. 180mm (1,44m2/bal)",null,180,3,1.44,0.25919999999999999,"Cena na vyžiadanie",null,0,null,null,null,"ÁNO"]
[null,null,"BZZ IK5 20 00 00Z",null,"KOOLTHERM K5 tl. 200mm (1,44m2/bal)",null,200,3,1.44,0.28799999999999998,"Cena na vyžiadanie",null,0,null,null,null,"ÁNO"]